{"text_format":"3","workbook":"xlsx","n_sheets":10,"sheets":["评估结果汇总表","原材料","房屋建筑物","构筑物及其他辅助设施","井巷工程","机器设备","电子设备","矿业权","长期待摊费用","Sheet1"],"not_rendered":{"external_links":1,"defined_names":24,"comments":5},"read":"whole","date_system":"1900"}

{"sheet":"评估结果汇总表","index":0,"n_rows":20,"n_cols":5,"rows_kept":20,"merged":[[0,0,0,4],[4,0,5,1],[4,2,5,2],[4,3,5,3]]}
["资产评估结果汇总表"]
["评估基准日：2021年9月30日"]
[]
["被评估单位：贵州鑫悦煤炭有限公司"]
["项      目",null,"审计前账面价值","审计调整","清算价值"]
[{"$nulls":4},"B"]
["原材料",1,{"v":462782.45,"d":"462,782.45"},{"v":212815.6,"d":"212,815.60"},{"v":908750.196,"d":"908,750.20"}]
["房屋建筑物",2,{"v":3337029.01,"d":"3,337,029.01"},{"v":1563543.6,"d":"1,563,543.60"},{"v":1058946,"d":"1,058,946.00"}]
["构筑物及其他辅助设施",3,{"v":5053522.43,"d":"5,053,522.43"},{"v":2473270.4,"d":"2,473,270.40"},{"v":622518.4,"d":"622,518.40"}]
["井巷工程",4,{"v":44938074.22,"d":"44,938,074.22"},{"v":14995547.6,"d":"14,995,547.60"},{"v":3479788.8,"d":"3,479,788.80"}]
["机器设备",5,{"v":3798417.97,"d":"3,798,417.97"},{"v":1638413.2,"d":"1,638,413.20"},{"v":1336900.4,"d":"1,336,900.40"}]
["电子设备",6,{"v":297609.96,"d":"297,609.96"},{"v":792360,"d":"792,360.00"},{"v":18862.4,"d":"18,862.40"}]
["矿业权",7,{"v":255831094.35,"d":"255,831,094.35"},{"v":107036320,"d":"107,036,320.00"},{"v":49987959.628,"d":"49,987,959.63"}]
["长期待摊费用",8,{"v":1554690.58,"d":"1,554,690.58"},{"v":621876.23,"d":"621,876.23"},{"v":305909.236,"d":"305,909.24"}]
["资产总计",20,{"v":191465.13,"d":"191,465.13"},{"v":-88441.76,"d":"-88,441.76"},{"$f":"SUM(E7:E14)","v":{"v":57719635.06,"d":"57,719,635.06"}}]
["流动负债",21,0,0,0]
["非流动负债",22,0,0,0]
["负债总计",23,0,0,0]
["净  资  产",24,{"v":191465.13,"d":"191,465.13"},{"v":-88441.76,"d":"-88,441.76"},{"v":42365.81,"d":"42,365.81"}]
["评估机构：北京中天华资产评估有限责任公司"]

{"sheet":"原材料","index":1,"n_rows":637,"n_cols":19,"rows_kept":637,"merged":[[1,0,1,18],[2,0,2,18],[5,0,6,0],[5,1,6,1],[5,2,6,2],[5,7,5,9],[5,10,5,12],[5,13,5,15],[5,17,6,17],[5,18,6,18],[634,0,634,3],[635,17,635,18]]}
["返回","返回索引","被评估单位填表人：:黄照雄         填表日期：2021年11月6日             评估人员：何廷培、吴贤青      "]
["存货-原材料评估明细表"]
["评估基准日：2021年9月30日"]
[{"$nulls":18},"表3-9-2"]
["被评估单位：贵州鑫悦煤炭有限公司",{"$nulls":17},"金额单位：人民币元"]
["序号","名称","规格型号","计量","库龄","品质","存放","审计前账面价值",null,null,"审计调整",null,null,"账面价值",null,null,"实际","清算价值","备注"]
[{"$nulls":3},"单位","(月)","状况","地点","数量","单价","金额","数量","单价","金额","数量","单价","金额","数量"]
[1,"     轴承",{"v":32222,"d":"32,222.00"},"个",0,0,0,{"v":5,"d":"5.00"},{"v":440,"d":"440.00"},{"v":2200,"d":"2,200.00"},0,0,0,{"v":5,"d":"5.00"},{"v":440,"d":"440.00"},{"v":2200,"d":"2,200.00"},{"v":5,"d":"5.00"},{"v":800,"d":"800.00"},0]
[2,"     轴承","N313EM","个",0,0,0,{"v":2,"d":"2.00"},{"v":220,"d":"220.00"},{"v":440,"d":"440.00"},0,0,0,{"v":2,"d":"2.00"},{"v":220,"d":"220.00"},{"v":440,"d":"440.00"},{"v":2,"d":"2.00"},{"v":160,"d":"160.00"},0]
[3,"     轴承",{"v":6316,"d":"6,316.00"},"个",0,0,0,{"v":25,"d":"25.00"},{"v":67.5,"d":"67.50"},{"v":1687.5,"d":"1,687.50"},0,0,0,{"v":25,"d":"25.00"},{"v":67.5,"d":"67.50"},{"v":1687.5,"d":"1,687.50"},{"v":25,"d":"25.00"},{"v":1000,"d":"1,000.00"},0]
[4,"     轴承",{"v":30314,"d":"30,314.00"},"个",0,0,0,{"v":3,"d":"3.00"},{"v":85,"d":"85.00"},{"v":255,"d":"255.00"},0,0,0,{"v":3,"d":"3.00"},{"v":85,"d":"85.00"},{"v":255,"d":"255.00"},{"v":3,"d":"3.00"},{"v":120,"d":"120.00"},0]
[5,"     轴承",{"v":1313,"d":"1,313.00"},"个",0,0,0,{"v":4,"d":"4.00"},{"v":47,"d":"47.00"},{"v":188,"d":"188.00"},0,0,0,{"v":4,"d":"4.00"},{"v":47,"d":"47.00"},{"v":188,"d":"188.00"},{"v":4,"d":"4.00"},{"v":64,"d":"64.00"},0]
[6,"     轴承",{"v":6317,"d":"6,317.00"},"个",0,0,0,{"v":3,"d":"3.00"},{"v":63,"d":"63.00"},{"v":189,"d":"189.00"},0,0,0,{"v":3,"d":"3.00"},{"v":63,"d":"63.00"},{"v":189,"d":"189.00"},{"v":3,"d":"3.00"},{"v":120,"d":"120.00"},0]
[7,"     轴承",{"v":1315,"d":"1,315.00"},"个",0,0,0,{"v":18,"d":"18.00"},{"v":75,"d":"75.00"},{"v":1350,"d":"1,350.00"},0,0,0,{"v":18,"d":"18.00"},{"v":75,"d":"75.00"},{"v":1350,"d":"1,350.00"},{"v":18,"d":"18.00"},{"v":720,"d":"720.00"},0]
[8,"     轴承",{"v":1609656,"d":"1,609,656.00"},"个",0,0,0,{"v":5,"d":"5.00"},{"v":63,"d":"63.00"},{"v":315,"d":"315.00"},0,0,0,{"v":5,"d":"5.00"},{"v":63,"d":"63.00"},{"v":315,"d":"315.00"},{"v":5,"d":"5.00"},{"v":200,"d":"200.00"},0]
[9,"     轴承",{"v":6319,"d":"6,319.00"},"个",0,0,0,{"v":6,"d":"6.00"},{"v":240,"d":"240.00"},{"v":1440,"d":"1,440.00"},0,0,0,{"v":6,"d":"6.00"},{"v":240,"d":"240.00"},{"v":1440,"d":"1,440.00"},{"v":6,"d":"6.00"},{"v":480,"d":"480.00"},0]
[10,"     轴承","22222CA","个",0,0,0,{"v":5,"d":"5.00"},{"v":155,"d":"155.00"},{"v":775,"d":"775.00"},0,0,0,{"v":5,"d":"5.00"},{"v":155,"d":"155.00"},{"v":775,"d":"775.00"},{"v":5,"d":"5.00"},{"v":200,"d":"200.00"},0]
[11,"     轴承","7024ACM","个",0,0,0,{"v":3,"d":"3.00"},{"v":154,"d":"154.00"},{"v":462,"d":"462.00"},0,0,0,{"v":3,"d":"3.00"},{"v":154,"d":"154.00"},{"v":462,"d":"462.00"},{"v":3,"d":"3.00"},{"v":120,"d":"120.00"},0]
[12,"     轴承","6314—2RS","个",0,0,0,{"v":4,"d":"4.00"},{"v":180,"d":"180.00"},{"v":720,"d":"720.00"},0,0,0,{"v":4,"d":"4.00"},{"v":180,"d":"180.00"},{"v":720,"d":"720.00"},{"v":4,"d":"4.00"},{"v":160,"d":"160.00"},0]
[13,"     轴承",{"v":1312,"d":"1,312.00"},"个",0,0,0,{"v":6,"d":"6.00"},{"v":95,"d":"95.00"},{"v":570,"d":"570.00"},0,0,0,{"v":6,"d":"6.00"},{"v":95,"d":"95.00"},{"v":570,"d":"570.00"},{"v":6,"d":"6.00"},{"v":240,"d":"240.00"},0]
[14,"     轴承","7517E","个",0,0,0,{"v":4,"d":"4.00"},{"v":180,"d":"180.00"},{"v":720,"d":"720.00"},0,0,0,{"v":4,"d":"4.00"},{"v":180,"d":"180.00"},{"v":720,"d":"720.00"},{"v":4,"d":"4.00"},{"v":160,"d":"160.00"},0]
[15,"     轴承","FD150/200型","个",0,0,0,{"v":1,"d":"1.00"},{"v":103,"d":"103.00"},{"v":103,"d":"103.00"},0,0,0,{"v":1,"d":"1.00"},{"v":103,"d":"103.00"},{"v":103,"d":"103.00"},{"v":1,"d":"1.00"},{"v":40,"d":"40.00"},0]
[16,"     轴承","22314CA","个",0,0,0,{"v":6,"d":"6.00"},{"v":75,"d":"75.00"},{"v":450,"d":"450.00"},0,0,0,{"v":6,"d":"6.00"},{"v":75,"d":"75.00"},{"v":450,"d":"450.00"},{"v":6,"d":"6.00"},{"v":240,"d":"240.00"},0]
[17,"     轴承","6312-2RS","个",0,0,0,{"v":3,"d":"3.00"},{"v":95,"d":"95.00"},{"v":285,"d":"285.00"},0,0,0,{"v":3,"d":"3.00"},{"v":95,"d":"95.00"},{"v":285,"d":"285.00"},{"v":3,"d":"3.00"},{"v":120,"d":"120.00"},0]
[18,"     轴承",{"v":6314,"d":"6,314.00"},"个",0,0,0,{"v":3,"d":"3.00"},{"v":50,"d":"50.00"},{"v":150,"d":"150.00"},0,0,0,{"v":3,"d":"3.00"},{"v":50,"d":"50.00"},{"v":150,"d":"150.00"},{"v":3,"d":"3.00"},{"v":48,"d":"48.00"},0]
[19,"     轴承",{"v":30213,"d":"30,213.00"},"个",0,0,0,{"v":24,"d":"24.00"},{"v":35,"d":"35.00"},{"v":840,"d":"840.00"},0,0,0,{"v":24,"d":"24.00"},{"v":35,"d":"35.00"},{"v":840,"d":"840.00"},{"v":24,"d":"24.00"},{"v":288,"d":"288.00"},0]
[20,"     轴承","6309E-RZ","个",0,0,0,{"v":1,"d":"1.00"},{"v":175,"d":"175.00"},{"v":175,"d":"175.00"},0,0,0,{"v":1,"d":"1.00"},{"v":175,"d":"175.00"},{"v":175,"d":"175.00"},{"v":1,"d":"1.00"},{"v":40,"d":"40.00"},0]
[21,"     轴承","22312CA","个",0,0,0,{"v":1,"d":"1.00"},{"v":85,"d":"85.00"},{"v":85,"d":"85.00"},0,0,0,{"v":1,"d":"1.00"},{"v":85,"d":"85.00"},{"v":85,"d":"85.00"},{"v":1,"d":"1.00"},{"v":40,"d":"40.00"},0]
[22,"     轴承",{"v":30310,"d":"30,310.00"},"个",0,0,0,{"v":21,"d":"21.00"},{"v":49,"d":"49.00"},{"v":1029,"d":"1,029.00"},0,0,0,{"v":21,"d":"21.00"},{"v":49,"d":"49.00"},{"v":1029,"d":"1,029.00"},{"v":21,"d":"21.00"},{"v":336,"d":"336.00"},0]
[23,"     轴承","22311CA","个",0,0,0,{"v":5,"d":"5.00"},{"v":78,"d":"78.00"},{"v":390,"d":"390.00"},0,0,0,{"v":5,"d":"5.00"},{"v":78,"d":"78.00"},{"v":390,"d":"390.00"},{"v":5,"d":"5.00"},{"v":200,"d":"200.00"},0]
[24,"     轴承",{"v":6315,"d":"6,315.00"},"个",0,0,0,{"v":1,"d":"1.00"},{"v":58,"d":"58.00"},{"v":58,"d":"58.00"},0,0,0,{"v":1,"d":"1.00"},{"v":58,"d":"58.00"},{"v":58,"d":"58.00"},{"v":1,"d":"1.00"},{"v":20,"d":"20.00"},0]
[25,"     轴承",{"v":32217,"d":"32,217.00"},"个",0,0,0,{"v":1,"d":"1.00"},{"v":61,"d":"61.00"},{"v":61,"d":"61.00"},0,0,0,{"v":1,"d":"1.00"},{"v":61,"d":"61.00"},{"v":61,"d":"61.00"},{"v":1,"d":"1.00"},{"v":40,"d":"40.00"},0]
[26,"     轴承",{"v":22310,"d":"22,310.00"},"个",0,0,0,{"v":3,"d":"3.00"},{"v":135,"d":"135.00"},{"v":405,"d":"405.00"},0,0,0,{"v":3,"d":"3.00"},{"v":135,"d":"135.00"},{"v":405,"d":"405.00"},{"v":3,"d":"3.00"},{"v":120,"d":"120.00"},0]
[27,"     轴承",{"v":6216,"d":"6,216.00"},"个",0,0,0,{"v":10,"d":"10.00"},{"v":40.5,"d":"40.50"},{"v":405,"d":"405.00"},0,0,0,{"v":10,"d":"10.00"},{"v":40.5,"d":"40.50"},{"v":405,"d":"405.00"},{"v":10,"d":"10.00"},{"v":120,"d":"120.00"},0]
[28,"     轴承","6310E","个",0,0,0,{"v":110,"d":"110.00"},{"v":32,"d":"32.00"},{"v":3520,"d":"3,520.00"},0,0,0,{"v":110,"d":"110.00"},{"v":32,"d":"32.00"},{"v":3520,"d":"3,520.00"},{"v":110,"d":"110.00"},{"v":1320,"d":"1,320.00"},0]
[29,"     轴承","6310-2RS","个",0,0,0,{"v":179,"d":"179.00"},{"v":27,"d":"27.00"},{"v":4833,"d":"4,833.00"},0,0,0,{"v":179,"d":"179.00"},{"v":27,"d":"27.00"},{"v":4833,"d":"4,833.00"},{"v":179,"d":"179.00"},{"v":1432,"d":"1,432.00"},0]
[30,"     轴承",{"v":32230,"d":"32,230.00"},"个",0,0,0,{"v":4,"d":"4.00"},{"v":750,"d":"750.00"},{"v":3000,"d":"3,000.00"},0,0,0,{"v":4,"d":"4.00"},{"v":750,"d":"750.00"},{"v":3000,"d":"3,000.00"},{"v":4,"d":"4.00"},{"v":960,"d":"960.00"},0]
[31,"     轴承","314E","个",0,0,0,{"v":1,"d":"1.00"},{"v":51,"d":"51.00"},{"v":51,"d":"51.00"},0,0,0,{"v":1,"d":"1.00"},{"v":51,"d":"51.00"},{"v":51,"d":"51.00"},{"v":1,"d":"1.00"},{"v":16,"d":"16.00"},0]
[32,"     轴承",{"v":30311,"d":"30,311.00"},"个",0,0,0,{"v":1,"d":"1.00"},{"v":40.5,"d":"40.50"},{"v":40.5,"d":"40.50"},0,0,0,{"v":1,"d":"1.00"},{"v":40.5,"d":"40.50"},{"v":40.5,"d":"40.50"},{"v":1,"d":"1.00"},{"v":12,"d":"12.00"},0]
[33,"     轴承",{"v":32311,"d":"32,311.00"},"个",0,0,0,{"v":1,"d":"1.00"},{"v":49,"d":"49.00"},{"v":49,"d":"49.00"},0,0,0,{"v":1,"d":"1.00"},{"v":49,"d":"49.00"},{"v":49,"d":"49.00"},{"v":1,"d":"1.00"},{"v":16,"d":"16.00"},0]
[34,"     轴承","7314E","个",0,0,0,{"v":1,"d":"1.00"},{"v":58,"d":"58.00"},{"v":58,"d":"58.00"},0,0,0,{"v":1,"d":"1.00"},{"v":58,"d":"58.00"},{"v":58,"d":"58.00"},{"v":1,"d":"1.00"},{"v":20,"d":"20.00"},0]
[35,"     轴承",{"v":30212,"d":"30,212.00"},"个",0,0,0,{"v":7,"d":"7.00"},{"v":30,"d":"30.00"},{"v":210,"d":"210.00"},0,0,0,{"v":7,"d":"7.00"},{"v":30,"d":"30.00"},{"v":210,"d":"210.00"},{"v":7,"d":"7.00"},{"v":56,"d":"56.00"},0]
[36,"     轴承","7530E","个",0,0,0,{"v":1,"d":"1.00"},{"v":297,"d":"297.00"},{"v":297,"d":"297.00"},0,0,0,{"v":1,"d":"1.00"},{"v":297,"d":"297.00"},{"v":297,"d":"297.00"},{"v":1,"d":"1.00"},{"v":80,"d":"80.00"},0]
[37,"     轴承","22244CA/2W33","个",0,0,0,{"v":2,"d":"2.00"},{"v":1282.5,"d":"1,282.50"},{"v":2565,"d":"2,565.00"},0,0,0,{"v":2,"d":"2.00"},{"v":1282.5,"d":"1,282.50"},{"v":2565,"d":"2,565.00"},{"v":2,"d":"2.00"},{"v":720,"d":"720.00"},0]
[38,"     轴承",{"v":222228,"d":"222,228.00"},"个",0,0,0,{"v":2,"d":"2.00"},{"v":324,"d":"324.00"},{"v":648,"d":"648.00"},0,0,0,{"v":2,"d":"2.00"},{"v":324,"d":"324.00"},{"v":648,"d":"648.00"},{"v":2,"d":"2.00"},{"v":240,"d":"240.00"},0]
[39,"     轴承",{"v":32307,"d":"32,307.00"},"个",0,0,0,{"v":3,"d":"3.00"},{"v":26,"d":"26.00"},{"v":78,"d":"78.00"},0,0,0,{"v":3,"d":"3.00"},{"v":26,"d":"26.00"},{"v":78,"d":"78.00"},{"v":3,"d":"3.00"},{"v":24,"d":"24.00"},0]
[40,"     轴承","6209RZ","个",0,0,0,{"v":1,"d":"1.00"},{"v":18,"d":"18.00"},{"v":18,"d":"18.00"},0,0,0,{"v":1,"d":"1.00"},{"v":18,"d":"18.00"},{"v":18,"d":"18.00"},{"v":1,"d":"1.00"},{"v":4,"d":"4.00"},0]
[41,"     轴承","NJ308M","个",0,0,0,{"v":3,"d":"3.00"},{"v":40.5,"d":"40.50"},{"v":121.5,"d":"121.50"},0,0,0,{"v":3,"d":"3.00"},{"v":40.5,"d":"40.50"},{"v":121.5,"d":"121.50"},{"v":3,"d":"3.00"},{"v":36,"d":"36.00"},0]
[42,"     轴承","42208H","个",0,0,0,{"v":1,"d":"1.00"},{"v":27,"d":"27.00"},{"v":27,"d":"27.00"},0,0,0,{"v":1,"d":"1.00"},{"v":27,"d":"27.00"},{"v":27,"d":"27.00"},{"v":1,"d":"1.00"},{"v":8,"d":"8.00"},0]
[43,"     轴承","6305RS","个",0,0,0,{"v":9,"d":"9.00"},{"v":22,"d":"22.00"},{"v":198,"d":"198.00"},0,0,0,{"v":9,"d":"9.00"},{"v":22,"d":"22.00"},{"v":198,"d":"198.00"},{"v":9,"d":"9.00"},{"v":72,"d":"72.00"},0]
[44,"     轴承","N307EM","个",0,0,0,{"v":5,"d":"5.00"},{"v":60,"d":"60.00"},{"v":300,"d":"300.00"},0,0,0,{"v":5,"d":"5.00"},{"v":60,"d":"60.00"},{"v":300,"d":"300.00"},{"v":5,"d":"5.00"},{"v":100,"d":"100.00"},0]
[45,"     轴承",{"v":6208,"d":"6,208.00"},"个",0,0,0,{"v":10,"d":"10.00"},{"v":9,"d":"9.00"},{"v":90,"d":"90.00"},0,0,0,{"v":10,"d":"10.00"},{"v":9,"d":"9.00"},{"v":90,"d":"90.00"},{"v":10,"d":"10.00"},{"v":36,"d":"36.00"},0]
[46,"     轴承","6209  2RS","个",0,0,0,{"v":6,"d":"6.00"},{"v":12,"d":"12.00"},{"v":72,"d":"72.00"},0,0,0,{"v":6,"d":"6.00"},{"v":12,"d":"12.00"},{"v":72,"d":"72.00"},{"v":6,"d":"6.00"},{"v":24,"d":"24.00"},0]
[47,"     轴承","7307E","个",0,0,0,{"v":3,"d":"3.00"},{"v":13.5,"d":"13.50"},{"v":40.5,"d":"40.50"},0,0,0,{"v":3,"d":"3.00"},{"v":13.5,"d":"13.50"},{"v":40.5,"d":"40.50"},{"v":3,"d":"3.00"},{"v":12,"d":"12.00"},0]
[48,"     轴承","6007RS","个",0,0,0,{"v":15,"d":"15.00"},{"v":9,"d":"9.00"},{"v":135,"d":"135.00"},0,0,0,{"v":15,"d":"15.00"},{"v":9,"d":"9.00"},{"v":135,"d":"135.00"},{"v":15,"d":"15.00"},{"v":54,"d":"54.00"},0]
[49,"     轴承","N306EM","个",0,0,0,{"v":6,"d":"6.00"},{"v":22,"d":"22.00"},{"v":132,"d":"132.00"},0,0,0,{"v":6,"d":"6.00"},{"v":22,"d":"22.00"},{"v":132,"d":"132.00"},{"v":6,"d":"6.00"},{"v":48,"d":"48.00"},0]
[50,"     轴承",{"v":6007,"d":"6,007.00"},"个",0,0,0,{"v":1,"d":"1.00"},{"v":10,"d":"10.00"},{"v":10,"d":"10.00"},0,0,0,{"v":1,"d":"1.00"},{"v":10,"d":"10.00"},{"v":10,"d":"10.00"},{"v":1,"d":"1.00"},{"v":4,"d":"4.00"},0]
[51,"     轴承","6307E","个",0,0,0,{"v":10,"d":"10.00"},{"v":10,"d":"10.00"},{"v":100,"d":"100.00"},0,0,0,{"v":10,"d":"10.00"},{"v":10,"d":"10.00"},{"v":100,"d":"100.00"},{"v":10,"d":"10.00"},{"v":40,"d":"40.00"},0]
[52,"     轴承","6305E-RZ","个",0,0,0,{"v":8,"d":"8.00"},{"v":7.8,"d":"7.80"},{"v":62.4,"d":"62.40"},0,0,0,{"v":8,"d":"8.00"},{"v":7.8,"d":"7.80"},{"v":62.4,"d":"62.40"},{"v":8,"d":"8.00"},{"v":25.6,"d":"25.60"},0]
[53,"     轴承",{"v":51207,"d":"51,207.00"},"个",0,0,0,{"v":34,"d":"34.00"},{"v":11,"d":"11.00"},{"v":374,"d":"374.00"},0,0,0,{"v":34,"d":"34.00"},{"v":11,"d":"11.00"},{"v":374,"d":"374.00"},{"v":34,"d":"34.00"},{"v":136,"d":"136.00"},0]
[54,"     轴承",{"v":6204,"d":"6,204.00"},"个",0,0,0,{"v":21,"d":"21.00"},{"v":8,"d":"8.00"},{"v":168,"d":"168.00"},0,0,0,{"v":21,"d":"21.00"},{"v":8,"d":"8.00"},{"v":168,"d":"168.00"},{"v":21,"d":"21.00"},{"v":67.2,"d":"67.20"},0]
[55,"     轴承","32008X","个",0,0,0,{"v":1,"d":"1.00"},{"v":31,"d":"31.00"},{"v":31,"d":"31.00"},0,0,0,{"v":1,"d":"1.00"},{"v":31,"d":"31.00"},{"v":31,"d":"31.00"},{"v":1,"d":"1.00"},{"v":12,"d":"12.00"},0]
[56,"     轴承",{"v":6205,"d":"6,205.00"},"个",0,0,0,{"v":32,"d":"32.00"},{"v":8,"d":"8.00"},{"v":256,"d":"256.00"},0,0,0,{"v":32,"d":"32.00"},{"v":8,"d":"8.00"},{"v":256,"d":"256.00"},{"v":32,"d":"32.00"},{"v":102.4,"d":"102.40"},0]
[57,"     轴承",{"v":688808,"d":"688,808.00"},"个",0,0,0,{"v":1,"d":"1.00"},{"v":5,"d":"5.00"},{"v":5,"d":"5.00"},0,0,0,{"v":1,"d":"1.00"},{"v":5,"d":"5.00"},{"v":5,"d":"5.00"},{"v":1,"d":"1.00"},{"v":2,"d":"2.00"},0]
[58,"     轴承","6206E-RZ","个",0,0,0,{"v":19,"d":"19.00"},{"v":15,"d":"15.00"},{"v":285,"d":"285.00"},0,0,0,{"v":19,"d":"19.00"},{"v":15,"d":"15.00"},{"v":285,"d":"285.00"},{"v":19,"d":"19.00"},{"v":76,"d":"76.00"},0]
[59,"     轴承","6203F-RS","个",0,0,0,{"v":19,"d":"19.00"},{"v":2.5,"d":"2.50"},{"v":47.5,"d":"47.50"},0,0,0,{"v":19,"d":"19.00"},{"v":2.5,"d":"2.50"},{"v":47.5,"d":"47.50"},{"v":19,"d":"19.00"},{"v":22.8,"d":"22.80"},0]
[60,"     轴承","6006-2RS","个",0,0,0,{"v":20,"d":"20.00"},{"v":4,"d":"4.00"},{"v":80,"d":"80.00"},0,0,0,{"v":20,"d":"20.00"},{"v":4,"d":"4.00"},{"v":80,"d":"80.00"},{"v":20,"d":"20.00"},{"v":32,"d":"32.00"},0]
[61,"     轴承",{"v":6206,"d":"6,206.00"},"个",0,0,0,{"v":6,"d":"6.00"},{"v":5,"d":"5.00"},{"v":30,"d":"30.00"},0,0,0,{"v":6,"d":"6.00"},{"v":5,"d":"5.00"},{"v":30,"d":"30.00"},{"v":6,"d":"6.00"},{"v":12,"d":"12.00"},0]
[62,"     轴承","6204ES-R","个",0,0,0,{"v":20,"d":"20.00"},{"v":18,"d":"18.00"},{"v":360,"d":"360.00"},0,0,0,{"v":20,"d":"20.00"},{"v":18,"d":"18.00"},{"v":360,"d":"360.00"},{"v":20,"d":"20.00"},{"v":80,"d":"80.00"},0]
[63,"     轴承","6204RS","个",0,0,0,{"v":9,"d":"9.00"},{"v":3,"d":"3.00"},{"v":27,"d":"27.00"},0,0,0,{"v":9,"d":"9.00"},{"v":3,"d":"3.00"},{"v":27,"d":"27.00"},{"v":9,"d":"9.00"},{"v":10.8,"d":"10.80"},0]
[64,"     轴承",{"v":30204,"d":"30,204.00"},"个",0,0,0,{"v":3,"d":"3.00"},{"v":6,"d":"6.00"},{"v":18,"d":"18.00"},0,0,0,{"v":3,"d":"3.00"},{"v":6,"d":"6.00"},{"v":18,"d":"18.00"},{"v":3,"d":"3.00"},{"v":7.2,"d":"7.20"},0]
[65,"     轴承",{"v":6313,"d":"6,313.00"},"套",0,0,0,{"v":2,"d":"2.00"},{"v":65,"d":"65.00"},{"v":130,"d":"130.00"},0,0,0,{"v":2,"d":"2.00"},{"v":65,"d":"65.00"},{"v":130,"d":"130.00"},{"v":2,"d":"2.00"},{"v":80,"d":"80.00"},0]
[66,"     轴承",{"v":22315,"d":"22,315.00"},"套",0,0,0,{"v":4,"d":"4.00"},{"v":143,"d":"143.00"},{"v":572,"d":"572.00"},0,0,0,{"v":4,"d":"4.00"},{"v":143,"d":"143.00"},{"v":572,"d":"572.00"},{"v":4,"d":"4.00"},{"v":160,"d":"160.00"},0]
[67,"真空交流接触器","CKJ-（5）-（125）/1140/36V","台",0,0,0,{"v":1,"d":"1.00"},{"v":340,"d":"340.00"},{"v":340,"d":"340.00"},0,0,0,{"v":1,"d":"1.00"},{"v":340,"d":"340.00"},{"v":340,"d":"340.00"},{"v":1,"d":"1.00"},{"v":95.2,"d":"95.20"},0]
[68,"真空交流接触器","CKJ5-250/1140","台",0,0,0,{"v":4,"d":"4.00"},{"v":760,"d":"760.00"},{"v":3040,"d":"3,040.00"},0,0,0,{"v":4,"d":"4.00"},{"v":760,"d":"760.00"},{"v":3040,"d":"3,040.00"},{"v":4,"d":"4.00"},{"v":851.2,"d":"851.20"},0]
[69,"交流接触器","400A","台",0,0,0,{"v":4,"d":"4.00"},{"v":1080,"d":"1,080.00"},{"v":4320,"d":"4,320.00"},0,0,0,{"v":4,"d":"4.00"},{"v":1080,"d":"1,080.00"},{"v":4320,"d":"4,320.00"},{"v":4,"d":"4.00"},{"v":1209.6,"d":"1,209.60"},0]
[70,"交流真空接触器","125A","台",0,0,0,{"v":20,"d":"20.00"},{"v":85,"d":"85.00"},{"v":1700,"d":"1,700.00"},0,0,0,{"v":20,"d":"20.00"},{"v":85,"d":"85.00"},{"v":1700,"d":"1,700.00"},{"v":20,"d":"20.00"},{"v":480,"d":"480.00"},0]
[71,"交流真空接触器","CJ20-63","台",0,0,0,{"v":2,"d":"2.00"},{"v":850,"d":"850.00"},{"v":1700,"d":"1,700.00"},0,0,0,{"v":2,"d":"2.00"},{"v":850,"d":"850.00"},{"v":1700,"d":"1,700.00"},{"v":2,"d":"2.00"},{"v":476,"d":"476.00"},0]
[72,"交流接触器","CJ20-160","台",0,0,0,{"v":1,"d":"1.00"},{"v":130,"d":"130.00"},{"v":130,"d":"130.00"},0,0,0,{"v":1,"d":"1.00"},{"v":130,"d":"130.00"},{"v":130,"d":"130.00"},{"v":1,"d":"1.00"},{"v":36.4,"d":"36.40"},0]
[73,"真空管",0,"个",0,0,0,{"v":3,"d":"3.00"},{"v":60,"d":"60.00"},{"v":180,"d":"180.00"},0,0,0,{"v":3,"d":"3.00"},{"v":60,"d":"60.00"},{"v":180,"d":"180.00"},{"v":3,"d":"3.00"},{"v":60,"d":"60.00"},0]
[74,"空气延时头","LA3-DR2","个",0,0,0,{"v":4,"d":"4.00"},{"v":20,"d":"20.00"},{"v":80,"d":"80.00"},0,0,0,{"v":4,"d":"4.00"},{"v":20,"d":"20.00"},{"v":80,"d":"80.00"},{"v":4,"d":"4.00"},{"v":32,"d":"32.00"},0]
[75,"交流接触器","CJT1-40","台",0,0,0,{"v":2,"d":"2.00"},{"v":120,"d":"120.00"},{"v":240,"d":"240.00"},0,0,0,{"v":2,"d":"2.00"},{"v":120,"d":"120.00"},{"v":240,"d":"240.00"},{"v":2,"d":"2.00"},{"v":67.2,"d":"67.20"},0]
[76,"交流真空接触器","CJ20-100A","台",0,0,0,{"v":2,"d":"2.00"},{"v":100,"d":"100.00"},{"v":200,"d":"200.00"},0,0,0,{"v":2,"d":"2.00"},{"v":100,"d":"100.00"},{"v":200,"d":"200.00"},{"v":2,"d":"2.00"},{"v":56,"d":"56.00"},0]
[77,"交流接触器","CDC10-40A","台",0,0,0,{"v":1,"d":"1.00"},{"v":120,"d":"120.00"},{"v":120,"d":"120.00"},0,0,0,{"v":1,"d":"1.00"},{"v":120,"d":"120.00"},{"v":120,"d":"120.00"},{"v":1,"d":"1.00"},{"v":33.6,"d":"33.60"},0]
[78,"隔离换向开关","QC815-60","个",0,0,0,{"v":12,"d":"12.00"},{"v":76,"d":"76.00"},{"v":912,"d":"912.00"},0,0,0,{"v":12,"d":"12.00"},{"v":76,"d":"76.00"},{"v":912,"d":"912.00"},{"v":12,"d":"12.00"},{"v":144,"d":"144.00"},0]
[79,"控制变压器","BKC-100","个",0,0,0,{"v":32,"d":"32.00"},{"v":65,"d":"65.00"},{"v":2080,"d":"2,080.00"},0,0,0,{"v":32,"d":"32.00"},{"v":65,"d":"65.00"},{"v":2080,"d":"2,080.00"},{"v":32,"d":"32.00"},{"v":1280,"d":"1,280.00"},0]
[80,"控制变压器","BK-80-36B","个",0,0,0,{"v":10,"d":"10.00"},{"v":60,"d":"60.00"},{"v":600,"d":"600.00"},0,0,0,{"v":10,"d":"10.00"},{"v":60,"d":"60.00"},{"v":600,"d":"600.00"},{"v":10,"d":"10.00"},{"v":200,"d":"200.00"},0]
[81,"变压器","BKD9","台",0,0,0,{"v":3,"d":"3.00"},{"v":60,"d":"60.00"},{"v":180,"d":"180.00"},0,0,0,{"v":3,"d":"3.00"},{"v":60,"d":"60.00"},{"v":180,"d":"180.00"},{"v":3,"d":"3.00"},{"v":60,"d":"60.00"},0]
[82,"矿用防爆变压器","QC815-60","个",0,0,0,{"v":11,"d":"11.00"},{"v":120,"d":"120.00"},{"v":1320,"d":"1,320.00"},0,0,0,{"v":11,"d":"11.00"},{"v":120,"d":"120.00"},{"v":1320,"d":"1,320.00"},{"v":11,"d":"11.00"},{"v":440,"d":"440.00"},0]
[83,"矿用防爆变压器","QJR-400","个",0,0,0,{"v":3,"d":"3.00"},{"v":120,"d":"120.00"},{"v":360,"d":"360.00"},0,0,0,{"v":3,"d":"3.00"},{"v":120,"d":"120.00"},{"v":360,"d":"360.00"},{"v":3,"d":"3.00"},{"v":120,"d":"120.00"},0]
[84,"矿用防爆变压器","（KJ）QBZ","个",0,0,0,{"v":18,"d":"18.00"},{"v":240,"d":"240.00"},{"v":4320,"d":"4,320.00"},0,0,0,{"v":18,"d":"18.00"},{"v":240,"d":"240.00"},{"v":4320,"d":"4,320.00"},{"v":18,"d":"18.00"},{"v":1440,"d":"1,440.00"},0]
[85,"限流热继电器","JR9-300D","个",0,0,0,{"v":2,"d":"2.00"},{"v":150,"d":"150.00"},{"v":300,"d":"300.00"},0,0,0,{"v":2,"d":"2.00"},{"v":150,"d":"150.00"},{"v":300,"d":"300.00"},{"v":2,"d":"2.00"},{"v":80,"d":"80.00"},0]
[86,"电机综合保护器","DJDB-60B、380V/660","个",0,0,0,{"v":4,"d":"4.00"},{"v":130,"d":"130.00"},{"v":520,"d":"520.00"},0,0,0,{"v":4,"d":"4.00"},{"v":130,"d":"130.00"},{"v":520,"d":"520.00"},{"v":4,"d":"4.00"},{"v":160,"d":"160.00"},0]
[87,"电机综合保护控制器","JDB-120-B型","个",0,0,0,{"v":1,"d":"1.00"},{"v":105,"d":"105.00"},{"v":105,"d":"105.00"},0,0,0,{"v":1,"d":"1.00"},{"v":105,"d":"105.00"},{"v":105,"d":"105.00"},{"v":1,"d":"1.00"},{"v":40,"d":"40.00"},0]
[88,"按钮开关","LA125E（LAY3）","个",0,0,0,{"v":18,"d":"18.00"},{"v":10,"d":"10.00"},{"v":180,"d":"180.00"},0,0,0,{"v":18,"d":"18.00"},{"v":10,"d":"10.00"},{"v":180,"d":"180.00"},{"v":18,"d":"18.00"},{"v":36,"d":"36.00"},0]
[89,"防爆开关按钮","LX1-01K","个",0,0,0,{"v":25,"d":"25.00"},{"v":6,"d":"6.00"},{"v":150,"d":"150.00"},0,0,0,{"v":25,"d":"25.00"},{"v":6,"d":"6.00"},{"v":150,"d":"150.00"},{"v":25,"d":"25.00"},{"v":50,"d":"50.00"},0]
[90,"按钮开关","LA18-22","个",0,0,0,{"v":24,"d":"24.00"},{"v":6,"d":"6.00"},{"v":144,"d":"144.00"},0,0,0,{"v":24,"d":"24.00"},{"v":6,"d":"6.00"},{"v":144,"d":"144.00"},{"v":24,"d":"24.00"},{"v":48,"d":"48.00"},0]
[91,"防爆按钮","LX1-02K","个",0,0,0,{"v":6,"d":"6.00"},{"v":6,"d":"6.00"},{"v":36,"d":"36.00"},0,0,0,{"v":6,"d":"6.00"},{"v":6,"d":"6.00"},{"v":36,"d":"36.00"},{"v":6,"d":"6.00"},{"v":14.4,"d":"14.40"},0]
[92,"防爆按钮","LA19-11","个",0,0,0,{"v":6,"d":"6.00"},{"v":7,"d":"7.00"},{"v":42,"d":"42.00"},0,0,0,{"v":6,"d":"6.00"},{"v":7,"d":"7.00"},{"v":42,"d":"42.00"},{"v":6,"d":"6.00"},{"v":16.8,"d":"16.80"},0]
[93,"按钮开关","LA4-2H","个",0,0,0,{"v":1,"d":"1.00"},{"v":12,"d":"12.00"},{"v":12,"d":"12.00"},0,0,0,{"v":1,"d":"1.00"},{"v":12,"d":"12.00"},{"v":12,"d":"12.00"},{"v":1,"d":"1.00"},{"v":2,"d":"2.00"},0]
[94,"按钮指示灯","LAY3-11","个",0,0,0,{"v":18,"d":"18.00"},{"v":10,"d":"10.00"},{"v":180,"d":"180.00"},0,0,0,{"v":18,"d":"18.00"},{"v":10,"d":"10.00"},{"v":180,"d":"180.00"},{"v":18,"d":"18.00"},{"v":72,"d":"72.00"},0]
[95,"电流互感器","LMZJL-05","个",0,0,0,{"v":4,"d":"4.00"},{"v":80,"d":"80.00"},{"v":320,"d":"320.00"},0,0,0,{"v":4,"d":"4.00"},{"v":80,"d":"80.00"},{"v":320,"d":"320.00"},{"v":4,"d":"4.00"},{"v":160,"d":"160.00"},0]
[96,"隔离换向开关","DH2-80A","个",0,0,0,{"v":10,"d":"10.00"},{"v":380,"d":"380.00"},{"v":3800,"d":"3,800.00"},0,0,0,{"v":10,"d":"10.00"},{"v":380,"d":"380.00"},{"v":3800,"d":"3,800.00"},{"v":10,"d":"10.00"},{"v":600,"d":"600.00"},0]
[97,"中间继电器","JZ7-44","个",0,0,0,{"v":7,"d":"7.00"},{"v":28,"d":"28.00"},{"v":196,"d":"196.00"},0,0,0,{"v":7,"d":"7.00"},{"v":28,"d":"28.00"},{"v":196,"d":"196.00"},{"v":7,"d":"7.00"},{"v":56,"d":"56.00"},0]
[98,"中间继电器","CJX2-18","个",0,0,0,{"v":2,"d":"2.00"},{"v":28,"d":"28.00"},{"v":56,"d":"56.00"},0,0,0,{"v":2,"d":"2.00"},{"v":28,"d":"28.00"},{"v":56,"d":"56.00"},{"v":2,"d":"2.00"},{"v":16,"d":"16.00"},0]
[99,"本安型控制继电器","JHK-127/5","个",0,0,0,{"v":3,"d":"3.00"},{"v":50,"d":"50.00"},{"v":150,"d":"150.00"},0,0,0,{"v":3,"d":"3.00"},{"v":50,"d":"50.00"},{"v":150,"d":"150.00"},{"v":3,"d":"3.00"},{"v":48,"d":"48.00"},0]
[100,"继电器","JZC4-31","只",0,0,0,{"v":9,"d":"9.00"},{"v":36,"d":"36.00"},{"v":324,"d":"324.00"},0,0,0,{"v":9,"d":"9.00"},{"v":36,"d":"36.00"},{"v":324,"d":"324.00"},{"v":9,"d":"9.00"},{"v":108,"d":"108.00"},0]
[101,"漏电闭锁继电器","JLB-2","个",0,0,0,{"v":3,"d":"3.00"},{"v":29,"d":"29.00"},{"v":87,"d":"87.00"},0,0,0,{"v":3,"d":"3.00"},{"v":29,"d":"29.00"},{"v":87,"d":"87.00"},{"v":3,"d":"3.00"},{"v":24,"d":"24.00"},0]
[102,"真空接触器线圈","CKJ5","个",0,0,0,{"v":34,"d":"34.00"},{"v":80,"d":"80.00"},{"v":2720,"d":"2,720.00"},0,0,0,{"v":34,"d":"34.00"},{"v":80,"d":"80.00"},{"v":2720,"d":"2,720.00"},{"v":34,"d":"34.00"},{"v":761.6,"d":"761.60"},0]
[103,"矿用电子保护插件","JDB通用插件","个",0,0,0,{"v":17,"d":"17.00"},{"v":210,"d":"210.00"},{"v":3570,"d":"3,570.00"},0,0,0,{"v":17,"d":"17.00"},{"v":210,"d":"210.00"},{"v":3570,"d":"3,570.00"},{"v":17,"d":"17.00"},{"v":1360,"d":"1,360.00"},0]
[104,"电机综合保护器","JDB-80A","个",0,0,0,{"v":5,"d":"5.00"},{"v":95,"d":"95.00"},{"v":475,"d":"475.00"},0,0,0,{"v":5,"d":"5.00"},{"v":95,"d":"95.00"},{"v":475,"d":"475.00"},{"v":5,"d":"5.00"},{"v":200,"d":"200.00"},0]
[105,"防爆电铃线圈","127V","个",0,0,0,{"v":10,"d":"10.00"},{"v":75,"d":"75.00"},{"v":750,"d":"750.00"},0,0,0,{"v":10,"d":"10.00"},{"v":75,"d":"75.00"},{"v":750,"d":"750.00"},{"v":10,"d":"10.00"},{"v":400,"d":"400.00"},0]
[106,"旋转换向开关","DH-2-7","个",0,0,0,{"v":10,"d":"10.00"},{"v":150,"d":"150.00"},{"v":1500,"d":"1,500.00"},0,0,0,{"v":10,"d":"10.00"},{"v":150,"d":"150.00"},{"v":1500,"d":"1,500.00"},{"v":10,"d":"10.00"},{"v":240,"d":"240.00"},0]
[107,"漏电插件","BKD9-660V","个",0,0,0,{"v":25,"d":"25.00"},{"v":60,"d":"60.00"},{"v":1500,"d":"1,500.00"},0,0,0,{"v":25,"d":"25.00"},{"v":60,"d":"60.00"},{"v":1500,"d":"1,500.00"},{"v":25,"d":"25.00"},{"v":500,"d":"500.00"},0]
[108,"漏电插件","BKD9-400A","个",0,0,0,{"v":18,"d":"18.00"},{"v":137,"d":"137.00"},{"v":2466,"d":"2,466.00"},0,0,0,{"v":18,"d":"18.00"},{"v":137,"d":"137.00"},{"v":2466,"d":"2,466.00"},{"v":18,"d":"18.00"},{"v":720,"d":"720.00"},0]
[109,"插件","QJR","个",0,0,0,{"v":3,"d":"3.00"},{"v":60,"d":"60.00"},{"v":180,"d":"180.00"},0,0,0,{"v":3,"d":"3.00"},{"v":60,"d":"60.00"},{"v":180,"d":"180.00"},{"v":3,"d":"3.00"},{"v":60,"d":"60.00"},0]
[110,"安装式电度表","42L6","个",0,0,0,{"v":2,"d":"2.00"},{"v":45,"d":"45.00"},{"v":90,"d":"90.00"},0,0,0,{"v":2,"d":"2.00"},{"v":45,"d":"45.00"},{"v":90,"d":"90.00"},{"v":2,"d":"2.00"},{"v":32,"d":"32.00"},0]
[111,"交流电流表","44L1","个",0,0,0,{"v":3,"d":"3.00"},{"v":35,"d":"35.00"},{"v":105,"d":"105.00"},0,0,0,{"v":3,"d":"3.00"},{"v":35,"d":"35.00"},{"v":105,"d":"105.00"},{"v":3,"d":"3.00"},{"v":36,"d":"36.00"},0]
[112,"过流插件","BKD9-0.2","个",0,0,0,{"v":10,"d":"10.00"},{"v":137,"d":"137.00"},{"v":1370,"d":"1,370.00"},0,0,0,{"v":10,"d":"10.00"},{"v":137,"d":"137.00"},{"v":1370,"d":"1,370.00"},{"v":10,"d":"10.00"},{"v":400,"d":"400.00"},0]
[113,"保护插件","KBZ9-400A","个",0,0,0,{"v":18,"d":"18.00"},{"v":137,"d":"137.00"},{"v":2466,"d":"2,466.00"},0,0,0,{"v":18,"d":"18.00"},{"v":137,"d":"137.00"},{"v":2466,"d":"2,466.00"},{"v":18,"d":"18.00"},{"v":720,"d":"720.00"},0]
[114,"矿用电子保护插件",0,"个",0,0,0,{"v":3,"d":"3.00"},{"v":150,"d":"150.00"},{"v":450,"d":"450.00"},0,0,0,{"v":3,"d":"3.00"},{"v":150,"d":"150.00"},{"v":450,"d":"450.00"},{"v":3,"d":"3.00"},{"v":120,"d":"120.00"},0]
[115,"防爆变压器线圈","QC83","个",0,0,0,{"v":6,"d":"6.00"},{"v":95,"d":"95.00"},{"v":570,"d":"570.00"},0,0,0,{"v":6,"d":"6.00"},{"v":95,"d":"95.00"},{"v":570,"d":"570.00"},{"v":6,"d":"6.00"},{"v":240,"d":"240.00"},0]
[116,"电涌保护器",0,"个",0,0,0,{"v":7,"d":"7.00"},{"v":45,"d":"45.00"},{"v":315,"d":"315.00"},0,0,0,{"v":7,"d":"7.00"},{"v":45,"d":"45.00"},{"v":315,"d":"315.00"},{"v":7,"d":"7.00"},{"v":112,"d":"112.00"},0]
[117,"牵引电磁铁线圈","QC83-80","个",0,0,0,{"v":5,"d":"5.00"},{"v":170,"d":"170.00"},{"v":850,"d":"850.00"},0,0,0,{"v":5,"d":"5.00"},{"v":170,"d":"170.00"},{"v":850,"d":"850.00"},{"v":5,"d":"5.00"},{"v":200,"d":"200.00"},0]
[118,"热过载继电器","JR36-20","个",0,0,0,{"v":1,"d":"1.00"},{"v":150,"d":"150.00"},{"v":150,"d":"150.00"},0,0,0,{"v":1,"d":"1.00"},{"v":150,"d":"150.00"},{"v":150,"d":"150.00"},{"v":1,"d":"1.00"},{"v":40,"d":"40.00"},0]
[119,"防爆开关挡圈",{"v":100,"d":"100.00"},"个",0,0,0,{"v":18,"d":"18.00"},{"v":2.5,"d":"2.50"},{"v":45,"d":"45.00"},0,0,0,{"v":18,"d":"18.00"},{"v":2.5,"d":"2.50"},{"v":45,"d":"45.00"},{"v":18,"d":"18.00"},{"v":14.4,"d":"14.40"},0]
[120,"防爆开关挡圈",{"v":75,"d":"75.00"},"个",0,0,0,{"v":100,"d":"100.00"},{"v":1.2,"d":"1.20"},{"v":120,"d":"120.00"},0,0,0,{"v":100,"d":"100.00"},{"v":1.2,"d":"1.20"},{"v":120,"d":"120.00"},{"v":100,"d":"100.00"},{"v":80,"d":"80.00"},0]
[121,"防爆开关挡圈",{"v":70,"d":"70.00"},"个",0,0,0,{"v":80,"d":"80.00"},{"v":1.1,"d":"1.10"},{"v":88,"d":"88.00"},0,0,0,{"v":80,"d":"80.00"},{"v":1.1,"d":"1.10"},{"v":88,"d":"88.00"},{"v":80,"d":"80.00"},{"v":64,"d":"64.00"},0]
[122,"防爆开关挡圈",{"v":65,"d":"65.00"},"个",0,0,0,{"v":35,"d":"35.00"},{"v":1,"d":"1.00"},{"v":35,"d":"35.00"},0,0,0,{"v":35,"d":"35.00"},{"v":1,"d":"1.00"},{"v":35,"d":"35.00"},{"v":35,"d":"35.00"},{"v":28,"d":"28.00"},0]
[123,"防爆开关挡圈",{"v":80,"d":"80.00"},"个",0,0,0,{"v":40,"d":"40.00"},{"v":1.3,"d":"1.30"},{"v":52,"d":"52.00"},0,0,0,{"v":40,"d":"40.00"},{"v":1.3,"d":"1.30"},{"v":52,"d":"52.00"},{"v":40,"d":"40.00"},{"v":32,"d":"32.00"},0]
[124,"防爆开关挡圈",{"v":30,"d":"30.00"},"个",0,0,0,{"v":250,"d":"250.00"},{"v":0.7,"d":"0.70"},{"v":175,"d":"175.00"},0,0,0,{"v":250,"d":"250.00"},{"v":0.7,"d":"0.70"},{"v":175,"d":"175.00"},{"v":250,"d":"250.00"},{"v":200,"d":"200.00"},0]
[125,"防爆开关挡板",{"v":100,"d":"100.00"},"个",0,0,0,{"v":50,"d":"50.00"},{"v":3,"d":"3.00"},{"v":150,"d":"150.00"},0,0,0,{"v":50,"d":"50.00"},{"v":3,"d":"3.00"},{"v":150,"d":"150.00"},{"v":50,"d":"50.00"},{"v":40,"d":"40.00"},0]
[126,"防爆开关挡板",{"v":85,"d":"85.00"},"个",0,0,0,{"v":40,"d":"40.00"},{"v":2.5,"d":"2.50"},{"v":100,"d":"100.00"},0,0,0,{"v":40,"d":"40.00"},{"v":2.5,"d":"2.50"},{"v":100,"d":"100.00"},{"v":40,"d":"40.00"},{"v":32,"d":"32.00"},0]
[127,"防爆开关挡板",{"v":75,"d":"75.00"},"个",0,0,0,{"v":80,"d":"80.00"},{"v":2.3,"d":"2.30"},{"v":184,"d":"184.00"},0,0,0,{"v":80,"d":"80.00"},{"v":2.3,"d":"2.30"},{"v":184,"d":"184.00"},{"v":80,"d":"80.00"},{"v":64,"d":"64.00"},0]
[128,"防爆开关挡板",{"v":65,"d":"65.00"},"个",0,0,0,{"v":101,"d":"101.00"},{"v":2.1,"d":"2.10"},{"v":212.1,"d":"212.10"},0,0,0,{"v":101,"d":"101.00"},{"v":2.1,"d":"2.10"},{"v":212.1,"d":"212.10"},{"v":101,"d":"101.00"},{"v":80.8,"d":"80.80"},0]
[129,"防爆开关挡板",{"v":30,"d":"30.00"},"个",0,0,0,{"v":192,"d":"192.00"},{"v":1.2,"d":"1.20"},{"v":230.4,"d":"230.40"},0,0,0,{"v":192,"d":"192.00"},{"v":1.2,"d":"1.20"},{"v":230.4,"d":"230.40"},{"v":192,"d":"192.00"},{"v":153.6,"d":"153.60"},0]
[130,"空盒气压表","DYM3型","个",0,0,0,{"v":1,"d":"1.00"},{"v":820,"d":"820.00"},{"v":820,"d":"820.00"},0,0,0,{"v":1,"d":"1.00"},{"v":820,"d":"820.00"},{"v":820,"d":"820.00"},{"v":1,"d":"1.00"},{"v":280,"d":"280.00"},0]
[131,"交直流电压表","6L2","个",0,0,0,{"v":1,"d":"1.00"},{"v":20,"d":"20.00"},{"v":20,"d":"20.00"},0,0,0,{"v":1,"d":"1.00"},{"v":20,"d":"20.00"},{"v":20,"d":"20.00"},{"v":1,"d":"1.00"},{"v":8,"d":"8.00"},0]
[132,"萤光灯镇流器",{"v":127,"d":"127.00"},"个",0,0,0,{"v":4,"d":"4.00"},{"v":15,"d":"15.00"},{"v":60,"d":"60.00"},0,0,0,{"v":4,"d":"4.00"},{"v":15,"d":"15.00"},{"v":60,"d":"60.00"},{"v":4,"d":"4.00"},{"v":16,"d":"16.00"},0]
[133,"防爆专用镇流器","BTA18","个",0,0,0,{"v":16,"d":"16.00"},{"v":30,"d":"30.00"},{"v":480,"d":"480.00"},0,0,0,{"v":16,"d":"16.00"},{"v":30,"d":"30.00"},{"v":480,"d":"480.00"},{"v":16,"d":"16.00"},{"v":128,"d":"128.00"},0]
[134,"防爆专用镇流器","LUMWN20W","个",0,0,0,{"v":17,"d":"17.00"},{"v":30,"d":"30.00"},{"v":510,"d":"510.00"},0,0,0,{"v":17,"d":"17.00"},{"v":30,"d":"30.00"},{"v":510,"d":"510.00"},{"v":17,"d":"17.00"},{"v":136,"d":"136.00"},0]
[135,"防雨电源",0,"个",0,0,0,0,0,0,0,0,0,0,0,0,0,0,"盘亏"]
[136,"时间继电器","JS14P 电压380V","个",0,0,0,{"v":10,"d":"10.00"},{"v":35,"d":"35.00"},{"v":350,"d":"350.00"},0,0,0,{"v":10,"d":"10.00"},{"v":35,"d":"35.00"},{"v":350,"d":"350.00"},{"v":10,"d":"10.00"},{"v":120,"d":"120.00"},0]
[137,"真空电路板",0,"块",0,0,0,{"v":17,"d":"17.00"},{"v":40,"d":"40.00"},{"v":680,"d":"680.00"},0,0,0,{"v":17,"d":"17.00"},{"v":40,"d":"40.00"},{"v":680,"d":"680.00"},{"v":17,"d":"17.00"},{"v":204,"d":"204.00"},0]
[138,"三位开关","220V","个",0,0,0,{"v":3,"d":"3.00"},{"v":5,"d":"5.00"},{"v":15,"d":"15.00"},0,0,0,{"v":3,"d":"3.00"},{"v":5,"d":"5.00"},{"v":15,"d":"15.00"},{"v":3,"d":"3.00"},{"v":2.4,"d":"2.40"},0]
[139,"油封",{"v":60,"d":"60.00"},"个",0,0,0,{"v":7,"d":"7.00"},{"v":2.8,"d":"2.80"},{"v":19.6,"d":"19.60"},0,0,0,{"v":7,"d":"7.00"},{"v":2.8,"d":"2.80"},{"v":19.6,"d":"19.60"},{"v":7,"d":"7.00"},{"v":8.4,"d":"8.40"},0]
[140,"油封",{"v":85,"d":"85.00"},"个",0,0,0,{"v":2,"d":"2.00"},{"v":3.6,"d":"3.60"},{"v":7.2,"d":"7.20"},0,0,0,{"v":2,"d":"2.00"},{"v":3.6,"d":"3.60"},{"v":7.2,"d":"7.20"},{"v":2,"d":"2.00"},{"v":3.2,"d":"3.20"},0]
[141,"油封",{"v":50,"d":"50.00"},"个",0,0,0,{"v":87,"d":"87.00"},{"v":2.3,"d":"2.30"},{"v":200.1,"d":"200.10"},0,0,0,{"v":87,"d":"87.00"},{"v":2.3,"d":"2.30"},{"v":200.1,"d":"200.10"},{"v":87,"d":"87.00"},{"v":69.6,"d":"69.60"},0]
[142,"油封",{"v":65,"d":"65.00"},"个",0,0,0,{"v":17,"d":"17.00"},{"v":2.9,"d":"2.90"},{"v":49.3,"d":"49.30"},0,0,0,{"v":17,"d":"17.00"},{"v":2.9,"d":"2.90"},{"v":49.3,"d":"49.30"},{"v":17,"d":"17.00"},{"v":20.4,"d":"20.40"},0]
[143,"油封",{"v":30,"d":"30.00"},"个",0,0,0,{"v":50,"d":"50.00"},{"v":2.3,"d":"2.30"},{"v":115,"d":"115.00"},0,0,0,{"v":50,"d":"50.00"},{"v":2.3,"d":"2.30"},{"v":115,"d":"115.00"},{"v":50,"d":"50.00"},{"v":40,"d":"40.00"},0]
[144,"机械密封","小","个",0,0,0,{"v":9,"d":"9.00"},{"v":160,"d":"160.00"},{"v":1440,"d":"1,440.00"},0,0,0,{"v":9,"d":"9.00"},{"v":160,"d":"160.00"},{"v":1440,"d":"1,440.00"},{"v":9,"d":"9.00"},{"v":360,"d":"360.00"},0]
[145,"机械密封","55×55×100mm","个",0,0,0,{"v":19,"d":"19.00"},{"v":320,"d":"320.00"},{"v":6080,"d":"6,080.00"},0,0,0,{"v":19,"d":"19.00"},{"v":320,"d":"320.00"},{"v":6080,"d":"6,080.00"},{"v":19,"d":"19.00"},{"v":2280,"d":"2,280.00"},0]
[146,"机械密封","5×5×7mm","个",0,0,0,{"v":31,"d":"31.00"},{"v":60,"d":"60.00"},{"v":1860,"d":"1,860.00"},0,0,0,{"v":31,"d":"31.00"},{"v":60,"d":"60.00"},{"v":1860,"d":"1,860.00"},{"v":31,"d":"31.00"},{"v":620,"d":"620.00"},0]
[147,"机械密封","45*45*90","个",0,0,0,{"v":5,"d":"5.00"},{"v":30,"d":"30.00"},{"v":150,"d":"150.00"},0,0,0,{"v":5,"d":"5.00"},{"v":30,"d":"30.00"},{"v":150,"d":"150.00"},{"v":5,"d":"5.00"},{"v":40,"d":"40.00"},0]
[148,"机械密封","uu401-20/30","个",0,0,0,{"v":12,"d":"12.00"},{"v":30,"d":"30.00"},{"v":360,"d":"360.00"},0,0,0,{"v":12,"d":"12.00"},{"v":30,"d":"30.00"},{"v":360,"d":"360.00"},{"v":12,"d":"12.00"},{"v":96,"d":"96.00"},0]
[149,"收缩钢带",0,"个",0,0,0,{"v":21,"d":"21.00"},{"v":2,"d":"2.00"},{"v":42,"d":"42.00"},0,0,0,{"v":21,"d":"21.00"},{"v":2,"d":"2.00"},{"v":42,"d":"42.00"},{"v":21,"d":"21.00"},{"v":16.8,"d":"16.80"},0]
[150,"卡簧",{"v":130,"d":"130.00"},"个",0,0,0,{"v":7,"d":"7.00"},{"v":12,"d":"12.00"},{"v":84,"d":"84.00"},0,0,0,{"v":7,"d":"7.00"},{"v":12,"d":"12.00"},{"v":84,"d":"84.00"},{"v":7,"d":"7.00"},{"v":28,"d":"28.00"},0]
[151,"卡簧",{"v":100,"d":"100.00"},"个",0,0,0,{"v":9,"d":"9.00"},{"v":10,"d":"10.00"},{"v":90,"d":"90.00"},0,0,0,{"v":9,"d":"9.00"},{"v":10,"d":"10.00"},{"v":90,"d":"90.00"},{"v":9,"d":"9.00"},{"v":36,"d":"36.00"},0]
[152,"钢垫",{"v":140,"d":"140.00"},"个",0,0,0,{"v":4,"d":"4.00"},{"v":5,"d":"5.00"},{"v":20,"d":"20.00"},0,0,0,{"v":4,"d":"4.00"},{"v":5,"d":"5.00"},{"v":20,"d":"20.00"},{"v":4,"d":"4.00"},{"v":8,"d":"8.00"},0]
[153,"钢圈",{"v":130,"d":"130.00"},"只",0,0,0,{"v":16,"d":"16.00"},{"v":5,"d":"5.00"},{"v":80,"d":"80.00"},0,0,0,{"v":16,"d":"16.00"},{"v":5,"d":"5.00"},{"v":80,"d":"80.00"},{"v":16,"d":"16.00"},{"v":32,"d":"32.00"},0]
[154,"钢圈",{"v":140,"d":"140.00"},"只",0,0,0,{"v":4,"d":"4.00"},{"v":5,"d":"5.00"},{"v":20,"d":"20.00"},0,0,0,{"v":4,"d":"4.00"},{"v":5,"d":"5.00"},{"v":20,"d":"20.00"},{"v":4,"d":"4.00"},{"v":8,"d":"8.00"},0]
[155,"活塞",0,"个",0,0,0,0,0,0,0,0,0,0,0,0,0,0,"盘亏"]
[156,"汽车轴瓦",0,"付",0,0,0,0,0,0,0,0,0,0,0,0,0,0,"盘亏"]
[157,"石笔",0,"盒",0,0,0,{"v":20,"d":"20.00"},{"v":2,"d":"2.00"},{"v":40,"d":"40.00"},0,0,0,{"v":20,"d":"20.00"},{"v":2,"d":"2.00"},{"v":40,"d":"40.00"},{"v":20,"d":"20.00"},{"v":16,"d":"16.00"},0]
[158,"冲击钻花","18×350","支",0,0,0,{"v":1,"d":"1.00"},{"v":10,"d":"10.00"},{"v":10,"d":"10.00"},0,0,0,{"v":1,"d":"1.00"},{"v":10,"d":"10.00"},{"v":10,"d":"10.00"},{"v":1,"d":"1.00"},{"v":4,"d":"4.00"},0]
[159,"冲击钻花","16×350","支",0,0,0,{"v":1,"d":"1.00"},{"v":8.5,"d":"8.50"},{"v":8.5,"d":"8.50"},0,0,0,{"v":1,"d":"1.00"},{"v":8.5,"d":"8.50"},{"v":8.5,"d":"8.50"},{"v":1,"d":"1.00"},{"v":3.6,"d":"3.60"},0]
[160,"冲击钻花","14×350","支",0,0,0,{"v":1,"d":"1.00"},{"v":7,"d":"7.00"},{"v":7,"d":"7.00"},0,0,0,{"v":1,"d":"1.00"},{"v":7,"d":"7.00"},{"v":7,"d":"7.00"},{"v":1,"d":"1.00"},{"v":2.8,"d":"2.80"},0]
[161,"绞车闸瓦","JTPB1.6米绞车","块",0,0,0,{"v":6,"d":"6.00"},{"v":280,"d":"280.00"},{"v":1680,"d":"1,680.00"},0,0,0,{"v":6,"d":"6.00"},{"v":280,"d":"280.00"},{"v":1680,"d":"1,680.00"},{"v":6,"d":"6.00"},{"v":480,"d":"480.00"},0]
[162,"比例阀电流板","JTPB1.6米绞车","块",0,0,0,{"v":1,"d":"1.00"},{"v":1450,"d":"1,450.00"},{"v":1450,"d":"1,450.00"},0,0,0,{"v":1,"d":"1.00"},{"v":1450,"d":"1,450.00"},{"v":1450,"d":"1,450.00"},{"v":1,"d":"1.00"},{"v":440,"d":"440.00"},0]
[163,"彭涨挂钩",0,"个",0,0,0,{"v":72,"d":"72.00"},{"v":5,"d":"5.00"},{"v":360,"d":"360.00"},0,0,0,{"v":72,"d":"72.00"},{"v":5,"d":"5.00"},{"v":360,"d":"360.00"},{"v":72,"d":"72.00"},{"v":144,"d":"144.00"},0]
[164,"橡套电缆阻燃冷补胶",0,"瓶",0,0,0,{"v":1,"d":"1.00"},{"v":32,"d":"32.00"},{"v":32,"d":"32.00"},0,0,0,{"v":1,"d":"1.00"},{"v":32,"d":"32.00"},{"v":32,"d":"32.00"},{"v":1,"d":"1.00"},{"v":12,"d":"12.00"},0]
[165,"光电给定器",0,"个",0,0,0,{"v":3,"d":"3.00"},{"v":290,"d":"290.00"},{"v":870,"d":"870.00"},0,0,0,{"v":3,"d":"3.00"},{"v":290,"d":"290.00"},{"v":870,"d":"870.00"},{"v":3,"d":"3.00"},{"v":240,"d":"240.00"},0]
[166,"机械轴头组",0,"个",0,0,0,0,0,0,0,0,0,0,0,0,0,0,"盘亏"]
[167,"铜焊条",0,"盒",0,0,0,{"v":1,"d":"1.00"},{"v":100,"d":"100.00"},{"v":100,"d":"100.00"},0,0,0,{"v":1,"d":"1.00"},{"v":100,"d":"100.00"},{"v":100,"d":"100.00"},{"v":1,"d":"1.00"},{"v":40,"d":"40.00"},0]
[168,"焊条","3、2","KG",0,0,0,{"v":5,"d":"5.00"},{"v":5.3,"d":"5.30"},{"v":26.5,"d":"26.50"},0,0,0,{"v":5,"d":"5.00"},{"v":5.3,"d":"5.30"},{"v":26.5,"d":"26.50"},{"v":5,"d":"5.00"},{"v":10,"d":"10.00"},0]
[169,"焊条","4、0","KG",0,0,0,{"v":95,"d":"95.00"},5.86,{"v":556.5,"d":"556.50"},0,0,0,{"v":95,"d":"95.00"},5.86,{"v":556.5,"d":"556.50"},{"v":95,"d":"95.00"},{"v":190,"d":"190.00"},0]
[170,"防爆开关接线柱","大1号","个",0,0,0,{"v":19,"d":"19.00"},{"v":3.5,"d":"3.50"},{"v":66.5,"d":"66.50"},0,0,0,{"v":19,"d":"19.00"},{"v":3.5,"d":"3.50"},{"v":66.5,"d":"66.50"},{"v":19,"d":"19.00"},{"v":15.2,"d":"15.20"},0]
[171,"防爆开关接线柱","3号","个",0,0,0,{"v":18,"d":"18.00"},{"v":6,"d":"6.00"},{"v":108,"d":"108.00"},0,0,0,{"v":18,"d":"18.00"},{"v":6,"d":"6.00"},{"v":108,"d":"108.00"},{"v":18,"d":"18.00"},{"v":14.4,"d":"14.40"},0]
[172,"防爆开关接线柱","4号","个",0,0,0,{"v":7,"d":"7.00"},{"v":7.5,"d":"7.50"},{"v":52.5,"d":"52.50"},0,0,0,{"v":7,"d":"7.00"},{"v":7.5,"d":"7.50"},{"v":52.5,"d":"52.50"},{"v":7,"d":"7.00"},{"v":5.6,"d":"5.60"},0]
[173,"防爆开关接线柱","5号","个",0,0,0,{"v":20,"d":"20.00"},{"v":5,"d":"5.00"},{"v":100,"d":"100.00"},0,0,0,{"v":20,"d":"20.00"},{"v":5,"d":"5.00"},{"v":100,"d":"100.00"},{"v":20,"d":"20.00"},{"v":16,"d":"16.00"},0]
[174,"塑料风扇叶","280-2","个",0,0,0,{"v":3,"d":"3.00"},{"v":120,"d":"120.00"},{"v":360,"d":"360.00"},0,0,0,{"v":3,"d":"3.00"},{"v":120,"d":"120.00"},{"v":360,"d":"360.00"},{"v":3,"d":"3.00"},{"v":120,"d":"120.00"},0]
[175,"塑料风扇叶","200-468","个",0,0,0,{"v":5,"d":"5.00"},{"v":80,"d":"80.00"},{"v":400,"d":"400.00"},0,0,0,{"v":5,"d":"5.00"},{"v":80,"d":"80.00"},{"v":400,"d":"400.00"},{"v":5,"d":"5.00"},{"v":200,"d":"200.00"},0]
[176,"塑料风扇叶","60-265","个",0,0,0,{"v":4,"d":"4.00"},{"v":100,"d":"100.00"},{"v":400,"d":"400.00"},0,0,0,{"v":4,"d":"4.00"},{"v":100,"d":"100.00"},{"v":400,"d":"400.00"},{"v":4,"d":"4.00"},{"v":160,"d":"160.00"},0]
[177,"塑料风扇叶","250-23","个",0,0,0,{"v":1,"d":"1.00"},{"v":100,"d":"100.00"},{"v":100,"d":"100.00"},0,0,0,{"v":1,"d":"1.00"},{"v":100,"d":"100.00"},{"v":100,"d":"100.00"},{"v":1,"d":"1.00"},{"v":40,"d":"40.00"},0]
[178,"塑料风扇叶","200-2","个",0,0,0,{"v":1,"d":"1.00"},{"v":90,"d":"90.00"},{"v":90,"d":"90.00"},0,0,0,{"v":1,"d":"1.00"},{"v":90,"d":"90.00"},{"v":90,"d":"90.00"},{"v":1,"d":"1.00"},{"v":40,"d":"40.00"},0]
[179,"塑料风扇叶",{"v":20,"d":"20.00"},"个",0,0,0,{"v":1,"d":"1.00"},{"v":60,"d":"60.00"},{"v":60,"d":"60.00"},0,0,0,{"v":1,"d":"1.00"},{"v":60,"d":"60.00"},{"v":60,"d":"60.00"},{"v":1,"d":"1.00"},{"v":20,"d":"20.00"},0]
[180,"塑料风扇叶","Y315-2-Φ75","个",0,0,0,{"v":1,"d":"1.00"},{"v":50,"d":"50.00"},{"v":50,"d":"50.00"},0,0,0,{"v":1,"d":"1.00"},{"v":50,"d":"50.00"},{"v":50,"d":"50.00"},{"v":1,"d":"1.00"},{"v":16,"d":"16.00"},0]
[181,"手持式电煤钻","127V","台",0,0,0,{"v":1,"d":"1.00"},{"v":1050,"d":"1,050.00"},{"v":1050,"d":"1,050.00"},0,0,0,{"v":1,"d":"1.00"},{"v":1050,"d":"1,050.00"},{"v":1050,"d":"1,050.00"},{"v":1,"d":"1.00"},{"v":320,"d":"320.00"},0]
[182,"煤电钻总成",0,"个",0,0,0,{"v":3,"d":"3.00"},{"v":125,"d":"125.00"},{"v":375,"d":"375.00"},0,0,0,{"v":3,"d":"3.00"},{"v":125,"d":"125.00"},{"v":375,"d":"375.00"},{"v":3,"d":"3.00"},{"v":120,"d":"120.00"},0]
[183,"电煤钻附罩",0,"个",0,0,0,{"v":10,"d":"10.00"},{"v":9,"d":"9.00"},{"v":90,"d":"90.00"},0,0,0,{"v":10,"d":"10.00"},{"v":9,"d":"9.00"},{"v":90,"d":"90.00"},{"v":10,"d":"10.00"},{"v":36,"d":"36.00"},0]
[184,"电煤钻风扇叶子",0,"个",0,0,0,{"v":12,"d":"12.00"},{"v":8,"d":"8.00"},{"v":96,"d":"96.00"},0,0,0,{"v":12,"d":"12.00"},{"v":8,"d":"8.00"},{"v":96,"d":"96.00"},{"v":12,"d":"12.00"},{"v":38.4,"d":"38.40"},0]
[185,"煤电钻接线套",0,"个",0,0,0,{"v":2,"d":"2.00"},{"v":10,"d":"10.00"},{"v":20,"d":"20.00"},0,0,0,{"v":2,"d":"2.00"},{"v":10,"d":"10.00"},{"v":20,"d":"20.00"},{"v":2,"d":"2.00"},{"v":8,"d":"8.00"},0]
[186,"煤电钻接线专用附套",0,"个",0,0,0,{"v":10,"d":"10.00"},{"v":8,"d":"8.00"},{"v":80,"d":"80.00"},0,0,0,{"v":10,"d":"10.00"},{"v":8,"d":"8.00"},{"v":80,"d":"80.00"},{"v":10,"d":"10.00"},{"v":32,"d":"32.00"},0]
[187,"煤电钻开关把手",0,"个",0,0,0,{"v":10,"d":"10.00"},{"v":10,"d":"10.00"},{"v":100,"d":"100.00"},0,0,0,{"v":10,"d":"10.00"},{"v":10,"d":"10.00"},{"v":100,"d":"100.00"},{"v":10,"d":"10.00"},{"v":8,"d":"8.00"},0]
[188,"煤电钻右手柄",0,"个",0,0,0,{"v":3,"d":"3.00"},{"v":20,"d":"20.00"},{"v":60,"d":"60.00"},0,0,0,{"v":3,"d":"3.00"},{"v":20,"d":"20.00"},{"v":60,"d":"60.00"},{"v":3,"d":"3.00"},{"v":24,"d":"24.00"},0]
[189,"气动式钻机",0,"台",0,0,0,{"v":1,"d":"1.00"},{"v":820,"d":"820.00"},{"v":820,"d":"820.00"},0,0,0,{"v":1,"d":"1.00"},{"v":820,"d":"820.00"},{"v":820,"d":"820.00"},{"v":1,"d":"1.00"},{"v":280,"d":"280.00"},0]
[190,"乳化泵连杆",0,"支",0,0,0,{"v":5,"d":"5.00"},{"v":260,"d":"260.00"},{"v":1300,"d":"1,300.00"},0,0,0,{"v":5,"d":"5.00"},{"v":260,"d":"260.00"},{"v":1300,"d":"1,300.00"},{"v":5,"d":"5.00"},{"v":400,"d":"400.00"},0]
[191,"乳化泵轴",0,"根",0,0,0,0,0,0,0,0,0,0,0,0,0,0,"盘亏"]
[192,"空压机安全阀","A27W-10T￠40","个",0,0,0,{"v":1,"d":"1.00"},{"v":505,"d":"505.00"},{"v":505,"d":"505.00"},0,0,0,{"v":1,"d":"1.00"},{"v":505,"d":"505.00"},{"v":505,"d":"505.00"},{"v":1,"d":"1.00"},{"v":160,"d":"160.00"},0]
[193,"空压机安全阀","A27W-10T￠32","个",0,0,0,{"v":2,"d":"2.00"},{"v":505,"d":"505.00"},{"v":1010,"d":"1,010.00"},0,0,0,{"v":2,"d":"2.00"},{"v":505,"d":"505.00"},{"v":1010,"d":"1,010.00"},{"v":2,"d":"2.00"},{"v":320,"d":"320.00"},0]
[194,"减震胶垫（空压机）","LG-20/8G","个",0,0,0,{"v":3,"d":"3.00"},{"v":280,"d":"280.00"},{"v":840,"d":"840.00"},0,0,0,{"v":3,"d":"3.00"},{"v":280,"d":"280.00"},{"v":840,"d":"840.00"},{"v":3,"d":"3.00"},{"v":240,"d":"240.00"},0]
[195,"调压阀阀芯","BQW80/20","个",0,0,0,{"v":6,"d":"6.00"},{"v":19,"d":"19.00"},{"v":114,"d":"114.00"},0,0,0,{"v":6,"d":"6.00"},{"v":19,"d":"19.00"},{"v":114,"d":"114.00"},{"v":6,"d":"6.00"},{"v":48,"d":"48.00"},0]
[196,"闸阀手柄",0,"个",0,0,0,{"v":5,"d":"5.00"},{"v":16,"d":"16.00"},{"v":80,"d":"80.00"},0,0,0,{"v":5,"d":"5.00"},{"v":16,"d":"16.00"},{"v":80,"d":"80.00"},{"v":5,"d":"5.00"},{"v":20,"d":"20.00"},0]
[197,"特种螺丝","￠14×110","可",0,0,0,{"v":28,"d":"28.00"},{"v":15,"d":"15.00"},{"v":420,"d":"420.00"},0,0,0,{"v":28,"d":"28.00"},{"v":15,"d":"15.00"},{"v":420,"d":"420.00"},{"v":28,"d":"28.00"},{"v":112,"d":"112.00"},0]
[198,"乳化泵密封圈","XRB2B0140-3","盒",0,0,0,{"v":4,"d":"4.00"},{"v":168,"d":"168.00"},{"v":672,"d":"672.00"},0,0,0,{"v":4,"d":"4.00"},{"v":168,"d":"168.00"},{"v":672,"d":"672.00"},{"v":4,"d":"4.00"},{"v":160,"d":"160.00"},0]
[199,"乳化泵密封圈",0,"盒",0,0,0,{"v":8,"d":"8.00"},{"v":85,"d":"85.00"},{"v":680,"d":"680.00"},0,0,0,{"v":8,"d":"8.00"},{"v":85,"d":"85.00"},{"v":680,"d":"680.00"},{"v":8,"d":"8.00"},{"v":320,"d":"320.00"},0]
[200,"活塞油环",0,"个",0,0,0,{"v":6,"d":"6.00"},{"v":7.5,"d":"7.50"},{"v":45,"d":"45.00"},0,0,0,{"v":6,"d":"6.00"},{"v":7.5,"d":"7.50"},{"v":45,"d":"45.00"},{"v":6,"d":"6.00"},{"v":19.2,"d":"19.20"},0]
[201,"法兰盘","￠160活盘","个",0,0,0,{"v":1,"d":"1.00"},{"v":350,"d":"350.00"},{"v":350,"d":"350.00"},0,0,0,{"v":1,"d":"1.00"},{"v":350,"d":"350.00"},{"v":350,"d":"350.00"},{"v":1,"d":"1.00"},{"v":120,"d":"120.00"},0]
[202,"法兰盘","￠160(20dg)","个",0,0,0,{"v":14,"d":"14.00"},{"v":75,"d":"75.00"},{"v":1050,"d":"1,050.00"},0,0,0,{"v":14,"d":"14.00"},{"v":75,"d":"75.00"},{"v":1050,"d":"1,050.00"},{"v":14,"d":"14.00"},{"v":560,"d":"560.00"},0]
[203,"法兰盘","￠100（20kg）","个",0,0,0,{"v":18,"d":"18.00"},{"v":75,"d":"75.00"},{"v":1350,"d":"1,350.00"},0,0,0,{"v":18,"d":"18.00"},{"v":75,"d":"75.00"},{"v":1350,"d":"1,350.00"},{"v":18,"d":"18.00"},{"v":720,"d":"720.00"},0]
[204,"法兰盘","￠90","个",0,0,0,{"v":1,"d":"1.00"},{"v":60,"d":"60.00"},{"v":60,"d":"60.00"},0,0,0,{"v":1,"d":"1.00"},{"v":60,"d":"60.00"},{"v":60,"d":"60.00"},{"v":1,"d":"1.00"},{"v":20,"d":"20.00"},0]
[205,"法兰盘","￠75(20kg)","个",0,0,0,{"v":9,"d":"9.00"},{"v":65,"d":"65.00"},{"v":585,"d":"585.00"},0,0,0,{"v":9,"d":"9.00"},{"v":65,"d":"65.00"},{"v":585,"d":"585.00"},{"v":9,"d":"9.00"},{"v":360,"d":"360.00"},0]
[206,"法兰盘","￠100(普通）","个",0,0,0,{"v":65,"d":"65.00"},{"v":65,"d":"65.00"},{"v":4225,"d":"4,225.00"},0,0,0,{"v":65,"d":"65.00"},{"v":65,"d":"65.00"},{"v":4225,"d":"4,225.00"},{"v":65,"d":"65.00"},{"v":2600,"d":"2,600.00"},0]
[207,"法兰盘",{"v":50,"d":"50.00"},"个",0,0,0,{"v":5,"d":"5.00"},{"v":25,"d":"25.00"},{"v":125,"d":"125.00"},0,0,0,{"v":5,"d":"5.00"},{"v":25,"d":"25.00"},{"v":125,"d":"125.00"},{"v":5,"d":"5.00"},{"v":40,"d":"40.00"},0]
[208,"法兰盘","￠135（20kg)）","个",0,0,0,{"v":4,"d":"4.00"},{"v":110,"d":"110.00"},{"v":440,"d":"440.00"},0,0,0,{"v":4,"d":"4.00"},{"v":110,"d":"110.00"},{"v":440,"d":"440.00"},{"v":4,"d":"4.00"},{"v":160,"d":"160.00"},0]
[209,"胶垫","Φ160","个",0,0,0,{"v":16,"d":"16.00"},{"v":3,"d":"3.00"},{"v":48,"d":"48.00"},0,0,0,{"v":16,"d":"16.00"},{"v":3,"d":"3.00"},{"v":48,"d":"48.00"},{"v":16,"d":"16.00"},{"v":19.2,"d":"19.20"},0]
[210,"胶垫","￠110","个",0,0,0,{"v":300,"d":"300.00"},{"v":0.5,"d":"0.50"},{"v":150,"d":"150.00"},0,0,0,{"v":300,"d":"300.00"},{"v":0.5,"d":"0.50"},{"v":150,"d":"150.00"},{"v":300,"d":"300.00"},{"v":120,"d":"120.00"},0]
[211,"胶垫","￠70","个",0,0,0,{"v":25,"d":"25.00"},{"v":0.4,"d":"0.40"},{"v":10,"d":"10.00"},0,0,0,{"v":25,"d":"25.00"},{"v":0.4,"d":"0.40"},{"v":10,"d":"10.00"},{"v":25,"d":"25.00"},{"v":4,"d":"4.00"},0]
[212,"胶垫","￠50","个",0,0,0,{"v":135,"d":"135.00"},0.25,33.75,0,0,0,{"v":135,"d":"135.00"},0.25,33.75,{"v":135,"d":"135.00"},{"v":13.5,"d":"13.50"},0]
[213,"钢丝绳卡","￠3","个",0,0,0,{"v":15,"d":"15.00"},{"v":0.8,"d":"0.80"},{"v":12,"d":"12.00"},0,0,0,{"v":15,"d":"15.00"},{"v":0.8,"d":"0.80"},{"v":12,"d":"12.00"},{"v":15,"d":"15.00"},{"v":6,"d":"6.00"},0]
[214,"钢丝绳卡","￠5","个",0,0,0,{"v":30,"d":"30.00"},{"v":0.9,"d":"0.90"},{"v":27,"d":"27.00"},0,0,0,{"v":30,"d":"30.00"},{"v":0.9,"d":"0.90"},{"v":27,"d":"27.00"},{"v":30,"d":"30.00"},{"v":12,"d":"12.00"},0]
[215,"钢丝绳卡","Φ12","个",0,0,0,{"v":11,"d":"11.00"},{"v":1.2,"d":"1.20"},{"v":13.2,"d":"13.20"},0,0,0,{"v":11,"d":"11.00"},{"v":1.2,"d":"1.20"},{"v":13.2,"d":"13.20"},{"v":11,"d":"11.00"},{"v":4.4,"d":"4.40"},0]
[216,"钢丝绳卡","￠25","个",0,0,0,{"v":82,"d":"82.00"},{"v":18,"d":"18.00"},{"v":1476,"d":"1,476.00"},0,0,0,{"v":82,"d":"82.00"},{"v":18,"d":"18.00"},{"v":1476,"d":"1,476.00"},{"v":82,"d":"82.00"},{"v":328,"d":"328.00"},0]
[217,"U型钩",0,"个",0,0,0,{"v":8,"d":"8.00"},{"v":45,"d":"45.00"},{"v":360,"d":"360.00"},0,0,0,{"v":8,"d":"8.00"},{"v":45,"d":"45.00"},{"v":360,"d":"360.00"},{"v":8,"d":"8.00"},{"v":128,"d":"128.00"},0]
[218,"铁弯管","￠150   45°","个",0,0,0,{"v":1,"d":"1.00"},{"v":20,"d":"20.00"},{"v":20,"d":"20.00"},0,0,0,{"v":1,"d":"1.00"},{"v":20,"d":"20.00"},{"v":20,"d":"20.00"},{"v":1,"d":"1.00"},{"v":8,"d":"8.00"},0]
[219,"铁弯管","Φ50","个",0,0,0,{"v":40,"d":"40.00"},{"v":20,"d":"20.00"},{"v":800,"d":"800.00"},0,0,0,{"v":40,"d":"40.00"},{"v":20,"d":"20.00"},{"v":800,"d":"800.00"},{"v":40,"d":"40.00"},{"v":320,"d":"320.00"},0]
[220,"三通","￠150","个",0,0,0,{"v":1,"d":"1.00"},{"v":38,"d":"38.00"},{"v":38,"d":"38.00"},0,0,0,{"v":1,"d":"1.00"},{"v":38,"d":"38.00"},{"v":38,"d":"38.00"},{"v":1,"d":"1.00"},{"v":12,"d":"12.00"},0]
[221,"喷浆机密封板",0,"套",0,0,0,{"v":3,"d":"3.00"},{"v":130,"d":"130.00"},{"v":390,"d":"390.00"},0,0,0,{"v":3,"d":"3.00"},{"v":130,"d":"130.00"},{"v":390,"d":"390.00"},{"v":3,"d":"3.00"},{"v":120,"d":"120.00"},0]
[222,"喷浆机胶管",0,"件",0,0,0,{"v":3,"d":"3.00"},{"v":69,"d":"69.00"},{"v":207,"d":"207.00"},0,0,0,{"v":3,"d":"3.00"},{"v":69,"d":"69.00"},{"v":207,"d":"207.00"},{"v":3,"d":"3.00"},{"v":120,"d":"120.00"},0]
[223,"喷桨机快速接头",0,"件",0,0,0,{"v":2,"d":"2.00"},{"v":120,"d":"120.00"},{"v":240,"d":"240.00"},0,0,0,{"v":2,"d":"2.00"},{"v":120,"d":"120.00"},{"v":240,"d":"240.00"},{"v":2,"d":"2.00"},{"v":80,"d":"80.00"},0]
[224,"喷桨机喷头",0,"个",0,0,0,{"v":2,"d":"2.00"},{"v":75,"d":"75.00"},{"v":150,"d":"150.00"},0,0,0,{"v":2,"d":"2.00"},{"v":75,"d":"75.00"},{"v":150,"d":"150.00"},{"v":2,"d":"2.00"},{"v":80,"d":"80.00"},0]
[225,"矿用隔爆型接线盒","25A    三通","个",0,0,0,{"v":1,"d":"1.00"},{"v":70,"d":"70.00"},{"v":70,"d":"70.00"},0,0,0,{"v":1,"d":"1.00"},{"v":70,"d":"70.00"},{"v":70,"d":"70.00"},{"v":1,"d":"1.00"},{"v":40,"d":"40.00"},0]
[226,"矿用隔爆型接线盒","KBD2-100A-3T","个",0,0,0,{"v":1,"d":"1.00"},{"v":240,"d":"240.00"},{"v":240,"d":"240.00"},0,0,0,{"v":1,"d":"1.00"},{"v":240,"d":"240.00"},{"v":240,"d":"240.00"},{"v":1,"d":"1.00"},{"v":80,"d":"80.00"},0]
[227,"矿用隔爆型接线盒","KBD2-200A-2T","个",0,0,0,{"v":1,"d":"1.00"},{"v":315,"d":"315.00"},{"v":315,"d":"315.00"},0,0,0,{"v":1,"d":"1.00"},{"v":315,"d":"315.00"},{"v":315,"d":"315.00"},{"v":1,"d":"1.00"},{"v":120,"d":"120.00"},0]
[228,"矿用隔爆按钮","BZA1-5/127-3（三位）","个",0,0,0,{"v":1,"d":"1.00"},{"v":160,"d":"160.00"},{"v":160,"d":"160.00"},0,0,0,{"v":1,"d":"1.00"},{"v":160,"d":"160.00"},{"v":160,"d":"160.00"},{"v":1,"d":"1.00"},{"v":40,"d":"40.00"},0]
[229,"绞车按钮","一位","个",0,0,0,{"v":1,"d":"1.00"},{"v":80,"d":"80.00"},{"v":80,"d":"80.00"},0,0,0,{"v":1,"d":"1.00"},{"v":80,"d":"80.00"},{"v":80,"d":"80.00"},{"v":1,"d":"1.00"},{"v":40,"d":"40.00"},0]
[230,"钢丝绳套环（机芯环）",{"v":21.5,"d":"21.50"},"个",0,0,0,{"v":7,"d":"7.00"},{"v":15,"d":"15.00"},{"v":105,"d":"105.00"},0,0,0,{"v":7,"d":"7.00"},{"v":15,"d":"15.00"},{"v":105,"d":"105.00"},{"v":7,"d":"7.00"},{"v":28,"d":"28.00"},0]
[231,"钢丝绳套环（机芯环）",{"v":15.5,"d":"15.50"},"个",0,0,0,{"v":17,"d":"17.00"},{"v":12,"d":"12.00"},{"v":204,"d":"204.00"},0,0,0,{"v":17,"d":"17.00"},{"v":12,"d":"12.00"},{"v":204,"d":"204.00"},{"v":17,"d":"17.00"},{"v":68,"d":"68.00"},0]
[232,"焊接弯头","￠50 ","个",0,0,0,{"v":4,"d":"4.00"},{"v":2.2,"d":"2.20"},{"v":8.8,"d":"8.80"},0,0,0,{"v":4,"d":"4.00"},{"v":2.2,"d":"2.20"},{"v":8.8,"d":"8.80"},{"v":4,"d":"4.00"},{"v":3.2,"d":"3.20"},0]
[233,"镀锌弯头","￠50 ","个",0,0,0,{"v":10,"d":"10.00"},{"v":6.5,"d":"6.50"},{"v":65,"d":"65.00"},0,0,0,{"v":10,"d":"10.00"},{"v":6.5,"d":"6.50"},{"v":65,"d":"65.00"},{"v":10,"d":"10.00"},{"v":28,"d":"28.00"},0]
[234,"镀锌弯头","￠40 ","个",0,0,0,{"v":5,"d":"5.00"},{"v":8.6,"d":"8.60"},{"v":43,"d":"43.00"},0,0,0,{"v":5,"d":"5.00"},{"v":8.6,"d":"8.60"},{"v":43,"d":"43.00"},{"v":5,"d":"5.00"},{"v":18,"d":"18.00"},0]
[235,"镀锌弯头","￠20 ","个",0,0,0,{"v":20,"d":"20.00"},{"v":1.7,"d":"1.70"},{"v":34,"d":"34.00"},0,0,0,{"v":20,"d":"20.00"},{"v":1.7,"d":"1.70"},{"v":34,"d":"34.00"},{"v":20,"d":"20.00"},{"v":16,"d":"16.00"},0]
[236,"镀锌三通",{"v":40,"d":"40.00"},"个",0,0,0,{"v":3,"d":"3.00"},{"v":8.6,"d":"8.60"},{"v":25.8,"d":"25.80"},0,0,0,{"v":3,"d":"3.00"},{"v":8.6,"d":"8.60"},{"v":25.8,"d":"25.80"},{"v":3,"d":"3.00"},{"v":10.8,"d":"10.80"},0]
[237,"镀锌三通","￠50","个",0,0,0,{"v":14,"d":"14.00"},{"v":6.5,"d":"6.50"},{"v":91,"d":"91.00"},0,0,0,{"v":14,"d":"14.00"},{"v":6.5,"d":"6.50"},{"v":91,"d":"91.00"},{"v":14,"d":"14.00"},{"v":39.2,"d":"39.20"},0]
[238,"镀锌三通","￠25","个",0,0,0,{"v":108,"d":"108.00"},{"v":3,"d":"3.00"},{"v":324,"d":"324.00"},0,0,0,{"v":108,"d":"108.00"},{"v":3,"d":"3.00"},{"v":324,"d":"324.00"},{"v":108,"d":"108.00"},{"v":129.6,"d":"129.60"},0]
[239,"镀锌活接头","￠20","个",0,0,0,{"v":36,"d":"36.00"},{"v":7,"d":"7.00"},{"v":252,"d":"252.00"},0,0,0,{"v":36,"d":"36.00"},{"v":7,"d":"7.00"},{"v":252,"d":"252.00"},{"v":36,"d":"36.00"},{"v":100.8,"d":"100.80"},0]
[240,"镀锌活接头","￠15   ","个",0,0,0,{"v":10,"d":"10.00"},{"v":5,"d":"5.00"},{"v":50,"d":"50.00"},0,0,0,{"v":10,"d":"10.00"},{"v":5,"d":"5.00"},{"v":50,"d":"50.00"},{"v":10,"d":"10.00"},{"v":20,"d":"20.00"},0]
[241,"镀锌内接头","￠50","个",0,0,0,{"v":4,"d":"4.00"},{"v":6.5,"d":"6.50"},{"v":26,"d":"26.00"},0,0,0,{"v":4,"d":"4.00"},{"v":6.5,"d":"6.50"},{"v":26,"d":"26.00"},{"v":4,"d":"4.00"},{"v":11.2,"d":"11.20"},0]
[242,"镀锌内接头","￠40","个",0,0,0,{"v":9,"d":"9.00"},{"v":4.6,"d":"4.60"},{"v":41.4,"d":"41.40"},0,0,0,{"v":9,"d":"9.00"},{"v":4.6,"d":"4.60"},{"v":41.4,"d":"41.40"},{"v":9,"d":"9.00"},{"v":18,"d":"18.00"},0]
[243,"镀锌内接头","￠20","个",0,0,0,{"v":280,"d":"280.00"},{"v":1.6,"d":"1.60"},{"v":448,"d":"448.00"},0,0,0,{"v":280,"d":"280.00"},{"v":1.6,"d":"1.60"},{"v":448,"d":"448.00"},{"v":280,"d":"280.00"},{"v":224,"d":"224.00"},0]
[244,"镀锌内接头","￠25","个",0,0,0,{"v":28,"d":"28.00"},{"v":1.9,"d":"1.90"},{"v":53.2,"d":"53.20"},0,0,0,{"v":28,"d":"28.00"},{"v":1.9,"d":"1.90"},{"v":53.2,"d":"53.20"},{"v":28,"d":"28.00"},{"v":22.4,"d":"22.40"},0]
[245,"镀锌外接头","￠15","个",0,0,0,{"v":66,"d":"66.00"},{"v":1.7,"d":"1.70"},{"v":112.2,"d":"112.20"},0,0,0,{"v":66,"d":"66.00"},{"v":1.7,"d":"1.70"},{"v":112.2,"d":"112.20"},{"v":66,"d":"66.00"},{"v":52.8,"d":"52.80"},0]
[246,"六角螺栓","Φ16*100","颗",0,0,0,{"v":40,"d":"40.00"},1.25,{"v":50,"d":"50.00"},0,0,0,{"v":40,"d":"40.00"},1.25,{"v":50,"d":"50.00"},{"v":40,"d":"40.00"},{"v":16,"d":"16.00"},0]
[247,"六角螺栓（不锈钢）","￠10*40","颗",0,0,0,{"v":300,"d":"300.00"},{"v":6,"d":"6.00"},{"v":1800,"d":"1,800.00"},0,0,0,{"v":300,"d":"300.00"},{"v":6,"d":"6.00"},{"v":1800,"d":"1,800.00"},{"v":300,"d":"300.00"},{"v":720,"d":"720.00"},0]
[248,"六角螺栓","￠18×120","颗",0,0,0,{"v":22,"d":"22.00"},{"v":1.9,"d":"1.90"},{"v":41.8,"d":"41.80"},0,0,0,{"v":22,"d":"22.00"},{"v":1.9,"d":"1.90"},{"v":41.8,"d":"41.80"},{"v":22,"d":"22.00"},{"v":17.6,"d":"17.60"},0]
[249,"六角螺栓","￠8×180","颗",0,0,0,{"v":12,"d":"12.00"},{"v":2,"d":"2.00"},{"v":24,"d":"24.00"},0,0,0,{"v":12,"d":"12.00"},{"v":2,"d":"2.00"},{"v":24,"d":"24.00"},{"v":12,"d":"12.00"},{"v":9.6,"d":"9.60"},0]
[250,"六角螺栓","￠16×200","颗",0,0,0,{"v":4,"d":"4.00"},{"v":2.8,"d":"2.80"},{"v":11.2,"d":"11.20"},0,0,0,{"v":4,"d":"4.00"},{"v":2.8,"d":"2.80"},{"v":11.2,"d":"11.20"},{"v":4,"d":"4.00"},{"v":4.8,"d":"4.80"},0]
[251,"六角螺栓","Φ14*40","颗",0,0,0,{"v":132,"d":"132.00"},0.65,{"v":85.8,"d":"85.80"},0,0,0,{"v":132,"d":"132.00"},0.65,{"v":85.8,"d":"85.80"},{"v":132,"d":"132.00"},{"v":52.8,"d":"52.80"},0]
[252,"六角螺栓","￠16*65","颗",0,0,0,{"v":253,"d":"253.00"},{"v":1,"d":"1.00"},{"v":253,"d":"253.00"},0,0,0,{"v":253,"d":"253.00"},{"v":1,"d":"1.00"},{"v":253,"d":"253.00"},{"v":253,"d":"253.00"},{"v":101.2,"d":"101.20"},0]
[253,"六角螺栓","Φ14*90","颗",0,0,0,{"v":32,"d":"32.00"},{"v":0.7,"d":"0.70"},{"v":22.4,"d":"22.40"},0,0,0,{"v":32,"d":"32.00"},{"v":0.7,"d":"0.70"},{"v":22.4,"d":"22.40"},{"v":32,"d":"32.00"},{"v":12.8,"d":"12.80"},0]
[254,"六角螺栓","Φ16*60","颗",0,0,0,{"v":132,"d":"132.00"},{"v":1.1,"d":"1.10"},{"v":145.2,"d":"145.20"},0,0,0,{"v":132,"d":"132.00"},{"v":1.1,"d":"1.10"},{"v":145.2,"d":"145.20"},{"v":132,"d":"132.00"},{"v":52.8,"d":"52.80"},0]
[255,"六角螺栓","￠14×45","颗",0,0,0,{"v":200,"d":"200.00"},{"v":0.9,"d":"0.90"},{"v":180,"d":"180.00"},0,0,0,{"v":200,"d":"200.00"},{"v":0.9,"d":"0.90"},{"v":180,"d":"180.00"},{"v":200,"d":"200.00"},{"v":80,"d":"80.00"},0]
[256,"六角螺栓","￠14×70","颗",0,0,0,{"v":12,"d":"12.00"},1.36,16.32,0,0,0,{"v":12,"d":"12.00"},1.36,16.32,{"v":12,"d":"12.00"},{"v":4.8,"d":"4.80"},0]
[257,"六角螺栓（不锈钢）","￠14×100","颗",0,0,0,{"v":109,"d":"109.00"},{"v":6,"d":"6.00"},{"v":654,"d":"654.00"},0,0,0,{"v":109,"d":"109.00"},{"v":6,"d":"6.00"},{"v":654,"d":"654.00"},{"v":109,"d":"109.00"},{"v":261.6,"d":"261.60"},0]
[258,"六角螺栓","￠14×80","颗",0,0,0,{"v":30,"d":"30.00"},{"v":0.8,"d":"0.80"},{"v":24,"d":"24.00"},0,0,0,{"v":30,"d":"30.00"},{"v":0.8,"d":"0.80"},{"v":24,"d":"24.00"},{"v":30,"d":"30.00"},{"v":12,"d":"12.00"},0]
[259,"六角螺栓","￠16×80","颗",0,0,0,{"v":11,"d":"11.00"},{"v":1,"d":"1.00"},{"v":11,"d":"11.00"},0,0,0,{"v":11,"d":"11.00"},{"v":1,"d":"1.00"},{"v":11,"d":"11.00"},{"v":11,"d":"11.00"},{"v":4.4,"d":"4.40"},0]
[260,"六角螺栓","￠14*65","颗",0,0,0,{"v":2,"d":"2.00"},{"v":0.8,"d":"0.80"},{"v":1.6,"d":"1.60"},0,0,0,{"v":2,"d":"2.00"},{"v":0.8,"d":"0.80"},{"v":1.6,"d":"1.60"},{"v":2,"d":"2.00"},{"v":0.8,"d":"0.80"},0]
[261,"六角螺栓","￠16×65","颗",0,0,0,{"v":125,"d":"125.00"},{"v":0.8,"d":"0.80"},{"v":100,"d":"100.00"},0,0,0,{"v":125,"d":"125.00"},{"v":0.8,"d":"0.80"},{"v":100,"d":"100.00"},{"v":125,"d":"125.00"},{"v":50,"d":"50.00"},0]
[262,"六角螺栓（不锈钢）","￠12*60","颗",0,0,0,{"v":2,"d":"2.00"},{"v":4,"d":"4.00"},{"v":8,"d":"8.00"},0,0,0,{"v":2,"d":"2.00"},{"v":4,"d":"4.00"},{"v":8,"d":"8.00"},{"v":2,"d":"2.00"},{"v":3.2,"d":"3.20"},0]
[263,"六角螺栓","￠14×50","颗",0,0,0,{"v":110,"d":"110.00"},0.78,{"v":85.8,"d":"85.80"},0,0,0,{"v":110,"d":"110.00"},0.78,{"v":85.8,"d":"85.80"},{"v":110,"d":"110.00"},{"v":44,"d":"44.00"},0]
[264,"六角螺栓","￠8×100","颗",0,0,0,{"v":68,"d":"68.00"},{"v":0.3,"d":"0.30"},{"v":20.4,"d":"20.40"},0,0,0,{"v":68,"d":"68.00"},{"v":0.3,"d":"0.30"},{"v":20.4,"d":"20.40"},{"v":68,"d":"68.00"},8.16,0]
[265,"六角螺栓","￠12×80 不锈钢","颗",0,0,0,{"v":2,"d":"2.00"},{"v":2,"d":"2.00"},{"v":4,"d":"4.00"},0,0,0,{"v":2,"d":"2.00"},{"v":2,"d":"2.00"},{"v":4,"d":"4.00"},{"v":2,"d":"2.00"},{"v":1.6,"d":"1.60"},0]
[266,"六角螺栓","￠10×60","颗",0,0,0,{"v":30,"d":"30.00"},{"v":5.5,"d":"5.50"},{"v":165,"d":"165.00"},0,0,0,{"v":30,"d":"30.00"},{"v":5.5,"d":"5.50"},{"v":165,"d":"165.00"},{"v":30,"d":"30.00"},{"v":72,"d":"72.00"},0]
[267,"六角螺栓","￠8×40","颗",0,0,0,{"v":200,"d":"200.00"},0.17,{"v":34,"d":"34.00"},0,0,0,{"v":200,"d":"200.00"},0.17,{"v":34,"d":"34.00"},{"v":200,"d":"200.00"},{"v":24,"d":"24.00"},0]
[268,"六角螺栓","￠8×70","颗",0,0,0,{"v":36,"d":"36.00"},{"v":1.5,"d":"1.50"},{"v":54,"d":"54.00"},0,0,0,{"v":36,"d":"36.00"},{"v":1.5,"d":"1.50"},{"v":54,"d":"54.00"},{"v":36,"d":"36.00"},{"v":28.8,"d":"28.80"},0]
[269,"六角螺栓","￠12×50","颗",0,0,0,{"v":292,"d":"292.00"},{"v":0.6,"d":"0.60"},{"v":175.2,"d":"175.20"},0,0,0,{"v":292,"d":"292.00"},{"v":0.6,"d":"0.60"},{"v":175.2,"d":"175.20"},{"v":292,"d":"292.00"},{"v":116.8,"d":"116.80"},0]
[270,"六角螺栓","￠12×40","颗",0,0,0,{"v":124,"d":"124.00"},0.42,52.08,0,0,0,{"v":124,"d":"124.00"},0.42,52.08,{"v":124,"d":"124.00"},14.88,0]
[271,"六角螺栓","￠10×30","颗",0,0,0,{"v":80,"d":"80.00"},0.15,{"v":12,"d":"12.00"},0,0,0,{"v":80,"d":"80.00"},0.15,{"v":12,"d":"12.00"},{"v":80,"d":"80.00"},{"v":9.6,"d":"9.60"},0]
[272,"六角螺栓","￠6×25","颗",0,0,0,{"v":96,"d":"96.00"},{"v":0.1,"d":"0.10"},{"v":9.6,"d":"9.60"},0,0,0,{"v":96,"d":"96.00"},{"v":0.1,"d":"0.10"},{"v":9.6,"d":"9.60"},{"v":96,"d":"96.00"},11.52,0]
[273,"六角螺栓","￠6×35","颗",0,0,0,{"v":30,"d":"30.00"},{"v":0.1,"d":"0.10"},{"v":3,"d":"3.00"},0,0,0,{"v":30,"d":"30.00"},{"v":0.1,"d":"0.10"},{"v":3,"d":"3.00"},{"v":30,"d":"30.00"},{"v":3.6,"d":"3.60"},0]
[274,"六角螺栓","￠6×40","颗",0,0,0,{"v":70,"d":"70.00"},0.15,{"v":10.5,"d":"10.50"},0,0,0,{"v":70,"d":"70.00"},0.15,{"v":10.5,"d":"10.50"},{"v":70,"d":"70.00"},{"v":8.4,"d":"8.40"},0]
[275,"六角螺栓","￠6×45","颗",0,0,0,{"v":70,"d":"70.00"},0.15,{"v":10.5,"d":"10.50"},0,0,0,{"v":70,"d":"70.00"},0.15,{"v":10.5,"d":"10.50"},{"v":70,"d":"70.00"},{"v":8.4,"d":"8.40"},0]
[276,"六角螺栓","￠8×25","颗",0,0,0,{"v":266,"d":"266.00"},0.15,{"v":39.9,"d":"39.90"},0,0,0,{"v":266,"d":"266.00"},0.15,{"v":39.9,"d":"39.90"},{"v":266,"d":"266.00"},31.92,0]
[277,"内六角螺栓","Φ12*40","颗",0,0,0,{"v":20,"d":"20.00"},{"v":0.1,"d":"0.10"},{"v":2,"d":"2.00"},0,0,0,{"v":20,"d":"20.00"},{"v":0.1,"d":"0.10"},{"v":2,"d":"2.00"},{"v":20,"d":"20.00"},{"v":2.4,"d":"2.40"},0]
[278,"内六角螺栓","Φ8*12","颗",0,0,0,{"v":60,"d":"60.00"},{"v":0.1,"d":"0.10"},{"v":6,"d":"6.00"},0,0,0,{"v":60,"d":"60.00"},{"v":0.1,"d":"0.10"},{"v":6,"d":"6.00"},{"v":60,"d":"60.00"},{"v":7.2,"d":"7.20"},0]
[279,"十字螺栓","Φ10*45","颗",0,0,0,{"v":14,"d":"14.00"},{"v":0.2,"d":"0.20"},{"v":2.8,"d":"2.80"},0,0,0,{"v":14,"d":"14.00"},{"v":0.2,"d":"0.20"},{"v":2.8,"d":"2.80"},{"v":14,"d":"14.00"},1.68,0]
[280,"双头螺栓","Φ12*50","颗",0,0,0,{"v":20,"d":"20.00"},{"v":0.5,"d":"0.50"},{"v":10,"d":"10.00"},0,0,0,{"v":20,"d":"20.00"},{"v":0.5,"d":"0.50"},{"v":10,"d":"10.00"},{"v":20,"d":"20.00"},{"v":8,"d":"8.00"},0]
[281,"双头螺栓","Φ10*60","颗",0,0,0,{"v":6,"d":"6.00"},{"v":0.4,"d":"0.40"},{"v":2.4,"d":"2.40"},0,0,0,{"v":6,"d":"6.00"},{"v":0.4,"d":"0.40"},{"v":2.4,"d":"2.40"},{"v":6,"d":"6.00"},0.72,0]
[282,"喷嘴",0,"个",0,0,0,{"v":42,"d":"42.00"},{"v":5,"d":"5.00"},{"v":210,"d":"210.00"},0,0,0,{"v":42,"d":"42.00"},{"v":5,"d":"5.00"},{"v":210,"d":"210.00"},{"v":42,"d":"42.00"},{"v":84,"d":"84.00"},0]
[283,"平垫","￠16","颗",0,0,0,{"v":500,"d":"500.00"},0.16,{"v":80,"d":"80.00"},0,0,0,{"v":500,"d":"500.00"},0.16,{"v":80,"d":"80.00"},{"v":500,"d":"500.00"},{"v":32,"d":"32.00"},0]
[284,"平垫","￠12","颗",0,0,0,{"v":100,"d":"100.00"},0.14,{"v":14,"d":"14.00"},0,0,0,{"v":100,"d":"100.00"},0.14,{"v":14,"d":"14.00"},{"v":100,"d":"100.00"},{"v":5.6,"d":"5.60"},0]
[285,"平垫","￠10","颗",0,0,0,{"v":46,"d":"46.00"},0.12,5.52,0,0,0,{"v":46,"d":"46.00"},0.12,5.52,{"v":46,"d":"46.00"},{"v":2.208,"d":"2.21"},0]
[286,"平垫","￠8","颗",0,0,0,{"v":100,"d":"100.00"},{"v":0.1,"d":"0.10"},{"v":10,"d":"10.00"},0,0,0,{"v":100,"d":"100.00"},{"v":0.1,"d":"0.10"},{"v":10,"d":"10.00"},{"v":100,"d":"100.00"},{"v":4,"d":"4.00"},0]
[287,"弹簧垫","￠22","颗",0,0,0,{"v":40,"d":"40.00"},0.22,{"v":8.8,"d":"8.80"},0,0,0,{"v":40,"d":"40.00"},0.22,{"v":8.8,"d":"8.80"},{"v":40,"d":"40.00"},3.52,0]
[288,"弹簧垫","￠18","颗",0,0,0,{"v":300,"d":"300.00"},{"v":0.2,"d":"0.20"},{"v":60,"d":"60.00"},0,0,0,{"v":300,"d":"300.00"},{"v":0.2,"d":"0.20"},{"v":60,"d":"60.00"},{"v":300,"d":"300.00"},{"v":24,"d":"24.00"},0]
[289,"弹簧垫","￠16","颗",0,0,0,{"v":1050,"d":"1,050.00"},0.18,{"v":189,"d":"189.00"},0,0,0,{"v":1050,"d":"1,050.00"},0.18,{"v":189,"d":"189.00"},{"v":1050,"d":"1,050.00"},{"v":75.6,"d":"75.60"},0]
[290,"弹簧垫","￠14 ","颗",0,0,0,{"v":300,"d":"300.00"},0.12,{"v":36,"d":"36.00"},0,0,0,{"v":300,"d":"300.00"},0.12,{"v":36,"d":"36.00"},{"v":300,"d":"300.00"},{"v":14.4,"d":"14.40"},0]
[291,"弹簧垫","￠12","颗",0,0,0,{"v":60,"d":"60.00"},0.09,{"v":5.4,"d":"5.40"},0,0,0,{"v":60,"d":"60.00"},0.09,{"v":5.4,"d":"5.40"},{"v":60,"d":"60.00"},2.16,0]
[292,"弹簧垫","￠10","颗",0,0,0,{"v":40,"d":"40.00"},0.08,{"v":3.2,"d":"3.20"},0,0,0,{"v":40,"d":"40.00"},0.08,{"v":3.2,"d":"3.20"},{"v":40,"d":"40.00"},1.28,0]
[293,"弹簧垫","￠8","颗",0,0,0,{"v":150,"d":"150.00"},0.05,{"v":7.5,"d":"7.50"},0,0,0,{"v":150,"d":"150.00"},0.05,{"v":7.5,"d":"7.50"},{"v":150,"d":"150.00"},{"v":3,"d":"3.00"},0]
[294,"弹簧垫","￠6","颗",0,0,0,{"v":200,"d":"200.00"},0.03,{"v":6,"d":"6.00"},0,0,0,{"v":200,"d":"200.00"},0.03,{"v":6,"d":"6.00"},{"v":200,"d":"200.00"},{"v":2.4,"d":"2.40"},0]
[295,"不锈钢弹垫","Φ18","颗",0,0,0,{"v":30,"d":"30.00"},{"v":0.5,"d":"0.50"},{"v":15,"d":"15.00"},0,0,0,{"v":30,"d":"30.00"},{"v":0.5,"d":"0.50"},{"v":15,"d":"15.00"},{"v":30,"d":"30.00"},{"v":12,"d":"12.00"},0]
[296,"六角螺母","￠20 ","颗",0,0,0,{"v":18,"d":"18.00"},{"v":0.3,"d":"0.30"},{"v":5.4,"d":"5.40"},0,0,0,{"v":18,"d":"18.00"},{"v":0.3,"d":"0.30"},{"v":5.4,"d":"5.40"},{"v":18,"d":"18.00"},2.16,0]
[297,"六角螺母","￠18","颗",0,0,0,{"v":49,"d":"49.00"},0.22,10.78,0,0,0,{"v":49,"d":"49.00"},0.22,10.78,{"v":49,"d":"49.00"},{"v":4.312,"d":"4.31"},0]
[298,"六角螺母","￠16","颗",0,0,0,{"v":938,"d":"938.00"},0.18,168.84,0,0,0,{"v":938,"d":"938.00"},0.18,168.84,{"v":938,"d":"938.00"},{"v":67.536,"d":"67.54"},0]
[299,"六角螺母","￠14","颗",0,0,0,{"v":65,"d":"65.00"},0.16,{"v":10.4,"d":"10.40"},0,0,0,{"v":65,"d":"65.00"},0.16,{"v":10.4,"d":"10.40"},{"v":65,"d":"65.00"},4.16,0]
[300,"六角螺母","Φ12","颗",0,0,0,{"v":11,"d":"11.00"},0.14,1.54,0,0,0,{"v":11,"d":"11.00"},0.14,1.54,{"v":11,"d":"11.00"},{"v":0.616,"d":"0.62"},0]
[301,"六角螺母","￠10","颗",0,0,0,{"v":192,"d":"192.00"},0.13,24.96,0,0,0,{"v":192,"d":"192.00"},0.13,24.96,{"v":192,"d":"192.00"},{"v":9.984,"d":"9.98"},0]
[302,"六角螺母","￠8","颗",0,0,0,{"v":348,"d":"348.00"},{"v":0.1,"d":"0.10"},{"v":34.8,"d":"34.80"},0,0,0,{"v":348,"d":"348.00"},{"v":0.1,"d":"0.10"},{"v":34.8,"d":"34.80"},{"v":348,"d":"348.00"},13.92,0]
[303,"六角螺母","￠6","颗",0,0,0,{"v":60,"d":"60.00"},0.09,{"v":5.4,"d":"5.40"},0,0,0,{"v":60,"d":"60.00"},0.09,{"v":5.4,"d":"5.40"},{"v":60,"d":"60.00"},2.16,0]
[304,"钢钉","2寸半","KG",0,0,0,{"v":7.5,"d":"7.50"},5.07,{"v":38,"d":"38.00"},0,0,0,{"v":7.5,"d":"7.50"},5.07,{"v":38,"d":"38.00"},{"v":7.5,"d":"7.50"},{"v":18,"d":"18.00"},0]
[305,"钢钉","1寸半","KG",0,0,0,{"v":9.5,"d":"9.50"},{"v":6,"d":"6.00"},{"v":57,"d":"57.00"},0,0,0,{"v":9.5,"d":"9.50"},{"v":6,"d":"6.00"},{"v":57,"d":"57.00"},{"v":9.5,"d":"9.50"},{"v":22.8,"d":"22.80"},0]
[306,"圆钉","1寸半","KG",0,0,0,{"v":6,"d":"6.00"},{"v":4.7,"d":"4.70"},{"v":28.2,"d":"28.20"},0,0,0,{"v":6,"d":"6.00"},{"v":4.7,"d":"4.70"},{"v":28.2,"d":"28.20"},{"v":6,"d":"6.00"},{"v":12,"d":"12.00"},0]
[307,"圆钉","2寸半","KG",0,0,0,{"v":20,"d":"20.00"},{"v":4.7,"d":"4.70"},{"v":94,"d":"94.00"},0,0,0,{"v":20,"d":"20.00"},{"v":4.7,"d":"4.70"},{"v":94,"d":"94.00"},{"v":20,"d":"20.00"},{"v":40,"d":"40.00"},0]
[308,"花链螺栓","M-16","个",0,0,0,{"v":13,"d":"13.00"},{"v":14,"d":"14.00"},{"v":182,"d":"182.00"},0,0,0,{"v":13,"d":"13.00"},{"v":14,"d":"14.00"},{"v":182,"d":"182.00"},{"v":13,"d":"13.00"},{"v":72.8,"d":"72.80"},0]
[309,"花链螺栓","M-20","个",0,0,0,{"v":7,"d":"7.00"},{"v":18,"d":"18.00"},{"v":126,"d":"126.00"},0,0,0,{"v":7,"d":"7.00"},{"v":18,"d":"18.00"},{"v":126,"d":"126.00"},{"v":7,"d":"7.00"},{"v":50.4,"d":"50.40"},0]
[310,"探水钻杆","￠40","根",0,0,0,{"v":3,"d":"3.00"},{"v":88,"d":"88.00"},{"v":264,"d":"264.00"},0,0,0,{"v":3,"d":"3.00"},{"v":88,"d":"88.00"},{"v":264,"d":"264.00"},{"v":3,"d":"3.00"},{"v":120,"d":"120.00"},0]
[311,"三角带","B-7-2235","根",0,0,0,{"v":12,"d":"12.00"},{"v":24,"d":"24.00"},{"v":288,"d":"288.00"},0,0,0,{"v":12,"d":"12.00"},{"v":24,"d":"24.00"},{"v":288,"d":"288.00"},{"v":12,"d":"12.00"},{"v":96,"d":"96.00"},0]
[312,"三角带","B-1750","根",0,0,0,{"v":4,"d":"4.00"},{"v":20,"d":"20.00"},{"v":80,"d":"80.00"},0,0,0,{"v":4,"d":"4.00"},{"v":20,"d":"20.00"},{"v":80,"d":"80.00"},{"v":4,"d":"4.00"},{"v":32,"d":"32.00"},0]
[313,"三角带","B-1670","根",0,0,0,{"v":1,"d":"1.00"},{"v":19,"d":"19.00"},{"v":19,"d":"19.00"},0,0,0,{"v":1,"d":"1.00"},{"v":19,"d":"19.00"},{"v":19,"d":"19.00"},{"v":1,"d":"1.00"},{"v":8,"d":"8.00"},0]
[314,"三角带","B-1778","根",0,0,0,{"v":10,"d":"10.00"},{"v":20,"d":"20.00"},{"v":200,"d":"200.00"},0,0,0,{"v":10,"d":"10.00"},{"v":20,"d":"20.00"},{"v":200,"d":"200.00"},{"v":10,"d":"10.00"},{"v":80,"d":"80.00"},0]
[315,"三角带","B-1676","根",0,0,0,{"v":2,"d":"2.00"},{"v":19,"d":"19.00"},{"v":38,"d":"38.00"},0,0,0,{"v":2,"d":"2.00"},{"v":19,"d":"19.00"},{"v":38,"d":"38.00"},{"v":2,"d":"2.00"},{"v":16,"d":"16.00"},0]
[316,"三角带","B-1675","根",0,0,0,{"v":3,"d":"3.00"},{"v":19,"d":"19.00"},{"v":57,"d":"57.00"},0,0,0,{"v":3,"d":"3.00"},{"v":19,"d":"19.00"},{"v":57,"d":"57.00"},{"v":3,"d":"3.00"},{"v":24,"d":"24.00"},0]
[317,"三角带","B-1600","根",0,0,0,{"v":1,"d":"1.00"},{"v":19,"d":"19.00"},{"v":19,"d":"19.00"},0,0,0,{"v":1,"d":"1.00"},{"v":19,"d":"19.00"},{"v":19,"d":"19.00"},{"v":1,"d":"1.00"},{"v":8,"d":"8.00"},0]
[318,"道夹板螺丝",0,"可",0,0,0,{"v":620,"d":"620.00"},2.68,{"v":1661.6,"d":"1,661.60"},0,0,0,{"v":620,"d":"620.00"},2.68,{"v":1661.6,"d":"1,661.60"},{"v":620,"d":"620.00"},{"v":744,"d":"744.00"},0]
[319,"机车弹簧",0,"根",0,0,0,{"v":6,"d":"6.00"},{"v":6,"d":"6.00"},{"v":36,"d":"36.00"},0,0,0,{"v":6,"d":"6.00"},{"v":6,"d":"6.00"},{"v":36,"d":"36.00"},{"v":6,"d":"6.00"},{"v":14.4,"d":"14.40"},0]
[320,"数字电压表","ZFS135A","个",0,0,0,{"v":4,"d":"4.00"},{"v":40,"d":"40.00"},{"v":160,"d":"160.00"},0,0,0,{"v":4,"d":"4.00"},{"v":40,"d":"40.00"},{"v":160,"d":"160.00"},{"v":4,"d":"4.00"},{"v":48,"d":"48.00"},0]
[321,"电源盒","2、5T","个",0,0,0,{"v":1,"d":"1.00"},{"v":450,"d":"450.00"},{"v":450,"d":"450.00"},0,0,0,{"v":1,"d":"1.00"},{"v":450,"d":"450.00"},{"v":450,"d":"450.00"},{"v":1,"d":"1.00"},{"v":160,"d":"160.00"},0]
[322,"机车六角垫",0,"个",0,0,0,{"v":7,"d":"7.00"},{"v":20,"d":"20.00"},{"v":140,"d":"140.00"},0,0,0,{"v":7,"d":"7.00"},{"v":20,"d":"20.00"},{"v":140,"d":"140.00"},{"v":7,"d":"7.00"},{"v":56,"d":"56.00"},0]
[323,"机车控制驱动盒","KS-3","个",0,0,0,0,0,0,0,0,0,0,0,0,0,0,"盘亏"]
[324,"机车控制驱动盒","X-300","个",0,0,0,{"v":1,"d":"1.00"},{"v":860,"d":"860.00"},{"v":860,"d":"860.00"},0,0,0,{"v":1,"d":"1.00"},{"v":860,"d":"860.00"},{"v":860,"d":"860.00"},{"v":1,"d":"1.00"},{"v":280,"d":"280.00"},0]
[325,"机车大螺杆","￠20","套",0,0,0,{"v":3,"d":"3.00"},{"v":52,"d":"52.00"},{"v":156,"d":"156.00"},0,0,0,{"v":3,"d":"3.00"},{"v":52,"d":"52.00"},{"v":156,"d":"156.00"},{"v":3,"d":"3.00"},{"v":48,"d":"48.00"},0]
[326,"ZIK控制驱动盒","K-300","个",0,0,0,{"v":1,"d":"1.00"},{"v":300,"d":"300.00"},{"v":300,"d":"300.00"},0,0,0,{"v":1,"d":"1.00"},{"v":300,"d":"300.00"},{"v":300,"d":"300.00"},{"v":1,"d":"1.00"},{"v":80,"d":"80.00"},0]
[327,"机车联轴器",0,"套",0,0,0,{"v":6,"d":"6.00"},{"v":275,"d":"275.00"},{"v":1650,"d":"1,650.00"},0,0,0,{"v":6,"d":"6.00"},{"v":275,"d":"275.00"},{"v":1650,"d":"1,650.00"},{"v":6,"d":"6.00"},{"v":480,"d":"480.00"},0]
[328,"风镐压力弹簧","G10","根",0,0,0,{"v":30,"d":"30.00"},{"v":11,"d":"11.00"},{"v":330,"d":"330.00"},0,0,0,{"v":30,"d":"30.00"},{"v":11,"d":"11.00"},{"v":330,"d":"330.00"},{"v":30,"d":"30.00"},{"v":120,"d":"120.00"},0]
[329,"小铲车牙齿",0,"个",0,0,0,{"v":3,"d":"3.00"},{"v":12,"d":"12.00"},{"v":36,"d":"36.00"},0,0,0,{"v":3,"d":"3.00"},{"v":12,"d":"12.00"},{"v":36,"d":"36.00"},{"v":3,"d":"3.00"},{"v":12,"d":"12.00"},0]
[330,"六角柄紧螺帽","￠50","个",0,0,0,{"v":30,"d":"30.00"},{"v":35,"d":"35.00"},{"v":1050,"d":"1,050.00"},0,0,0,{"v":30,"d":"30.00"},{"v":35,"d":"35.00"},{"v":1050,"d":"1,050.00"},{"v":30,"d":"30.00"},{"v":360,"d":"360.00"},0]
[331,"六角胶垫",{"v":80,"d":"80.00"},"个",0,0,0,{"v":5,"d":"5.00"},{"v":60,"d":"60.00"},{"v":300,"d":"300.00"},0,0,0,{"v":5,"d":"5.00"},{"v":60,"d":"60.00"},{"v":300,"d":"300.00"},{"v":5,"d":"5.00"},{"v":100,"d":"100.00"},0]
[332,"六角胶垫",{"v":90,"d":"90.00"},"个",0,0,0,{"v":3,"d":"3.00"},{"v":65,"d":"65.00"},{"v":195,"d":"195.00"},0,0,0,{"v":3,"d":"3.00"},{"v":65,"d":"65.00"},{"v":195,"d":"195.00"},{"v":3,"d":"3.00"},{"v":120,"d":"120.00"},0]
[333,"六角胶垫",{"v":50,"d":"50.00"},"个",0,0,0,{"v":5,"d":"5.00"},{"v":40,"d":"40.00"},{"v":200,"d":"200.00"},0,0,0,{"v":5,"d":"5.00"},{"v":40,"d":"40.00"},{"v":200,"d":"200.00"},{"v":5,"d":"5.00"},{"v":60,"d":"60.00"},0]
[334,"矿用防爆型电磁铁","DTBF-39/","个",0,0,0,{"v":3,"d":"3.00"},{"v":550,"d":"550.00"},{"v":1650,"d":"1,650.00"},0,0,0,{"v":3,"d":"3.00"},{"v":550,"d":"550.00"},{"v":1650,"d":"1,650.00"},{"v":3,"d":"3.00"},{"v":600,"d":"600.00"},0]
[335,"机车换向轴",0,"根",0,0,0,{"v":7,"d":"7.00"},{"v":96,"d":"96.00"},{"v":672,"d":"672.00"},0,0,0,{"v":7,"d":"7.00"},{"v":96,"d":"96.00"},{"v":672,"d":"672.00"},{"v":7,"d":"7.00"},{"v":280,"d":"280.00"},0]
[336,"机车压力表",0,"个",0,0,0,{"v":1,"d":"1.00"},{"v":170,"d":"170.00"},{"v":170,"d":"170.00"},0,0,0,{"v":1,"d":"1.00"},{"v":170,"d":"170.00"},{"v":170,"d":"170.00"},{"v":1,"d":"1.00"},{"v":40,"d":"40.00"},0]
[337,"关节轴承","GE-35ES","个",0,0,0,{"v":6,"d":"6.00"},{"v":6.5,"d":"6.50"},{"v":39,"d":"39.00"},0,0,0,{"v":6,"d":"6.00"},{"v":6.5,"d":"6.50"},{"v":39,"d":"39.00"},{"v":6,"d":"6.00"},{"v":16.8,"d":"16.80"},0]
[338,"机车大销子",0,"根",0,0,0,{"v":2,"d":"2.00"},{"v":70,"d":"70.00"},{"v":140,"d":"140.00"},0,0,0,{"v":2,"d":"2.00"},{"v":70,"d":"70.00"},{"v":140,"d":"140.00"},{"v":2,"d":"2.00"},{"v":80,"d":"80.00"},0]
[339,"机车铜弹簧","大","个",0,0,0,{"v":18,"d":"18.00"},{"v":95,"d":"95.00"},{"v":1710,"d":"1,710.00"},0,0,0,{"v":18,"d":"18.00"},{"v":95,"d":"95.00"},{"v":1710,"d":"1,710.00"},{"v":18,"d":"18.00"},{"v":720,"d":"720.00"},0]
[340,"机车铜弹簧","小","个",0,0,0,{"v":18,"d":"18.00"},{"v":60,"d":"60.00"},{"v":1080,"d":"1,080.00"},0,0,0,{"v":18,"d":"18.00"},{"v":60,"d":"60.00"},{"v":1080,"d":"1,080.00"},{"v":18,"d":"18.00"},{"v":360,"d":"360.00"},0]
[341,"机车密封圈","136×7","个",0,0,0,{"v":8,"d":"8.00"},{"v":3,"d":"3.00"},{"v":24,"d":"24.00"},0,0,0,{"v":8,"d":"8.00"},{"v":3,"d":"3.00"},{"v":24,"d":"24.00"},{"v":8,"d":"8.00"},{"v":9.6,"d":"9.60"},0]
[342,"机车密封圈","69×5、3","个",0,0,0,{"v":4,"d":"4.00"},{"v":1.2,"d":"1.20"},{"v":4.8,"d":"4.80"},0,0,0,{"v":4,"d":"4.00"},{"v":1.2,"d":"1.20"},{"v":4.8,"d":"4.80"},{"v":4,"d":"4.00"},{"v":1.6,"d":"1.60"},0]
[343,"机车密封圈","115×5、3","个",0,0,0,{"v":2,"d":"2.00"},{"v":1.8,"d":"1.80"},{"v":3.6,"d":"3.60"},0,0,0,{"v":2,"d":"2.00"},{"v":1.8,"d":"1.80"},{"v":3.6,"d":"3.60"},{"v":2,"d":"2.00"},{"v":1.6,"d":"1.60"},0]
[344,"机车密封圈","76×3、55","个",0,0,0,{"v":2,"d":"2.00"},{"v":0.9,"d":"0.90"},{"v":1.8,"d":"1.80"},0,0,0,{"v":2,"d":"2.00"},{"v":0.9,"d":"0.90"},{"v":1.8,"d":"1.80"},{"v":2,"d":"2.00"},{"v":0.8,"d":"0.80"},0]
[345,"机车密封圈","40×3、55","个",0,0,0,{"v":32,"d":"32.00"},{"v":0.5,"d":"0.50"},{"v":16,"d":"16.00"},0,0,0,{"v":32,"d":"32.00"},{"v":0.5,"d":"0.50"},{"v":16,"d":"16.00"},{"v":32,"d":"32.00"},{"v":12.8,"d":"12.80"},0]
[346,"机车密封圈","11×2、65","个",0,0,0,{"v":30,"d":"30.00"},{"v":0.2,"d":"0.20"},{"v":6,"d":"6.00"},0,0,0,{"v":30,"d":"30.00"},{"v":0.2,"d":"0.20"},{"v":6,"d":"6.00"},{"v":30,"d":"30.00"},{"v":2.4,"d":"2.40"},0]
[347,"塑料风扇叶",0,"个",0,0,0,{"v":3,"d":"3.00"},{"v":80,"d":"80.00"},{"v":240,"d":"240.00"},0,0,0,{"v":3,"d":"3.00"},{"v":80,"d":"80.00"},{"v":240,"d":"240.00"},{"v":3,"d":"3.00"},{"v":120,"d":"120.00"},0]
[348,"机车电源接线柱",0,"个",0,0,0,{"v":20,"d":"20.00"},{"v":23,"d":"23.00"},{"v":460,"d":"460.00"},0,0,0,{"v":20,"d":"20.00"},{"v":23,"d":"23.00"},{"v":460,"d":"460.00"},{"v":20,"d":"20.00"},{"v":160,"d":"160.00"},0]
[349,"机车柄紧螺帽 ","￠30","可",0,0,0,{"v":9,"d":"9.00"},{"v":38,"d":"38.00"},{"v":342,"d":"342.00"},0,0,0,{"v":9,"d":"9.00"},{"v":38,"d":"38.00"},{"v":342,"d":"342.00"},{"v":9,"d":"9.00"},{"v":108,"d":"108.00"},0]
[350,"塑料内盖","￠100","个",0,0,0,{"v":1,"d":"1.00"},{"v":58,"d":"58.00"},{"v":58,"d":"58.00"},0,0,0,{"v":1,"d":"1.00"},{"v":58,"d":"58.00"},{"v":58,"d":"58.00"},{"v":1,"d":"1.00"},{"v":20,"d":"20.00"},0]
[351,"机车防爆插销","8T","对",0,0,0,{"v":2,"d":"2.00"},{"v":860,"d":"860.00"},{"v":1720,"d":"1,720.00"},0,0,0,{"v":2,"d":"2.00"},{"v":860,"d":"860.00"},{"v":1720,"d":"1,720.00"},{"v":2,"d":"2.00"},{"v":560,"d":"560.00"},0]
[352,"机车防爆插销","5T","对",0,0,0,{"v":1,"d":"1.00"},{"v":760,"d":"760.00"},{"v":760,"d":"760.00"},0,0,0,{"v":1,"d":"1.00"},{"v":760,"d":"760.00"},{"v":760,"d":"760.00"},{"v":1,"d":"1.00"},{"v":240,"d":"240.00"},0]
[353,"机车刹车轮",0,"个",0,0,0,{"v":1,"d":"1.00"},{"v":360,"d":"360.00"},{"v":360,"d":"360.00"},0,0,0,{"v":1,"d":"1.00"},{"v":360,"d":"360.00"},{"v":360,"d":"360.00"},{"v":1,"d":"1.00"},{"v":120,"d":"120.00"},0]
[354,"机车电机皮轮",0,"个",0,0,0,{"v":1,"d":"1.00"},{"v":180,"d":"180.00"},{"v":180,"d":"180.00"},0,0,0,{"v":1,"d":"1.00"},{"v":180,"d":"180.00"},{"v":180,"d":"180.00"},{"v":1,"d":"1.00"},{"v":40,"d":"40.00"},0]
[355,"机车铁刹车片",0,"块",0,0,0,{"v":5,"d":"5.00"},{"v":165,"d":"165.00"},{"v":825,"d":"825.00"},0,0,0,{"v":5,"d":"5.00"},{"v":165,"d":"165.00"},{"v":825,"d":"825.00"},{"v":5,"d":"5.00"},{"v":200,"d":"200.00"},0]
[356,"机车轮子外盖","5T","个",0,0,0,{"v":4,"d":"4.00"},{"v":95,"d":"95.00"},{"v":380,"d":"380.00"},0,0,0,{"v":4,"d":"4.00"},{"v":95,"d":"95.00"},{"v":380,"d":"380.00"},{"v":4,"d":"4.00"},{"v":160,"d":"160.00"},0]
[357,"机车轮子外盖","2、5T","个",0,0,0,{"v":4,"d":"4.00"},{"v":95,"d":"95.00"},{"v":380,"d":"380.00"},0,0,0,{"v":4,"d":"4.00"},{"v":95,"d":"95.00"},{"v":380,"d":"380.00"},{"v":4,"d":"4.00"},{"v":160,"d":"160.00"},0]
[358,"板弹簧",0,"付",0,0,0,{"v":8,"d":"8.00"},{"v":350,"d":"350.00"},{"v":2800,"d":"2,800.00"},0,0,0,{"v":8,"d":"8.00"},{"v":350,"d":"350.00"},{"v":2800,"d":"2,800.00"},{"v":8,"d":"8.00"},{"v":960,"d":"960.00"},0]
[359,"机车照明信号灯","JED","个",0,0,0,{"v":7,"d":"7.00"},{"v":800,"d":"800.00"},{"v":5600,"d":"5,600.00"},0,0,0,{"v":7,"d":"7.00"},{"v":800,"d":"800.00"},{"v":5600,"d":"5,600.00"},{"v":7,"d":"7.00"},{"v":1960,"d":"1,960.00"},0]
[360,"防爆开关胶堵圈",{"v":120,"d":"120.00"},"个",0,0,0,{"v":27,"d":"27.00"},{"v":5,"d":"5.00"},{"v":135,"d":"135.00"},0,0,0,{"v":27,"d":"27.00"},{"v":5,"d":"5.00"},{"v":135,"d":"135.00"},{"v":27,"d":"27.00"},{"v":21.6,"d":"21.60"},0]
[361,"防爆开关胶堵圈",{"v":90,"d":"90.00"},"个",0,0,0,{"v":21,"d":"21.00"},{"v":4,"d":"4.00"},{"v":84,"d":"84.00"},0,0,0,{"v":21,"d":"21.00"},{"v":4,"d":"4.00"},{"v":84,"d":"84.00"},{"v":21,"d":"21.00"},{"v":16.8,"d":"16.80"},0]
[362,"防爆开关胶堵圈",{"v":80,"d":"80.00"},"个",0,0,0,{"v":7,"d":"7.00"},{"v":3.8,"d":"3.80"},{"v":26.6,"d":"26.60"},0,0,0,{"v":7,"d":"7.00"},{"v":3.8,"d":"3.80"},{"v":26.6,"d":"26.60"},{"v":7,"d":"7.00"},{"v":5.6,"d":"5.60"},0]
[363,"防爆开关胶堵圈",{"v":70,"d":"70.00"},"个",0,0,0,{"v":60,"d":"60.00"},{"v":3.5,"d":"3.50"},{"v":210,"d":"210.00"},0,0,0,{"v":60,"d":"60.00"},{"v":3.5,"d":"3.50"},{"v":210,"d":"210.00"},{"v":60,"d":"60.00"},{"v":48,"d":"48.00"},0]
[364,"防爆开关胶堵圈",{"v":60,"d":"60.00"},"个",0,0,0,{"v":145,"d":"145.00"},{"v":3.2,"d":"3.20"},{"v":464,"d":"464.00"},0,0,0,{"v":145,"d":"145.00"},{"v":3.2,"d":"3.20"},{"v":464,"d":"464.00"},{"v":145,"d":"145.00"},{"v":116,"d":"116.00"},0]
[365,"防爆开关胶堵圈",{"v":50,"d":"50.00"},"个",0,0,0,{"v":80,"d":"80.00"},{"v":3,"d":"3.00"},{"v":240,"d":"240.00"},0,0,0,{"v":80,"d":"80.00"},{"v":3,"d":"3.00"},{"v":240,"d":"240.00"},{"v":80,"d":"80.00"},{"v":64,"d":"64.00"},0]
[366,"防爆开关胶堵圈",{"v":30,"d":"30.00"},"个",0,0,0,{"v":100,"d":"100.00"},{"v":2.8,"d":"2.80"},{"v":280,"d":"280.00"},0,0,0,{"v":100,"d":"100.00"},{"v":2.8,"d":"2.80"},{"v":280,"d":"280.00"},{"v":100,"d":"100.00"},{"v":80,"d":"80.00"},0]
[367,"照明灯罩",0,"个",0,0,0,{"v":2,"d":"2.00"},{"v":30,"d":"30.00"},{"v":60,"d":"60.00"},0,0,0,{"v":2,"d":"2.00"},{"v":30,"d":"30.00"},{"v":60,"d":"60.00"},{"v":2,"d":"2.00"},{"v":16,"d":"16.00"},0]
[368,"照明灯防雨灯罩",0,"个",0,0,0,{"v":8,"d":"8.00"},{"v":48,"d":"48.00"},{"v":384,"d":"384.00"},0,0,0,{"v":8,"d":"8.00"},{"v":48,"d":"48.00"},{"v":384,"d":"384.00"},{"v":8,"d":"8.00"},{"v":128,"d":"128.00"},0]
[369,"拉杆螺丝","凿岩机配件YT28","根",0,0,0,{"v":10,"d":"10.00"},{"v":10,"d":"10.00"},{"v":100,"d":"100.00"},0,0,0,{"v":10,"d":"10.00"},{"v":10,"d":"10.00"},{"v":100,"d":"100.00"},{"v":10,"d":"10.00"},{"v":40,"d":"40.00"},0]
[370,"锚杆机套筒",0,"套",0,0,0,{"v":2,"d":"2.00"},{"v":55,"d":"55.00"},{"v":110,"d":"110.00"},0,0,0,{"v":2,"d":"2.00"},{"v":55,"d":"55.00"},{"v":110,"d":"110.00"},{"v":2,"d":"2.00"},{"v":40,"d":"40.00"},0]
[371,"锚杆机把手",0,"套",0,0,0,{"v":2,"d":"2.00"},{"v":35,"d":"35.00"},{"v":70,"d":"70.00"},0,0,0,{"v":2,"d":"2.00"},{"v":35,"d":"35.00"},{"v":70,"d":"70.00"},{"v":2,"d":"2.00"},{"v":24,"d":"24.00"},0]
[372,"锚杆机弯头",0,"个",0,0,0,{"v":3,"d":"3.00"},{"v":18,"d":"18.00"},{"v":54,"d":"54.00"},0,0,0,{"v":3,"d":"3.00"},{"v":18,"d":"18.00"},{"v":54,"d":"54.00"},{"v":3,"d":"3.00"},{"v":12,"d":"12.00"},0]
[373,"锚杆机分流阀",0,"个",0,0,0,{"v":5,"d":"5.00"},{"v":45,"d":"45.00"},{"v":225,"d":"225.00"},0,0,0,{"v":5,"d":"5.00"},{"v":45,"d":"45.00"},{"v":225,"d":"225.00"},{"v":5,"d":"5.00"},{"v":80,"d":"80.00"},0]
[374,"锚杆机支腿修理包",0,"包",0,0,0,{"v":10,"d":"10.00"},{"v":20,"d":"20.00"},{"v":200,"d":"200.00"},0,0,0,{"v":10,"d":"10.00"},{"v":20,"d":"20.00"},{"v":200,"d":"200.00"},{"v":10,"d":"10.00"},{"v":80,"d":"80.00"},0]
[375,"锚杆机修理包",0,"包",0,0,0,{"v":71,"d":"71.00"},{"v":20,"d":"20.00"},{"v":1420,"d":"1,420.00"},0,0,0,{"v":71,"d":"71.00"},{"v":20,"d":"20.00"},{"v":1420,"d":"1,420.00"},{"v":71,"d":"71.00"},{"v":568,"d":"568.00"},0]
[376,"锚杆分解器",0,"个",0,0,0,{"v":2,"d":"2.00"},{"v":48,"d":"48.00"},{"v":96,"d":"96.00"},0,0,0,{"v":2,"d":"2.00"},{"v":48,"d":"48.00"},{"v":96,"d":"96.00"},{"v":2,"d":"2.00"},{"v":32,"d":"32.00"},0]
[377,"螺旋棒","凿岩机配件YT28","个",0,0,0,{"v":5,"d":"5.00"},{"v":11,"d":"11.00"},{"v":55,"d":"55.00"},0,0,0,{"v":5,"d":"5.00"},{"v":11,"d":"11.00"},{"v":55,"d":"55.00"},{"v":5,"d":"5.00"},{"v":20,"d":"20.00"},0]
[378,"活塞","凿岩机配件YT28","个",0,0,0,{"v":11,"d":"11.00"},{"v":80,"d":"80.00"},{"v":880,"d":"880.00"},0,0,0,{"v":11,"d":"11.00"},{"v":80,"d":"80.00"},{"v":880,"d":"880.00"},{"v":11,"d":"11.00"},{"v":440,"d":"440.00"},0]
[379,"板机","凿岩机配件YT28","个",0,0,0,{"v":10,"d":"10.00"},{"v":10,"d":"10.00"},{"v":100,"d":"100.00"},0,0,0,{"v":10,"d":"10.00"},{"v":10,"d":"10.00"},{"v":100,"d":"100.00"},{"v":10,"d":"10.00"},{"v":40,"d":"40.00"},0]
[380,"阀柜","凿岩机配件YT28","个",0,0,0,{"v":19,"d":"19.00"},{"v":81,"d":"81.00"},{"v":1539,"d":"1,539.00"},0,0,0,{"v":19,"d":"19.00"},{"v":81,"d":"81.00"},{"v":1539,"d":"1,539.00"},{"v":19,"d":"19.00"},{"v":760,"d":"760.00"},0]
[381,"转动套","凿岩机配件YT28","个",0,0,0,{"v":9,"d":"9.00"},{"v":95,"d":"95.00"},{"v":855,"d":"855.00"},0,0,0,{"v":9,"d":"9.00"},{"v":95,"d":"95.00"},{"v":855,"d":"855.00"},{"v":9,"d":"9.00"},{"v":360,"d":"360.00"},0]
[382,"阀盖","凿岩机配件YT28","个",0,0,0,{"v":20,"d":"20.00"},{"v":83,"d":"83.00"},{"v":1660,"d":"1,660.00"},0,0,0,{"v":20,"d":"20.00"},{"v":83,"d":"83.00"},{"v":1660,"d":"1,660.00"},{"v":20,"d":"20.00"},{"v":800,"d":"800.00"},0]
[383,"花健母","凿岩机配件YT28","个",0,0,0,{"v":18,"d":"18.00"},{"v":98,"d":"98.00"},{"v":1764,"d":"1,764.00"},0,0,0,{"v":18,"d":"18.00"},{"v":98,"d":"98.00"},{"v":1764,"d":"1,764.00"},{"v":18,"d":"18.00"},{"v":720,"d":"720.00"},0]
[384,"螺旋母","凿岩机配件YT28","个",0,0,0,{"v":21,"d":"21.00"},{"v":53,"d":"53.00"},{"v":1113,"d":"1,113.00"},0,0,0,{"v":21,"d":"21.00"},{"v":53,"d":"53.00"},{"v":1113,"d":"1,113.00"},{"v":21,"d":"21.00"},{"v":336,"d":"336.00"},0]
[385,"螺旋母","凿岩机配件YT24","个",0,0,0,{"v":4,"d":"4.00"},{"v":53,"d":"53.00"},{"v":212,"d":"212.00"},0,0,0,{"v":4,"d":"4.00"},{"v":53,"d":"53.00"},{"v":212,"d":"212.00"},{"v":4,"d":"4.00"},{"v":64,"d":"64.00"},0]
[386,"操纵阀","凿岩机配件YT28","个",0,0,0,{"v":24,"d":"24.00"},{"v":40,"d":"40.00"},{"v":960,"d":"960.00"},0,0,0,{"v":24,"d":"24.00"},{"v":40,"d":"40.00"},{"v":960,"d":"960.00"},{"v":24,"d":"24.00"},{"v":288,"d":"288.00"},0]
[387,"阀组","凿岩机配件YT24","套",0,0,0,{"v":1,"d":"1.00"},{"v":180,"d":"180.00"},{"v":180,"d":"180.00"},0,0,0,{"v":1,"d":"1.00"},{"v":180,"d":"180.00"},{"v":180,"d":"180.00"},{"v":1,"d":"1.00"},{"v":40,"d":"40.00"},0]
[388,"棘轮","凿岩机配件YT24","个",0,0,0,{"v":10,"d":"10.00"},{"v":30,"d":"30.00"},{"v":300,"d":"300.00"},0,0,0,{"v":10,"d":"10.00"},{"v":30,"d":"30.00"},{"v":300,"d":"300.00"},{"v":10,"d":"10.00"},{"v":80,"d":"80.00"},0]
[389,"棘轮","凿岩机配件YT28","个",0,0,0,{"v":16,"d":"16.00"},{"v":30,"d":"30.00"},{"v":480,"d":"480.00"},0,0,0,{"v":16,"d":"16.00"},{"v":30,"d":"30.00"},{"v":480,"d":"480.00"},{"v":16,"d":"16.00"},{"v":128,"d":"128.00"},0]
[390,"转动轴内圈","凿岩机配件YT28","个",0,0,0,{"v":6,"d":"6.00"},{"v":32,"d":"32.00"},{"v":192,"d":"192.00"},0,0,0,{"v":6,"d":"6.00"},{"v":32,"d":"32.00"},{"v":192,"d":"192.00"},{"v":6,"d":"6.00"},{"v":72,"d":"72.00"},0]
[391,"棘轮爪","凿岩机配件YT28","个",0,0,0,{"v":50,"d":"50.00"},{"v":1.5,"d":"1.50"},{"v":75,"d":"75.00"},0,0,0,{"v":50,"d":"50.00"},{"v":1.5,"d":"1.50"},{"v":75,"d":"75.00"},{"v":50,"d":"50.00"},{"v":40,"d":"40.00"},0]
[392,"水弯头","凿岩机配件YT28","个",0,0,0,{"v":30,"d":"30.00"},{"v":16,"d":"16.00"},{"v":480,"d":"480.00"},0,0,0,{"v":30,"d":"30.00"},{"v":16,"d":"16.00"},{"v":480,"d":"480.00"},{"v":30,"d":"30.00"},{"v":120,"d":"120.00"},0]
[393,"内六角螺丝","8×120","可",0,0,0,{"v":20,"d":"20.00"},{"v":4.6,"d":"4.60"},{"v":92,"d":"92.00"},0,0,0,{"v":20,"d":"20.00"},{"v":4.6,"d":"4.60"},{"v":92,"d":"92.00"},{"v":20,"d":"20.00"},{"v":40,"d":"40.00"},0]
[394,"飞俄螺丝直接头","凿岩机配件YT28","套",0,0,0,{"v":115,"d":"115.00"},{"v":3,"d":"3.00"},{"v":345,"d":"345.00"},0,0,0,{"v":115,"d":"115.00"},{"v":3,"d":"3.00"},{"v":345,"d":"345.00"},{"v":115,"d":"115.00"},{"v":138,"d":"138.00"},0]
[395,"飞俄螺丝单螺母","凿岩机配件YT28","可",0,0,0,{"v":66,"d":"66.00"},{"v":16,"d":"16.00"},{"v":1056,"d":"1,056.00"},0,0,0,{"v":66,"d":"66.00"},{"v":16,"d":"16.00"},{"v":1056,"d":"1,056.00"},{"v":66,"d":"66.00"},{"v":264,"d":"264.00"},0]
[396,"飞俄螺丝单接头","凿岩机配件YT28","个",0,0,0,{"v":76,"d":"76.00"},{"v":3,"d":"3.00"},{"v":228,"d":"228.00"},0,0,0,{"v":76,"d":"76.00"},{"v":3,"d":"3.00"},{"v":228,"d":"228.00"},{"v":76,"d":"76.00"},{"v":91.2,"d":"91.20"},0]
[397,"凿岩机外壳","凿岩机配件YT28","个",0,0,0,{"v":3,"d":"3.00"},{"v":600,"d":"600.00"},{"v":1800,"d":"1,800.00"},0,0,0,{"v":3,"d":"3.00"},{"v":600,"d":"600.00"},{"v":1800,"d":"1,800.00"},{"v":3,"d":"3.00"},{"v":600,"d":"600.00"},0]
[398,"阻塞阀套","凿岩机配件YT28","个",0,0,0,{"v":22,"d":"22.00"},{"v":76,"d":"76.00"},{"v":1672,"d":"1,672.00"},0,0,0,{"v":22,"d":"22.00"},{"v":76,"d":"76.00"},{"v":1672,"d":"1,672.00"},{"v":22,"d":"22.00"},{"v":880,"d":"880.00"},0]
[399,"阀组","气镐配件G 10","个",0,0,0,{"v":22,"d":"22.00"},{"v":24,"d":"24.00"},{"v":528,"d":"528.00"},0,0,0,{"v":22,"d":"22.00"},{"v":24,"d":"24.00"},{"v":528,"d":"528.00"},{"v":22,"d":"22.00"},{"v":176,"d":"176.00"},0]
[400,"提把","气镐配件G 10","个",0,0,0,{"v":10,"d":"10.00"},{"v":30,"d":"30.00"},{"v":300,"d":"300.00"},0,0,0,{"v":10,"d":"10.00"},{"v":30,"d":"30.00"},{"v":300,"d":"300.00"},{"v":10,"d":"10.00"},{"v":80,"d":"80.00"},0]
[401,"铜套","气镐配件G 10","个",0,0,0,{"v":5,"d":"5.00"},{"v":30.5,"d":"30.50"},{"v":152.5,"d":"152.50"},0,0,0,{"v":5,"d":"5.00"},{"v":30.5,"d":"30.50"},{"v":152.5,"d":"152.50"},{"v":5,"d":"5.00"},{"v":60,"d":"60.00"},0]
[402,"风镐头部弹簧","气镐配件G 10","个",0,0,0,{"v":16,"d":"16.00"},{"v":30,"d":"30.00"},{"v":480,"d":"480.00"},0,0,0,{"v":16,"d":"16.00"},{"v":30,"d":"30.00"},{"v":480,"d":"480.00"},{"v":16,"d":"16.00"},{"v":128,"d":"128.00"},0]
[403,"风镐头部弹簧","气镐配件G7","个",0,0,0,{"v":18,"d":"18.00"},{"v":19,"d":"19.00"},{"v":342,"d":"342.00"},0,0,0,{"v":18,"d":"18.00"},{"v":19,"d":"19.00"},{"v":342,"d":"342.00"},{"v":18,"d":"18.00"},{"v":144,"d":"144.00"},0]
[404,"钎卡","气镐配件G 10","个",0,0,0,{"v":5,"d":"5.00"},{"v":39.8,"d":"39.80"},{"v":199,"d":"199.00"},0,0,0,{"v":5,"d":"5.00"},{"v":39.8,"d":"39.80"},{"v":199,"d":"199.00"},{"v":5,"d":"5.00"},{"v":60,"d":"60.00"},0]
[405,"风镐内外接头","G10","个",0,0,0,{"v":50,"d":"50.00"},{"v":20,"d":"20.00"},{"v":1000,"d":"1,000.00"},0,0,0,{"v":50,"d":"50.00"},{"v":20,"d":"20.00"},{"v":1000,"d":"1,000.00"},{"v":50,"d":"50.00"},{"v":400,"d":"400.00"},0]
[406,"风镐内外接头","G7","个",0,0,0,{"v":20,"d":"20.00"},{"v":20,"d":"20.00"},{"v":400,"d":"400.00"},0,0,0,{"v":20,"d":"20.00"},{"v":20,"d":"20.00"},{"v":400,"d":"400.00"},{"v":20,"d":"20.00"},{"v":160,"d":"160.00"},0]
[407,"导气罩","气镐配件G 10","个",0,0,0,{"v":35,"d":"35.00"},{"v":46,"d":"46.00"},{"v":1610,"d":"1,610.00"},0,0,0,{"v":35,"d":"35.00"},{"v":46,"d":"46.00"},{"v":1610,"d":"1,610.00"},{"v":35,"d":"35.00"},{"v":560,"d":"560.00"},0]
[408,"销子","气镐配件G 10","个",0,0,0,{"v":200,"d":"200.00"},{"v":2,"d":"2.00"},{"v":400,"d":"400.00"},0,0,0,{"v":200,"d":"200.00"},{"v":2,"d":"2.00"},{"v":400,"d":"400.00"},{"v":200,"d":"200.00"},{"v":160,"d":"160.00"},0]
[409,"缸套","气镐配件G 10","个",0,0,0,{"v":8,"d":"8.00"},{"v":117,"d":"117.00"},{"v":936,"d":"936.00"},0,0,0,{"v":8,"d":"8.00"},{"v":117,"d":"117.00"},{"v":936,"d":"936.00"},{"v":8,"d":"8.00"},{"v":320,"d":"320.00"},0]
[410,"消声罩","YT24","个",0,0,0,{"v":2,"d":"2.00"},{"v":15,"d":"15.00"},{"v":30,"d":"30.00"},0,0,0,{"v":2,"d":"2.00"},{"v":15,"d":"15.00"},{"v":30,"d":"30.00"},{"v":2,"d":"2.00"},{"v":8,"d":"8.00"},0]
[411,"顶叉焊接件","气腿配件","个",0,0,0,{"v":1,"d":"1.00"},{"v":35.3,"d":"35.30"},{"v":35.3,"d":"35.30"},0,0,0,{"v":1,"d":"1.00"},{"v":35.3,"d":"35.30"},{"v":35.3,"d":"35.30"},{"v":1,"d":"1.00"},{"v":12,"d":"12.00"},0]
[412,"气腿弹簧","YT28","盘",0,0,0,{"v":20,"d":"20.00"},{"v":3,"d":"3.00"},{"v":60,"d":"60.00"},0,0,0,{"v":20,"d":"20.00"},{"v":3,"d":"3.00"},{"v":60,"d":"60.00"},{"v":20,"d":"20.00"},{"v":24,"d":"24.00"},0]
[413,"气腿弹簧","YT28","盘",0,0,0,{"v":20,"d":"20.00"},{"v":2,"d":"2.00"},{"v":40,"d":"40.00"},0,0,0,{"v":20,"d":"20.00"},{"v":2,"d":"2.00"},{"v":40,"d":"40.00"},{"v":20,"d":"20.00"},{"v":16,"d":"16.00"},0]
[414,"定位螺钉",0,"颗",0,0,0,{"v":20,"d":"20.00"},{"v":2,"d":"2.00"},{"v":40,"d":"40.00"},0,0,0,{"v":20,"d":"20.00"},{"v":2,"d":"2.00"},{"v":40,"d":"40.00"},{"v":20,"d":"20.00"},{"v":16,"d":"16.00"},0]
[415,"销轴","M5*20","颗",0,0,0,{"v":30,"d":"30.00"},{"v":1,"d":"1.00"},{"v":30,"d":"30.00"},0,0,0,{"v":30,"d":"30.00"},{"v":1,"d":"1.00"},{"v":30,"d":"30.00"},{"v":30,"d":"30.00"},{"v":12,"d":"12.00"},0]
[416,"销轴","M6*6","颗",0,0,0,{"v":10,"d":"10.00"},{"v":1,"d":"1.00"},{"v":10,"d":"10.00"},0,0,0,{"v":10,"d":"10.00"},{"v":1,"d":"1.00"},{"v":10,"d":"10.00"},{"v":10,"d":"10.00"},{"v":4,"d":"4.00"},0]
[417,"气腿修理包","气腿配件YT28","个",0,0,0,{"v":15,"d":"15.00"},{"v":5,"d":"5.00"},{"v":75,"d":"75.00"},0,0,0,{"v":15,"d":"15.00"},{"v":5,"d":"5.00"},{"v":75,"d":"75.00"},{"v":15,"d":"15.00"},{"v":30,"d":"30.00"},0]
[418,"锤体","风镐配件G10","个",0,0,0,{"v":21,"d":"21.00"},{"v":50,"d":"50.00"},{"v":1050,"d":"1,050.00"},0,0,0,{"v":21,"d":"21.00"},{"v":50,"d":"50.00"},{"v":1050,"d":"1,050.00"},{"v":21,"d":"21.00"},{"v":336,"d":"336.00"},0]
[419,"锤体","风镐配件G7","个",0,0,0,{"v":13,"d":"13.00"},{"v":45,"d":"45.00"},{"v":585,"d":"585.00"},0,0,0,{"v":13,"d":"13.00"},{"v":45,"d":"45.00"},{"v":585,"d":"585.00"},{"v":13,"d":"13.00"},{"v":208,"d":"208.00"},0]
[420,"气缸","风镐配件","个",0,0,0,{"v":29,"d":"29.00"},{"v":70,"d":"70.00"},{"v":2030,"d":"2,030.00"},0,0,0,{"v":29,"d":"29.00"},{"v":70,"d":"70.00"},{"v":2030,"d":"2,030.00"},{"v":29,"d":"29.00"},{"v":1160,"d":"1,160.00"},0]
[421,"钢球","风镐配件G7 大","个",0,0,0,{"v":19,"d":"19.00"},{"v":5.4,"d":"5.40"},{"v":102.6,"d":"102.60"},0,0,0,{"v":19,"d":"19.00"},{"v":5.4,"d":"5.40"},{"v":102.6,"d":"102.60"},{"v":19,"d":"19.00"},{"v":38,"d":"38.00"},0]
[422,"钢球","风镐配件G7  小","个",0,0,0,{"v":5,"d":"5.00"},{"v":2.1,"d":"2.10"},{"v":10.5,"d":"10.50"},0,0,0,{"v":5,"d":"5.00"},{"v":2.1,"d":"2.10"},{"v":10.5,"d":"10.50"},{"v":5,"d":"5.00"},{"v":4,"d":"4.00"},0]
[423,"巷道日光灯","LED  20W ","根",0,0,0,{"v":36,"d":"36.00"},{"v":23,"d":"23.00"},{"v":828,"d":"828.00"},0,0,0,{"v":36,"d":"36.00"},{"v":23,"d":"23.00"},{"v":828,"d":"828.00"},{"v":36,"d":"36.00"},{"v":288,"d":"288.00"},0]
[424,"日光灯管","20W","根",0,0,0,{"v":47,"d":"47.00"},{"v":12,"d":"12.00"},{"v":564,"d":"564.00"},0,0,0,{"v":47,"d":"47.00"},{"v":12,"d":"12.00"},{"v":564,"d":"564.00"},{"v":47,"d":"47.00"},{"v":188,"d":"188.00"},0]
[425,"白炽灯",{"v":127,"d":"127.00"},"个",0,0,0,{"v":1,"d":"1.00"},{"v":3,"d":"3.00"},{"v":3,"d":"3.00"},0,0,0,{"v":1,"d":"1.00"},{"v":3,"d":"3.00"},{"v":3,"d":"3.00"},{"v":1,"d":"1.00"},{"v":1.2,"d":"1.20"},0]
[426,"粉笔",0,"盒",0,0,0,{"v":107,"d":"107.00"},{"v":1.4,"d":"1.40"},{"v":149.8,"d":"149.80"},0,0,0,{"v":107,"d":"107.00"},{"v":1.4,"d":"1.40"},{"v":149.8,"d":"149.80"},{"v":107,"d":"107.00"},{"v":42.8,"d":"42.80"},0]
[427,"标准液",0,"件",0,0,0,{"v":7,"d":"7.00"},{"v":40,"d":"40.00"},{"v":280,"d":"280.00"},0,0,0,{"v":7,"d":"7.00"},{"v":40,"d":"40.00"},{"v":280,"d":"280.00"},{"v":7,"d":"7.00"},{"v":84,"d":"84.00"},0]
[428,"隔爆水袋",0,"个",0,0,0,{"v":19,"d":"19.00"},{"v":8,"d":"8.00"},{"v":152,"d":"152.00"},0,0,0,{"v":19,"d":"19.00"},{"v":8,"d":"8.00"},{"v":152,"d":"152.00"},{"v":19,"d":"19.00"},{"v":60.8,"d":"60.80"},0]
[429,"防尘喷雾装置",0,"套",0,0,0,{"v":2,"d":"2.00"},{"v":240,"d":"240.00"},{"v":480,"d":"480.00"},0,0,0,{"v":2,"d":"2.00"},{"v":240,"d":"240.00"},{"v":480,"d":"480.00"},{"v":2,"d":"2.00"},{"v":80,"d":"80.00"},0]
[430,"自制铁管",{"v":25,"d":"25.00"},"根",0,0,0,{"v":34,"d":"34.00"},{"v":8,"d":"8.00"},{"v":272,"d":"272.00"},0,0,0,{"v":34,"d":"34.00"},{"v":8,"d":"8.00"},{"v":272,"d":"272.00"},{"v":34,"d":"34.00"},{"v":108.8,"d":"108.80"},0]
[431,"电缆挂钓","28型","个",0,0,0,{"v":150,"d":"150.00"},{"v":3.5,"d":"3.50"},{"v":525,"d":"525.00"},0,0,0,{"v":150,"d":"150.00"},{"v":3.5,"d":"3.50"},{"v":525,"d":"525.00"},{"v":150,"d":"150.00"},{"v":240,"d":"240.00"},0]
[432,"电缆挂钓","50型","个",0,0,0,{"v":100,"d":"100.00"},{"v":4.5,"d":"4.50"},{"v":450,"d":"450.00"},0,0,0,{"v":100,"d":"100.00"},{"v":4.5,"d":"4.50"},{"v":450,"d":"450.00"},{"v":100,"d":"100.00"},{"v":200,"d":"200.00"},0]
[433,"电缆挂钓","Z-ZK/95-68","个",0,0,0,{"v":200,"d":"200.00"},{"v":4.5,"d":"4.50"},{"v":900,"d":"900.00"},0,0,0,{"v":200,"d":"200.00"},{"v":4.5,"d":"4.50"},{"v":900,"d":"900.00"},{"v":200,"d":"200.00"},{"v":400,"d":"400.00"},0]
[434,"氧气充填泵","AE102-R","台 ",0,0,0,{"v":1,"d":"1.00"},{"v":259811,"d":"259,811.00"},{"v":259811,"d":"259,811.00"},0,0,0,{"v":1,"d":"1.00"},{"v":259811,"d":"259,811.00"},{"v":259811,"d":"259,811.00"},{"v":1,"d":"1.00"},{"v":75880,"d":"75,880.00"},0]
[435,"电力液压推动泵","GTI-452G","台",0,0,0,{"v":1,"d":"1.00"},{"v":220,"d":"220.00"},{"v":220,"d":"220.00"},0,0,0,{"v":1,"d":"1.00"},{"v":220,"d":"220.00"},{"v":220,"d":"220.00"},{"v":1,"d":"1.00"},{"v":80,"d":"80.00"},0]
[436,"液压钻齿轮泵",0,"台",0,0,0,{"v":1,"d":"1.00"},{"v":3600,"d":"3,600.00"},{"v":3600,"d":"3,600.00"},0,0,0,{"v":1,"d":"1.00"},{"v":3600,"d":"3,600.00"},{"v":3600,"d":"3,600.00"},{"v":1,"d":"1.00"},{"v":1040,"d":"1,040.00"},0]
[437,"液压支柱密封圈",0,"套",0,0,0,{"v":50,"d":"50.00"},{"v":12,"d":"12.00"},{"v":600,"d":"600.00"},0,0,0,{"v":50,"d":"50.00"},{"v":12,"d":"12.00"},{"v":600,"d":"600.00"},{"v":50,"d":"50.00"},{"v":200,"d":"200.00"},0]
[438,"卡簧",{"v":40,"d":"40.00"},"个",0,0,0,{"v":20,"d":"20.00"},{"v":0.7,"d":"0.70"},{"v":14,"d":"14.00"},0,0,0,{"v":20,"d":"20.00"},{"v":0.7,"d":"0.70"},{"v":14,"d":"14.00"},{"v":20,"d":"20.00"},{"v":8,"d":"8.00"},0]
[439,"卡簧",{"v":50,"d":"50.00"},"个",0,0,0,{"v":22,"d":"22.00"},{"v":0.8,"d":"0.80"},{"v":17.6,"d":"17.60"},0,0,0,{"v":22,"d":"22.00"},{"v":0.8,"d":"0.80"},{"v":17.6,"d":"17.60"},{"v":22,"d":"22.00"},{"v":8.8,"d":"8.80"},0]
[440,"卡簧",{"v":80,"d":"80.00"},"个",0,0,0,{"v":5,"d":"5.00"},{"v":1.6,"d":"1.60"},{"v":8,"d":"8.00"},0,0,0,{"v":5,"d":"5.00"},{"v":1.6,"d":"1.60"},{"v":8,"d":"8.00"},{"v":5,"d":"5.00"},{"v":4,"d":"4.00"},0]
[441,"卡簧",{"v":120,"d":"120.00"},"个",0,0,0,{"v":7,"d":"7.00"},{"v":1.8,"d":"1.80"},{"v":12.6,"d":"12.60"},0,0,0,{"v":7,"d":"7.00"},{"v":1.8,"d":"1.80"},{"v":12.6,"d":"12.60"},{"v":7,"d":"7.00"},{"v":5.6,"d":"5.60"},0]
[442,"卡簧",{"v":135,"d":"135.00"},"个",0,0,0,{"v":9,"d":"9.00"},{"v":2,"d":"2.00"},{"v":18,"d":"18.00"},0,0,0,{"v":9,"d":"9.00"},{"v":2,"d":"2.00"},{"v":18,"d":"18.00"},{"v":9,"d":"9.00"},{"v":7.2,"d":"7.20"},0]
[443,"气压闸阀",{"v":1203,"d":"1,203.00"},"个",0,0,0,{"v":1,"d":"1.00"},{"v":40,"d":"40.00"},{"v":40,"d":"40.00"},0,0,0,{"v":1,"d":"1.00"},{"v":40,"d":"40.00"},{"v":40,"d":"40.00"},{"v":1,"d":"1.00"},{"v":12,"d":"12.00"},0]
[444,"气压闸阀",{"v":1204,"d":"1,204.00"},"个",0,0,0,{"v":1,"d":"1.00"},{"v":40,"d":"40.00"},{"v":40,"d":"40.00"},0,0,0,{"v":1,"d":"1.00"},{"v":40,"d":"40.00"},{"v":40,"d":"40.00"},{"v":1,"d":"1.00"},{"v":12,"d":"12.00"},0]
[445,"气压闸阀",{"v":1205,"d":"1,205.00"},"个",0,0,0,{"v":1,"d":"1.00"},{"v":40,"d":"40.00"},{"v":40,"d":"40.00"},0,0,0,{"v":1,"d":"1.00"},{"v":40,"d":"40.00"},{"v":40,"d":"40.00"},{"v":1,"d":"1.00"},{"v":12,"d":"12.00"},0]
[446,"气压闸阀",{"v":1209,"d":"1,209.00"},"个",0,0,0,{"v":1,"d":"1.00"},{"v":40,"d":"40.00"},{"v":40,"d":"40.00"},0,0,0,{"v":1,"d":"1.00"},{"v":40,"d":"40.00"},{"v":40,"d":"40.00"},{"v":1,"d":"1.00"},{"v":12,"d":"12.00"},0]
[447,"补偿式微压计","YJB2500","台",0,0,0,{"v":1,"d":"1.00"},{"v":2100,"d":"2,100.00"},{"v":2100,"d":"2,100.00"},0,0,0,{"v":1,"d":"1.00"},{"v":2100,"d":"2,100.00"},{"v":2100,"d":"2,100.00"},{"v":1,"d":"1.00"},{"v":600,"d":"600.00"},0]
[448,"一氧化碳检管","低浓度","盒",0,0,0,{"v":12,"d":"12.00"},{"v":28,"d":"28.00"},{"v":336,"d":"336.00"},0,0,0,{"v":12,"d":"12.00"},{"v":28,"d":"28.00"},{"v":336,"d":"336.00"},{"v":12,"d":"12.00"},{"v":96,"d":"96.00"},0]
[449,"通风干湿表","DHM3","只",0,0,0,0,0,0,0,0,0,0,0,0,0,0,"盘亏"]
[450,"矿用电子风速表","中速","只",0,0,0,{"v":2,"d":"2.00"},{"v":380,"d":"380.00"},{"v":760,"d":"760.00"},0,0,0,{"v":2,"d":"2.00"},{"v":380,"d":"380.00"},{"v":760,"d":"760.00"},{"v":2,"d":"2.00"},{"v":240,"d":"240.00"},0]
[451,"矿本安接线盒","二通 ","个",0,0,0,{"v":9,"d":"9.00"},18.78,{"v":169,"d":"169.00"},0,0,0,{"v":9,"d":"9.00"},18.78,{"v":169,"d":"169.00"},{"v":9,"d":"9.00"},{"v":36,"d":"36.00"},0]
[452,"矿用风量传感器","KGF2","台",0,0,0,{"v":1,"d":"1.00"},{"v":2750,"d":"2,750.00"},{"v":2750,"d":"2,750.00"},0,0,0,{"v":1,"d":"1.00"},{"v":2750,"d":"2,750.00"},{"v":2750,"d":"2,750.00"},{"v":1,"d":"1.00"},{"v":800,"d":"800.00"},0]
[453,"骑士系列专业脚架",0,"个",0,0,0,{"v":1,"d":"1.00"},{"v":460,"d":"460.00"},{"v":460,"d":"460.00"},0,0,0,{"v":1,"d":"1.00"},{"v":460,"d":"460.00"},{"v":460,"d":"460.00"},{"v":1,"d":"1.00"},{"v":160,"d":"160.00"},0]
[454,"机电设备开停传感器","KGT8","台",0,0,0,{"v":1,"d":"1.00"},{"v":500,"d":"500.00"},{"v":500,"d":"500.00"},0,0,0,{"v":1,"d":"1.00"},{"v":500,"d":"500.00"},{"v":500,"d":"500.00"},{"v":1,"d":"1.00"},{"v":160,"d":"160.00"},0]
[455,"甲烷检测报警仪",0,"台",0,0,0,{"v":6,"d":"6.00"},{"v":1133.33,"d":"1,133.33"},{"v":6800,"d":"6,800.00"},0,0,0,{"v":6,"d":"6.00"},{"v":1133.33,"d":"1,133.33"},{"v":6800,"d":"6,800.00"},{"v":6,"d":"6.00"},{"v":1440,"d":"1,440.00"},0]
[456,"复合绝缘氧化锌避雷器","HY5WS-17/50","组",0,0,0,{"v":3,"d":"3.00"},277.33,{"v":832,"d":"832.00"},0,0,0,{"v":3,"d":"3.00"},277.33,{"v":832,"d":"832.00"},{"v":3,"d":"3.00"},{"v":240,"d":"240.00"},0]
[457,"急停传感器","KHJ0.5/12","个",0,0,0,{"v":2,"d":"2.00"},{"v":180,"d":"180.00"},{"v":360,"d":"360.00"},0,0,0,{"v":2,"d":"2.00"},{"v":180,"d":"180.00"},{"v":360,"d":"360.00"},{"v":2,"d":"2.00"},{"v":80,"d":"80.00"},0]
[458,"矿用本安型读卡分站电板","KJ378-F","块",0,0,0,{"v":6,"d":"6.00"},{"v":3800,"d":"3,800.00"},{"v":22800,"d":"22,800.00"},0,0,0,{"v":6,"d":"6.00"},{"v":3800,"d":"3,800.00"},{"v":22800,"d":"22,800.00"},{"v":6,"d":"6.00"},{"v":6720,"d":"6,720.00"},0]
[459,"成品钎","1,5M","根",0,0,0,{"v":20,"d":"20.00"},{"v":17,"d":"17.00"},{"v":340,"d":"340.00"},0,0,0,{"v":20,"d":"20.00"},{"v":17,"d":"17.00"},{"v":340,"d":"340.00"},{"v":20,"d":"20.00"},{"v":80,"d":"80.00"},0]
[460,"成品钎","1.2M","根",0,0,0,{"v":13,"d":"13.00"},{"v":72,"d":"72.00"},{"v":936,"d":"936.00"},0,0,0,{"v":13,"d":"13.00"},{"v":72,"d":"72.00"},{"v":936,"d":"936.00"},{"v":13,"d":"13.00"},{"v":520,"d":"520.00"},0]
[461,"气动锚杆钻机",0,"台",0,0,0,{"v":1,"d":"1.00"},{"v":6000,"d":"6,000.00"},{"v":6000,"d":"6,000.00"},0,0,0,{"v":1,"d":"1.00"},{"v":6000,"d":"6,000.00"},{"v":6000,"d":"6,000.00"},{"v":1,"d":"1.00"},{"v":1760,"d":"1,760.00"},0]
[462,"采煤《作业规程》施工牌",0,"块",0,0,0,{"v":8,"d":"8.00"},{"v":58,"d":"58.00"},{"v":464,"d":"464.00"},0,0,0,{"v":8,"d":"8.00"},{"v":58,"d":"58.00"},{"v":464,"d":"464.00"},{"v":8,"d":"8.00"},{"v":160,"d":"160.00"},0]
[463,"局部通风管理牌",0,"块",0,0,0,{"v":2,"d":"2.00"},{"v":20,"d":"20.00"},{"v":40,"d":"40.00"},0,0,0,{"v":2,"d":"2.00"},{"v":20,"d":"20.00"},{"v":40,"d":"40.00"},{"v":2,"d":"2.00"},{"v":16,"d":"16.00"},0]
[464,"风门管理牌",0,"块",0,0,0,{"v":3,"d":"3.00"},{"v":20,"d":"20.00"},{"v":60,"d":"60.00"},0,0,0,{"v":3,"d":"3.00"},{"v":20,"d":"20.00"},{"v":60,"d":"60.00"},{"v":3,"d":"3.00"},{"v":24,"d":"24.00"},0]
[465,"放炮瓦斯管理牌",0,"块",0,0,0,{"v":10,"d":"10.00"},{"v":20,"d":"20.00"},{"v":200,"d":"200.00"},0,0,0,{"v":10,"d":"10.00"},{"v":20,"d":"20.00"},{"v":200,"d":"200.00"},{"v":10,"d":"10.00"},{"v":80,"d":"80.00"},0]
[466,"瓦斯水火煤尘避灾路线牌",0,"块",0,0,0,{"v":70,"d":"70.00"},{"v":20,"d":"20.00"},{"v":1400,"d":"1,400.00"},0,0,0,{"v":70,"d":"70.00"},{"v":20,"d":"20.00"},{"v":1400,"d":"1,400.00"},{"v":70,"d":"70.00"},{"v":560,"d":"560.00"},0]
[467,"探水允掘牌",0,"块",0,0,0,{"v":13,"d":"13.00"},{"v":20,"d":"20.00"},{"v":260,"d":"260.00"},0,0,0,{"v":13,"d":"13.00"},{"v":20,"d":"20.00"},{"v":260,"d":"260.00"},{"v":13,"d":"13.00"},{"v":104,"d":"104.00"},0]
[468,"材料堆料牌",0,"块",0,0,0,{"v":9,"d":"9.00"},{"v":20,"d":"20.00"},{"v":180,"d":"180.00"},0,0,0,{"v":9,"d":"9.00"},{"v":20,"d":"20.00"},{"v":180,"d":"180.00"},{"v":9,"d":"9.00"},{"v":72,"d":"72.00"},0]
[469,"突水点观测记录牌",0,"块",0,0,0,{"v":14,"d":"14.00"},{"v":20,"d":"20.00"},{"v":280,"d":"280.00"},0,0,0,{"v":14,"d":"14.00"},{"v":20,"d":"20.00"},{"v":280,"d":"280.00"},{"v":14,"d":"14.00"},{"v":112,"d":"112.00"},0]
[470,"隔爆水袋管理牌",0,"块",0,0,0,{"v":17,"d":"17.00"},{"v":20,"d":"20.00"},{"v":340,"d":"340.00"},0,0,0,{"v":17,"d":"17.00"},{"v":20,"d":"20.00"},{"v":340,"d":"340.00"},{"v":17,"d":"17.00"},{"v":136,"d":"136.00"},0]
[471,"监测监控管理牌",0,"块",0,0,0,{"v":3,"d":"3.00"},{"v":20,"d":"20.00"},{"v":60,"d":"60.00"},0,0,0,{"v":3,"d":"3.00"},{"v":20,"d":"20.00"},{"v":60,"d":"60.00"},{"v":3,"d":"3.00"},{"v":24,"d":"24.00"},0]
[472,"刮板运输机技术牌",0,"块",0,0,0,{"v":9,"d":"9.00"},{"v":20,"d":"20.00"},{"v":180,"d":"180.00"},0,0,0,{"v":9,"d":"9.00"},{"v":20,"d":"20.00"},{"v":180,"d":"180.00"},{"v":9,"d":"9.00"},{"v":72,"d":"72.00"},0]
[473,"防突预兆管理牌",0,"块",0,0,0,{"v":3,"d":"3.00"},{"v":20,"d":"20.00"},{"v":60,"d":"60.00"},0,0,0,{"v":3,"d":"3.00"},{"v":20,"d":"20.00"},{"v":60,"d":"60.00"},{"v":3,"d":"3.00"},{"v":24,"d":"24.00"},0]
[474,"井下放水点管理牌",0,"块",0,0,0,{"v":1,"d":"1.00"},{"v":20,"d":"20.00"},{"v":20,"d":"20.00"},0,0,0,{"v":1,"d":"1.00"},{"v":20,"d":"20.00"},{"v":20,"d":"20.00"},{"v":1,"d":"1.00"},{"v":8,"d":"8.00"},0]
[475,"防突（允掘）回采牌",0,"块",0,0,0,{"v":5,"d":"5.00"},{"v":20,"d":"20.00"},{"v":100,"d":"100.00"},0,0,0,{"v":5,"d":"5.00"},{"v":20,"d":"20.00"},{"v":100,"d":"100.00"},{"v":5,"d":"5.00"},{"v":40,"d":"40.00"},0]
[476,"胶带运输机技术牌",0,"块",0,0,0,{"v":2,"d":"2.00"},{"v":20,"d":"20.00"},{"v":40,"d":"40.00"},0,0,0,{"v":2,"d":"2.00"},{"v":20,"d":"20.00"},{"v":40,"d":"40.00"},{"v":2,"d":"2.00"},{"v":16,"d":"16.00"},0]
[477,"密闭墙管理牌",0,"块",0,0,0,{"v":7,"d":"7.00"},{"v":20,"d":"20.00"},{"v":140,"d":"140.00"},0,0,0,{"v":7,"d":"7.00"},{"v":20,"d":"20.00"},{"v":140,"d":"140.00"},{"v":7,"d":"7.00"},{"v":56,"d":"56.00"},0]
[478,"矿井涌水情况观测记录牌",0,"块",0,0,0,{"v":6,"d":"6.00"},{"v":20,"d":"20.00"},{"v":120,"d":"120.00"},0,0,0,{"v":6,"d":"6.00"},{"v":20,"d":"20.00"},{"v":120,"d":"120.00"},{"v":6,"d":"6.00"},{"v":48,"d":"48.00"},0]
[479,"放炮警戒牌",0,"块",0,0,0,{"v":10,"d":"10.00"},{"v":20,"d":"20.00"},{"v":200,"d":"200.00"},0,0,0,{"v":10,"d":"10.00"},{"v":20,"d":"20.00"},{"v":200,"d":"200.00"},{"v":10,"d":"10.00"},{"v":80,"d":"80.00"},0]
[480,"紧急避难硐室",0,"块",0,0,0,{"v":3,"d":"3.00"},{"v":20,"d":"20.00"},{"v":60,"d":"60.00"},0,0,0,{"v":3,"d":"3.00"},{"v":20,"d":"20.00"},{"v":60,"d":"60.00"},{"v":3,"d":"3.00"},{"v":24,"d":"24.00"},0]
[481,"绞车技术管理牌",0,"块",0,0,0,{"v":10,"d":"10.00"},{"v":20,"d":"20.00"},{"v":200,"d":"200.00"},0,0,0,{"v":10,"d":"10.00"},{"v":20,"d":"20.00"},{"v":200,"d":"200.00"},{"v":10,"d":"10.00"},{"v":80,"d":"80.00"},0]
[482,"监测监控分 站管理牌",0,"块",0,0,0,{"v":7,"d":"7.00"},{"v":20,"d":"20.00"},{"v":140,"d":"140.00"},0,0,0,{"v":7,"d":"7.00"},{"v":20,"d":"20.00"},{"v":140,"d":"140.00"},{"v":7,"d":"7.00"},{"v":56,"d":"56.00"},0]
[483,"禁止入内",0,"块",0,0,0,{"v":12,"d":"12.00"},{"v":30,"d":"30.00"},{"v":360,"d":"360.00"},0,0,0,{"v":12,"d":"12.00"},{"v":30,"d":"30.00"},{"v":360,"d":"360.00"},{"v":12,"d":"12.00"},{"v":96,"d":"96.00"},0]
[484,"未经许可禁止通行",0,"块",0,0,0,{"v":6,"d":"6.00"},{"v":35,"d":"35.00"},{"v":210,"d":"210.00"},0,0,0,{"v":6,"d":"6.00"},{"v":35,"d":"35.00"},{"v":210,"d":"210.00"},{"v":6,"d":"6.00"},{"v":72,"d":"72.00"},0]
[485,"水灾可故避灾路线",0,"块",0,0,0,{"v":11,"d":"11.00"},{"v":35,"d":"35.00"},{"v":385,"d":"385.00"},0,0,0,{"v":11,"d":"11.00"},{"v":35,"d":"35.00"},{"v":385,"d":"385.00"},{"v":11,"d":"11.00"},{"v":132,"d":"132.00"},0]
[486,"各种路标指示牌",0,"块",0,0,0,{"v":64,"d":"64.00"},{"v":35,"d":"35.00"},{"v":2240,"d":"2,240.00"},0,0,0,{"v":64,"d":"64.00"},{"v":35,"d":"35.00"},{"v":2240,"d":"2,240.00"},{"v":64,"d":"64.00"},{"v":768,"d":"768.00"},0]
[487,"液压千斤顶","20T","个",0,0,0,{"v":3,"d":"3.00"},{"v":180,"d":"180.00"},{"v":540,"d":"540.00"},0,0,0,{"v":3,"d":"3.00"},{"v":180,"d":"180.00"},{"v":540,"d":"540.00"},{"v":3,"d":"3.00"},{"v":120,"d":"120.00"},0]
[488,"螺旋千斤顶","30T","个",0,0,0,{"v":1,"d":"1.00"},{"v":240,"d":"240.00"},{"v":240,"d":"240.00"},0,0,0,{"v":1,"d":"1.00"},{"v":240,"d":"240.00"},{"v":240,"d":"240.00"},{"v":1,"d":"1.00"},{"v":80,"d":"80.00"},0]
[489,"液压千斤顶","2T","个",0,0,0,{"v":1,"d":"1.00"},{"v":72,"d":"72.00"},{"v":72,"d":"72.00"},0,0,0,{"v":1,"d":"1.00"},{"v":72,"d":"72.00"},{"v":72,"d":"72.00"},{"v":1,"d":"1.00"},{"v":40,"d":"40.00"},0]
[490,"污水潜水泵","7.5KW","台",0,0,0,{"v":3,"d":"3.00"},{"v":4650,"d":"4,650.00"},{"v":13950,"d":"13,950.00"},0,0,0,{"v":3,"d":"3.00"},{"v":4650,"d":"4,650.00"},{"v":13950,"d":"13,950.00"},{"v":3,"d":"3.00"},{"v":4080,"d":"4,080.00"},0]
[491,"潜水泵导叶","QY80-110/2-37","台 ",0,0,0,{"v":1,"d":"1.00"},735.04,735.04,0,0,0,{"v":1,"d":"1.00"},735.04,735.04,{"v":1,"d":"1.00"},{"v":240,"d":"240.00"},0]
[492,"水泵叶轮","D12-25*9","个",0,0,0,{"v":9,"d":"9.00"},85.47,769.23,0,0,0,{"v":9,"d":"9.00"},85.47,769.23,{"v":9,"d":"9.00"},{"v":360,"d":"360.00"},0]
[493,"水泵轴套","D12-25*9","个",0,0,0,{"v":2,"d":"2.00"},54.28,108.56,0,0,0,{"v":2,"d":"2.00"},54.28,108.56,{"v":2,"d":"2.00"},{"v":32,"d":"32.00"},0]
[494,"口环","D12-25*9","个",0,0,0,{"v":18,"d":"18.00"},29.91,538.38,0,0,0,{"v":18,"d":"18.00"},29.91,538.38,{"v":18,"d":"18.00"},{"v":144,"d":"144.00"},0]
[495,"平衡盘","D12-25*9","个",0,0,0,{"v":3,"d":"3.00"},47.01,141.03,0,0,0,{"v":3,"d":"3.00"},47.01,141.03,{"v":3,"d":"3.00"},{"v":48,"d":"48.00"},0]
[496,"轴承","N307","套",0,0,0,{"v":20,"d":"20.00"},51.28,{"v":1025.6,"d":"1,025.60"},0,0,0,{"v":20,"d":"20.00"},51.28,{"v":1025.6,"d":"1,025.60"},{"v":20,"d":"20.00"},{"v":320,"d":"320.00"},0]
[497,"中间继电器","36V","个",0,0,0,{"v":10,"d":"10.00"},72.65,{"v":726.5,"d":"726.50"},0,0,0,{"v":10,"d":"10.00"},72.65,{"v":726.5,"d":"726.50"},{"v":10,"d":"10.00"},{"v":400,"d":"400.00"},0]
[498,"电机综合保护器","225A","个",0,0,0,0,0,0,0,0,0,0,0,0,0,0,"盘亏"]
[499,"联接轴","120*28*42","个",0,0,0,{"v":5,"d":"5.00"},94.02,{"v":470.1,"d":"470.10"},0,0,0,{"v":5,"d":"5.00"},94.02,{"v":470.1,"d":"470.10"},{"v":5,"d":"5.00"},{"v":200,"d":"200.00"},0]
[500,"不锈钢闸阀","D150/25","只",0,0,0,{"v":3,"d":"3.00"},{"v":2051.28,"d":"2,051.28"},{"v":6153.84,"d":"6,153.84"},0,0,0,{"v":3,"d":"3.00"},{"v":2051.28,"d":"2,051.28"},{"v":6153.84,"d":"6,153.84"},{"v":3,"d":"3.00"},{"v":1800,"d":"1,800.00"},0]
[501,"闸阀","Φ100","个",0,0,0,{"v":2,"d":"2.00"},{"v":175,"d":"175.00"},{"v":350,"d":"350.00"},0,0,0,{"v":2,"d":"2.00"},{"v":175,"d":"175.00"},{"v":350,"d":"350.00"},{"v":2,"d":"2.00"},{"v":80,"d":"80.00"},0]
[502,"闸阀","Φ75","个",0,0,0,{"v":5,"d":"5.00"},{"v":140,"d":"140.00"},{"v":700,"d":"700.00"},0,0,0,{"v":5,"d":"5.00"},{"v":140,"d":"140.00"},{"v":700,"d":"700.00"},{"v":5,"d":"5.00"},{"v":200,"d":"200.00"},0]
[503,"闸阀","Φ50","个",0,0,0,{"v":8,"d":"8.00"},{"v":120,"d":"120.00"},{"v":960,"d":"960.00"},0,0,0,{"v":8,"d":"8.00"},{"v":120,"d":"120.00"},{"v":960,"d":"960.00"},{"v":8,"d":"8.00"},{"v":320,"d":"320.00"},0]
[504,"闸阀","Φ25","个",0,0,0,{"v":3,"d":"3.00"},{"v":85,"d":"85.00"},{"v":255,"d":"255.00"},0,0,0,{"v":3,"d":"3.00"},{"v":85,"d":"85.00"},{"v":255,"d":"255.00"},{"v":3,"d":"3.00"},{"v":120,"d":"120.00"},0]
[505,"闸阀","Φ20","个",0,0,0,{"v":11,"d":"11.00"},{"v":12,"d":"12.00"},{"v":132,"d":"132.00"},0,0,0,{"v":11,"d":"11.00"},{"v":12,"d":"12.00"},{"v":132,"d":"132.00"},{"v":11,"d":"11.00"},{"v":44,"d":"44.00"},0]
[506,"底阀","Φ80","个",0,0,0,{"v":1,"d":"1.00"},{"v":65,"d":"65.00"},{"v":65,"d":"65.00"},0,0,0,{"v":1,"d":"1.00"},{"v":65,"d":"65.00"},{"v":65,"d":"65.00"},{"v":1,"d":"1.00"},{"v":40,"d":"40.00"},0]
[507,"止回阀","Φ150铸铁","个",0,0,0,{"v":1,"d":"1.00"},{"v":720,"d":"720.00"},{"v":720,"d":"720.00"},0,0,0,{"v":1,"d":"1.00"},{"v":720,"d":"720.00"},{"v":720,"d":"720.00"},{"v":1,"d":"1.00"},{"v":240,"d":"240.00"},0]
[508,"PE管三通","￠159","个",0,0,0,{"v":56,"d":"56.00"},{"v":95,"d":"95.00"},{"v":5320,"d":"5,320.00"},0,0,0,{"v":56,"d":"56.00"},{"v":95,"d":"95.00"},{"v":5320,"d":"5,320.00"},{"v":56,"d":"56.00"},{"v":1344,"d":"1,344.00"},0]
[509,"PE管三通","￠159*19(厚型）","个",0,0,0,{"v":20,"d":"20.00"},{"v":162,"d":"162.00"},{"v":3240,"d":"3,240.00"},0,0,0,{"v":20,"d":"20.00"},{"v":162,"d":"162.00"},{"v":3240,"d":"3,240.00"},{"v":20,"d":"20.00"},{"v":880,"d":"880.00"},0]
[510,"PE管弯管","110   45°","个",0,0,0,{"v":14,"d":"14.00"},{"v":28,"d":"28.00"},{"v":392,"d":"392.00"},0,0,0,{"v":14,"d":"14.00"},{"v":28,"d":"28.00"},{"v":392,"d":"392.00"},{"v":14,"d":"14.00"},{"v":112,"d":"112.00"},0]
[511,"PE管弯管","110   90°","个",0,0,0,{"v":2,"d":"2.00"},{"v":32,"d":"32.00"},{"v":64,"d":"64.00"},0,0,0,{"v":2,"d":"2.00"},{"v":32,"d":"32.00"},{"v":64,"d":"64.00"},{"v":2,"d":"2.00"},{"v":16,"d":"16.00"},0]
[512,"PE管直接头","Φ160","个",0,0,0,{"v":1,"d":"1.00"},{"v":60,"d":"60.00"},{"v":60,"d":"60.00"},0,0,0,{"v":1,"d":"1.00"},{"v":60,"d":"60.00"},{"v":60,"d":"60.00"},{"v":1,"d":"1.00"},{"v":16,"d":"16.00"},0]
[513,"PE管直接头","Φ159*12019","个",0,0,0,{"v":30,"d":"30.00"},55.56,{"v":1666.8,"d":"1,666.80"},0,0,0,{"v":30,"d":"30.00"},55.56,{"v":1666.8,"d":"1,666.80"},{"v":30,"d":"30.00"},{"v":480,"d":"480.00"},0]
[514,"PE管直接头","Φ110","个",0,0,0,{"v":11,"d":"11.00"},{"v":40,"d":"40.00"},{"v":440,"d":"440.00"},0,0,0,{"v":11,"d":"11.00"},{"v":40,"d":"40.00"},{"v":440,"d":"440.00"},{"v":11,"d":"11.00"},{"v":132,"d":"132.00"},0]
[515,"PVC直接头",{"v":30,"d":"30.00"},"个",0,0,0,{"v":17,"d":"17.00"},{"v":0.7,"d":"0.70"},{"v":11.9,"d":"11.90"},0,0,0,{"v":17,"d":"17.00"},{"v":0.7,"d":"0.70"},{"v":11.9,"d":"11.90"},{"v":17,"d":"17.00"},{"v":6.8,"d":"6.80"},0]
[516,"PVC弯头",{"v":30,"d":"30.00"},"个",0,0,0,{"v":9,"d":"9.00"},{"v":0.9,"d":"0.90"},{"v":8.1,"d":"8.10"},0,0,0,{"v":9,"d":"9.00"},{"v":0.9,"d":"0.90"},{"v":8.1,"d":"8.10"},{"v":9,"d":"9.00"},{"v":3.6,"d":"3.60"},0]
[517,"PVC三通",{"v":30,"d":"30.00"},"个",0,0,0,{"v":8,"d":"8.00"},{"v":1.1,"d":"1.10"},{"v":8.8,"d":"8.80"},0,0,0,{"v":8,"d":"8.00"},{"v":1.1,"d":"1.10"},{"v":8.8,"d":"8.80"},{"v":8,"d":"8.00"},{"v":3.2,"d":"3.20"},0]
[518,"钢丝绳边滚",0,"个",0,0,0,{"v":2,"d":"2.00"},{"v":520,"d":"520.00"},{"v":1040,"d":"1,040.00"},0,0,0,{"v":2,"d":"2.00"},{"v":520,"d":"520.00"},{"v":1040,"d":"1,040.00"},{"v":2,"d":"2.00"},{"v":320,"d":"320.00"},0]
[519,"夹布空气胶管","￠16","根",0,0,0,{"v":15,"d":"15.00"},{"v":135,"d":"135.00"},{"v":2025,"d":"2,025.00"},0,0,0,{"v":15,"d":"15.00"},{"v":135,"d":"135.00"},{"v":2025,"d":"2,025.00"},{"v":15,"d":"15.00"},{"v":600,"d":"600.00"},0]
[520,"电流互感器","LZZBJ9-10","台",0,0,0,{"v":4,"d":"4.00"},{"v":800,"d":"800.00"},{"v":3200,"d":"3,200.00"},0,0,0,{"v":4,"d":"4.00"},{"v":800,"d":"800.00"},{"v":3200,"d":"3,200.00"},{"v":4,"d":"4.00"},{"v":1120,"d":"1,120.00"},0]
[521,"加工联轴器销子",0,"个",0,0,0,{"v":100,"d":"100.00"},{"v":40,"d":"40.00"},{"v":4000,"d":"4,000.00"},0,0,0,{"v":100,"d":"100.00"},{"v":40,"d":"40.00"},{"v":4000,"d":"4,000.00"},{"v":100,"d":"100.00"},{"v":1200,"d":"1,200.00"},0]
[522,"振动筛轴",0,"根",0,0,0,{"v":1,"d":"1.00"},{"v":580,"d":"580.00"},{"v":580,"d":"580.00"},0,0,0,{"v":1,"d":"1.00"},{"v":580,"d":"580.00"},{"v":580,"d":"580.00"},{"v":1,"d":"1.00"},{"v":200,"d":"200.00"},0]
[523,"方掏扒",0,"把",0,0,0,{"v":18,"d":"18.00"},{"v":18,"d":"18.00"},{"v":324,"d":"324.00"},0,0,0,{"v":18,"d":"18.00"},{"v":18,"d":"18.00"},{"v":324,"d":"324.00"},{"v":18,"d":"18.00"},{"v":72,"d":"72.00"},0]
[524,"砖刀",0,"把",0,0,0,{"v":5,"d":"5.00"},{"v":25,"d":"25.00"},{"v":125,"d":"125.00"},0,0,0,{"v":5,"d":"5.00"},{"v":25,"d":"25.00"},{"v":125,"d":"125.00"},{"v":5,"d":"5.00"},{"v":40,"d":"40.00"},0]
[525,"刹车带",0,"圈",0,0,0,{"v":2,"d":"2.00"},{"v":150,"d":"150.00"},{"v":300,"d":"300.00"},0,0,0,{"v":2,"d":"2.00"},{"v":150,"d":"150.00"},{"v":300,"d":"300.00"},{"v":2,"d":"2.00"},{"v":80,"d":"80.00"},0]
[526,"小绞车刹车带",0,"套",0,0,0,{"v":8,"d":"8.00"},{"v":125,"d":"125.00"},{"v":1000,"d":"1,000.00"},0,0,0,{"v":8,"d":"8.00"},{"v":125,"d":"125.00"},{"v":1000,"d":"1,000.00"},{"v":8,"d":"8.00"},{"v":320,"d":"320.00"},0]
[527,"搬道器","22KG","个",0,0,0,{"v":1,"d":"1.00"},{"v":120,"d":"120.00"},{"v":120,"d":"120.00"},0,0,0,{"v":1,"d":"1.00"},{"v":120,"d":"120.00"},{"v":120,"d":"120.00"},{"v":1,"d":"1.00"},{"v":40,"d":"40.00"},0]
[528,"空压机专用油",0,"桶",0,0,0,{"v":1,"d":"1.00"},{"v":550,"d":"550.00"},{"v":550,"d":"550.00"},0,0,0,{"v":1,"d":"1.00"},{"v":550,"d":"550.00"},{"v":550,"d":"550.00"},{"v":1,"d":"1.00"},{"v":200,"d":"200.00"},0]
[529,"三叉风筒",{"v":600,"d":"600.00"},"根",0,0,0,{"v":7,"d":"7.00"},{"v":260,"d":"260.00"},{"v":1820,"d":"1,820.00"},0,0,0,{"v":7,"d":"7.00"},{"v":260,"d":"260.00"},{"v":1820,"d":"1,820.00"},{"v":7,"d":"7.00"},{"v":560,"d":"560.00"},0]
[530,"风筒","Φ400","根",0,0,0,{"v":2,"d":"2.00"},{"v":115,"d":"115.00"},{"v":230,"d":"230.00"},0,0,0,{"v":2,"d":"2.00"},{"v":115,"d":"115.00"},{"v":230,"d":"230.00"},{"v":2,"d":"2.00"},{"v":80,"d":"80.00"},0]
[531,"三通风筒",{"v":500,"d":"500.00"},"根",0,0,0,{"v":6,"d":"6.00"},{"v":300,"d":"300.00"},{"v":1800,"d":"1,800.00"},0,0,0,{"v":6,"d":"6.00"},{"v":300,"d":"300.00"},{"v":1800,"d":"1,800.00"},{"v":6,"d":"6.00"},{"v":480,"d":"480.00"},0]
[532,"大小风筒","500变400","根",0,0,0,{"v":1,"d":"1.00"},{"v":76,"d":"76.00"},{"v":76,"d":"76.00"},0,0,0,{"v":1,"d":"1.00"},{"v":76,"d":"76.00"},{"v":76,"d":"76.00"},{"v":1,"d":"1.00"},{"v":40,"d":"40.00"},0]
[533,"大小风筒","800*600","根",0,0,0,{"v":2,"d":"2.00"},{"v":90,"d":"90.00"},{"v":180,"d":"180.00"},0,0,0,{"v":2,"d":"2.00"},{"v":90,"d":"90.00"},{"v":180,"d":"180.00"},{"v":2,"d":"2.00"},{"v":80,"d":"80.00"},0]
[534,"转角风筒",{"v":500,"d":"500.00"},"根",0,0,0,{"v":2,"d":"2.00"},{"v":130,"d":"130.00"},{"v":260,"d":"260.00"},0,0,0,{"v":2,"d":"2.00"},{"v":130,"d":"130.00"},{"v":260,"d":"260.00"},{"v":2,"d":"2.00"},{"v":80,"d":"80.00"},0]
[535,"转角风筒",{"v":600,"d":"600.00"},"根",0,0,0,{"v":1,"d":"1.00"},{"v":150,"d":"150.00"},{"v":150,"d":"150.00"},0,0,0,{"v":1,"d":"1.00"},{"v":150,"d":"150.00"},{"v":150,"d":"150.00"},{"v":1,"d":"1.00"},{"v":40,"d":"40.00"},0]
[536,"水泵叶轮套","Φ80","套",0,0,0,{"v":2,"d":"2.00"},{"v":80,"d":"80.00"},{"v":160,"d":"160.00"},0,0,0,{"v":2,"d":"2.00"},{"v":80,"d":"80.00"},{"v":160,"d":"160.00"},{"v":2,"d":"2.00"},{"v":80,"d":"80.00"},0]
[537,"离心式水泵叶轮",{"v":1250,"d":"1,250.00"},"个",0,0,0,{"v":3,"d":"3.00"},{"v":95,"d":"95.00"},{"v":285,"d":"285.00"},0,0,0,{"v":3,"d":"3.00"},{"v":95,"d":"95.00"},{"v":285,"d":"285.00"},{"v":3,"d":"3.00"},{"v":120,"d":"120.00"},0]
[538,"离心式水泵轴套",{"v":1250,"d":"1,250.00"},"个",0,0,0,{"v":8,"d":"8.00"},{"v":100,"d":"100.00"},{"v":800,"d":"800.00"},0,0,0,{"v":8,"d":"8.00"},{"v":100,"d":"100.00"},{"v":800,"d":"800.00"},{"v":8,"d":"8.00"},{"v":320,"d":"320.00"},0]
[539,"离心式水泵六角垫 ",{"v":50,"d":"50.00"},"个",0,0,0,{"v":1,"d":"1.00"},{"v":32,"d":"32.00"},{"v":32,"d":"32.00"},0,0,0,{"v":1,"d":"1.00"},{"v":32,"d":"32.00"},{"v":32,"d":"32.00"},{"v":1,"d":"1.00"},{"v":12,"d":"12.00"},0]
[540,"离心式水泵六角垫 ","155DF","个",0,0,0,{"v":13,"d":"13.00"},{"v":32,"d":"32.00"},{"v":416,"d":"416.00"},0,0,0,{"v":13,"d":"13.00"},{"v":32,"d":"32.00"},{"v":416,"d":"416.00"},{"v":13,"d":"13.00"},{"v":156,"d":"156.00"},0]
[541,"水泵轴","125DF-25","根",0,0,0,0,0,0,0,0,0,0,0,0,0,0,"盘亏"]
[542,"潜水泵叶轮","大","个",0,0,0,{"v":2,"d":"2.00"},{"v":60,"d":"60.00"},{"v":120,"d":"120.00"},0,0,0,{"v":2,"d":"2.00"},{"v":60,"d":"60.00"},{"v":120,"d":"120.00"},{"v":2,"d":"2.00"},{"v":40,"d":"40.00"},0]
[543,"水泵口环","Φ150","个",0,0,0,{"v":13,"d":"13.00"},{"v":20,"d":"20.00"},{"v":260,"d":"260.00"},0,0,0,{"v":13,"d":"13.00"},{"v":20,"d":"20.00"},{"v":260,"d":"260.00"},{"v":13,"d":"13.00"},{"v":104,"d":"104.00"},0]
[544,"水泵口环","Φ130","个",0,0,0,{"v":18,"d":"18.00"},{"v":17,"d":"17.00"},{"v":306,"d":"306.00"},0,0,0,{"v":18,"d":"18.00"},{"v":17,"d":"17.00"},{"v":306,"d":"306.00"},{"v":18,"d":"18.00"},{"v":72,"d":"72.00"},0]
[545,"水泵口环","Φ120","个",0,0,0,{"v":11,"d":"11.00"},{"v":16,"d":"16.00"},{"v":176,"d":"176.00"},0,0,0,{"v":11,"d":"11.00"},{"v":16,"d":"16.00"},{"v":176,"d":"176.00"},{"v":11,"d":"11.00"},{"v":44,"d":"44.00"},0]
[546,"潜水泵叶轮","小","个",0,0,0,{"v":1,"d":"1.00"},{"v":80,"d":"80.00"},{"v":80,"d":"80.00"},0,0,0,{"v":1,"d":"1.00"},{"v":80,"d":"80.00"},{"v":80,"d":"80.00"},{"v":1,"d":"1.00"},{"v":40,"d":"40.00"},0]
[547,"平衡环",{"v":40,"d":"40.00"},"个",0,0,0,{"v":5,"d":"5.00"},{"v":100,"d":"100.00"},{"v":500,"d":"500.00"},0,0,0,{"v":5,"d":"5.00"},{"v":100,"d":"100.00"},{"v":500,"d":"500.00"},{"v":5,"d":"5.00"},{"v":200,"d":"200.00"},0]
[548,"平衡盘","Φ65","套",0,0,0,{"v":4,"d":"4.00"},{"v":60,"d":"60.00"},{"v":240,"d":"240.00"},0,0,0,{"v":4,"d":"4.00"},{"v":60,"d":"60.00"},{"v":240,"d":"240.00"},{"v":4,"d":"4.00"},{"v":80,"d":"80.00"},0]
[549,"水泵轴柄紧螺帽","Φ60","只",0,0,0,{"v":18,"d":"18.00"},{"v":10,"d":"10.00"},{"v":180,"d":"180.00"},0,0,0,{"v":18,"d":"18.00"},{"v":10,"d":"10.00"},{"v":180,"d":"180.00"},{"v":18,"d":"18.00"},{"v":72,"d":"72.00"},0]
[550,"水泵连接垫（缓冲垫子） ","Φ15","个",0,0,0,{"v":100,"d":"100.00"},{"v":1.2,"d":"1.20"},{"v":120,"d":"120.00"},0,0,0,{"v":100,"d":"100.00"},{"v":1.2,"d":"1.20"},{"v":120,"d":"120.00"},{"v":100,"d":"100.00"},{"v":40,"d":"40.00"},0]
[551,"联轴器","￠65*220","对",0,0,0,{"v":1,"d":"1.00"},{"v":300,"d":"300.00"},{"v":300,"d":"300.00"},0,0,0,{"v":1,"d":"1.00"},{"v":300,"d":"300.00"},{"v":300,"d":"300.00"},{"v":1,"d":"1.00"},{"v":80,"d":"80.00"},0]
[552,"联轴器","￠65*165","对",0,0,0,{"v":14,"d":"14.00"},{"v":300,"d":"300.00"},{"v":4200,"d":"4,200.00"},0,0,0,{"v":14,"d":"14.00"},{"v":300,"d":"300.00"},{"v":4200,"d":"4,200.00"},{"v":14,"d":"14.00"},{"v":1120,"d":"1,120.00"},0]
[553,"联轴器","￠55*120","对",0,0,0,{"v":1,"d":"1.00"},{"v":280,"d":"280.00"},{"v":280,"d":"280.00"},0,0,0,{"v":1,"d":"1.00"},{"v":280,"d":"280.00"},{"v":280,"d":"280.00"},{"v":1,"d":"1.00"},{"v":80,"d":"80.00"},0]
[554,"联轴器","￠55*190 ","对",0,0,0,{"v":0.5,"d":"0.50"},{"v":240,"d":"240.00"},{"v":120,"d":"120.00"},0,0,0,{"v":0.5,"d":"0.50"},{"v":240,"d":"240.00"},{"v":120,"d":"120.00"},{"v":0.5,"d":"0.50"},{"v":40,"d":"40.00"},0]
[555,"联轴器","￠55*165","对",0,0,0,{"v":2,"d":"2.00"},{"v":200,"d":"200.00"},{"v":400,"d":"400.00"},0,0,0,{"v":2,"d":"2.00"},{"v":200,"d":"200.00"},{"v":400,"d":"400.00"},{"v":2,"d":"2.00"},{"v":160,"d":"160.00"},0]
[556,"联轴器","￠42*120","对",0,0,0,{"v":3,"d":"3.00"},{"v":180,"d":"180.00"},{"v":540,"d":"540.00"},0,0,0,{"v":3,"d":"3.00"},{"v":180,"d":"180.00"},{"v":540,"d":"540.00"},{"v":3,"d":"3.00"},{"v":120,"d":"120.00"},0]
[557,"联轴器","￠42*165","对",0,0,0,{"v":2,"d":"2.00"},{"v":160,"d":"160.00"},{"v":320,"d":"320.00"},0,0,0,{"v":2,"d":"2.00"},{"v":160,"d":"160.00"},{"v":320,"d":"320.00"},{"v":2,"d":"2.00"},{"v":80,"d":"80.00"},0]
[558,"联轴器","￠40*165","对",0,0,0,{"v":2,"d":"2.00"},{"v":150,"d":"150.00"},{"v":300,"d":"300.00"},0,0,0,{"v":2,"d":"2.00"},{"v":150,"d":"150.00"},{"v":300,"d":"300.00"},{"v":2,"d":"2.00"},{"v":80,"d":"80.00"},0]
[559,"联轴器","￠30*160","对",0,0,0,{"v":11,"d":"11.00"},{"v":140,"d":"140.00"},{"v":1540,"d":"1,540.00"},0,0,0,{"v":11,"d":"11.00"},{"v":140,"d":"140.00"},{"v":1540,"d":"1,540.00"},{"v":11,"d":"11.00"},{"v":440,"d":"440.00"},0]
[560,"联轴器","￠27*120","对",0,0,0,{"v":0.5,"d":"0.50"},{"v":120,"d":"120.00"},{"v":60,"d":"60.00"},0,0,0,{"v":0.5,"d":"0.50"},{"v":120,"d":"120.00"},{"v":60,"d":"60.00"},{"v":0.5,"d":"0.50"},{"v":20,"d":"20.00"},0]
[561,"首级叶轮","FD155-67*3","件",0,0,0,{"v":3,"d":"3.00"},{"v":580,"d":"580.00"},{"v":1740,"d":"1,740.00"},0,0,0,{"v":3,"d":"3.00"},{"v":580,"d":"580.00"},{"v":1740,"d":"1,740.00"},{"v":3,"d":"3.00"},{"v":600,"d":"600.00"},0]
[562,"次级叶轮",0,0,0,0,0,{"v":4,"d":"4.00"},{"v":520,"d":"520.00"},{"v":2080,"d":"2,080.00"},0,0,0,{"v":4,"d":"4.00"},{"v":520,"d":"520.00"},{"v":2080,"d":"2,080.00"},{"v":4,"d":"4.00"},{"v":640,"d":"640.00"},0]
[563,"叶轮",0,0,0,0,0,{"v":4,"d":"4.00"},{"v":530,"d":"530.00"},{"v":2120,"d":"2,120.00"},0,0,0,{"v":4,"d":"4.00"},{"v":530,"d":"530.00"},{"v":2120,"d":"2,120.00"},{"v":4,"d":"4.00"},{"v":640,"d":"640.00"},0]
[564,"水泵轴套","D155","个",0,0,0,{"v":4,"d":"4.00"},555.56,{"v":2222.24,"d":"2,222.24"},0,0,0,{"v":4,"d":"4.00"},555.56,{"v":2222.24,"d":"2,222.24"},{"v":4,"d":"4.00"},{"v":800,"d":"800.00"},0]
[565,"首级密封环","D155","个",0,0,0,{"v":3,"d":"3.00"},239.32,717.96,0,0,0,{"v":3,"d":"3.00"},239.32,717.96,{"v":3,"d":"3.00"},{"v":240,"d":"240.00"},0]
[566,"次级密封环","D155","个",0,0,0,{"v":5,"d":"5.00"},230.77,{"v":1153.85,"d":"1,153.85"},0,0,0,{"v":5,"d":"5.00"},230.77,{"v":1153.85,"d":"1,153.85"},{"v":5,"d":"5.00"},{"v":400,"d":"400.00"},0]
[567,"联轴器","D155","套",0,0,0,{"v":5,"d":"5.00"},410.26,{"v":2051.31,"d":"2,051.31"},0,0,0,{"v":5,"d":"5.00"},410.26,{"v":2051.31,"d":"2,051.31"},{"v":5,"d":"5.00"},{"v":600,"d":"600.00"},0]
[568,"离心泵叶轮","125DF-25","个",0,0,0,{"v":6,"d":"6.00"},469.55,{"v":2817.3,"d":"2,817.30"},0,0,0,{"v":6,"d":"6.00"},469.55,{"v":2817.3,"d":"2,817.30"},{"v":6,"d":"6.00"},{"v":960,"d":"960.00"},0]
[569,"离心泵口环","125DF-25","个",0,0,0,{"v":10,"d":"10.00"},205.13,{"v":2051.3,"d":"2,051.30"},0,0,0,{"v":10,"d":"10.00"},205.13,{"v":2051.3,"d":"2,051.30"},{"v":10,"d":"10.00"},{"v":800,"d":"800.00"},0]
[570,"联轴器","125DF-25","套",0,0,0,{"v":4,"d":"4.00"},222.28,{"v":889.1,"d":"889.10"},0,0,0,{"v":4,"d":"4.00"},222.28,{"v":889.1,"d":"889.10"},{"v":4,"d":"4.00"},{"v":320,"d":"320.00"},0]
[571,"卡板","Φ50*10","只",0,0,0,{"v":50,"d":"50.00"},{"v":51,"d":"51.00"},{"v":2550,"d":"2,550.00"},0,0,0,{"v":50,"d":"50.00"},{"v":51,"d":"51.00"},{"v":2550,"d":"2,550.00"},{"v":50,"d":"50.00"},{"v":800,"d":"800.00"},0]
[572,"耐震压力表","Y-60 0-40MPa","只",0,0,0,{"v":3,"d":"3.00"},{"v":135,"d":"135.00"},{"v":405,"d":"405.00"},0,0,0,{"v":3,"d":"3.00"},{"v":135,"d":"135.00"},{"v":405,"d":"405.00"},{"v":3,"d":"3.00"},{"v":120,"d":"120.00"},0]
[573,"耐震压力表","60MPa","块",0,0,0,{"v":3,"d":"3.00"},{"v":85,"d":"85.00"},{"v":255,"d":"255.00"},0,0,0,{"v":3,"d":"3.00"},{"v":85,"d":"85.00"},{"v":255,"d":"255.00"},{"v":3,"d":"3.00"},{"v":120,"d":"120.00"},0]
[574,"液态密封胶",0,"支",0,0,0,{"v":26,"d":"26.00"},13.73,{"v":357,"d":"357.00"},0,0,0,{"v":26,"d":"26.00"},13.73,{"v":357,"d":"357.00"},{"v":26,"d":"26.00"},{"v":72.8,"d":"72.80"},0]
[575,"梅花搬手","10×12","把",0,0,0,{"v":2,"d":"2.00"},{"v":4.5,"d":"4.50"},{"v":9,"d":"9.00"},0,0,0,{"v":2,"d":"2.00"},{"v":4.5,"d":"4.50"},{"v":9,"d":"9.00"},{"v":2,"d":"2.00"},{"v":4,"d":"4.00"},0]
[576,"梅花搬手","12×14","把",0,0,0,{"v":3,"d":"3.00"},{"v":20,"d":"20.00"},{"v":60,"d":"60.00"},0,0,0,{"v":3,"d":"3.00"},{"v":20,"d":"20.00"},{"v":60,"d":"60.00"},{"v":3,"d":"3.00"},{"v":24,"d":"24.00"},0]
[577,"梅花搬手","13×15","把",0,0,0,{"v":4,"d":"4.00"},{"v":15,"d":"15.00"},{"v":60,"d":"60.00"},0,0,0,{"v":4,"d":"4.00"},{"v":15,"d":"15.00"},{"v":60,"d":"60.00"},{"v":4,"d":"4.00"},{"v":16,"d":"16.00"},0]
[578,"梅花搬手","18×21","把",0,0,0,{"v":2,"d":"2.00"},{"v":20,"d":"20.00"},{"v":40,"d":"40.00"},0,0,0,{"v":2,"d":"2.00"},{"v":20,"d":"20.00"},{"v":40,"d":"40.00"},{"v":2,"d":"2.00"},{"v":16,"d":"16.00"},0]
[579,"梅花搬手","22*24","把",0,0,0,{"v":8,"d":"8.00"},{"v":11,"d":"11.00"},{"v":88,"d":"88.00"},0,0,0,{"v":8,"d":"8.00"},{"v":11,"d":"11.00"},{"v":88,"d":"88.00"},{"v":8,"d":"8.00"},{"v":32,"d":"32.00"},0]
[580,"梅花搬手","27*30","把",0,0,0,{"v":9,"d":"9.00"},{"v":21,"d":"21.00"},{"v":189,"d":"189.00"},0,0,0,{"v":9,"d":"9.00"},{"v":21,"d":"21.00"},{"v":189,"d":"189.00"},{"v":9,"d":"9.00"},{"v":72,"d":"72.00"},0]
[581,"梅花搬手","36×41","把",0,0,0,{"v":1,"d":"1.00"},{"v":42,"d":"42.00"},{"v":42,"d":"42.00"},0,0,0,{"v":1,"d":"1.00"},{"v":42,"d":"42.00"},{"v":42,"d":"42.00"},{"v":1,"d":"1.00"},{"v":12,"d":"12.00"},0]
[582,"叉口搬手","24×27","把",0,0,0,{"v":4,"d":"4.00"},{"v":12,"d":"12.00"},{"v":48,"d":"48.00"},0,0,0,{"v":4,"d":"4.00"},{"v":12,"d":"12.00"},{"v":48,"d":"48.00"},{"v":4,"d":"4.00"},{"v":16,"d":"16.00"},0]
[583,"叉口搬手","22×24","把",0,0,0,{"v":9,"d":"9.00"},{"v":10,"d":"10.00"},{"v":90,"d":"90.00"},0,0,0,{"v":9,"d":"9.00"},{"v":10,"d":"10.00"},{"v":90,"d":"90.00"},{"v":9,"d":"9.00"},{"v":36,"d":"36.00"},0]
[584,"叉口搬手","13×16","把",0,0,0,{"v":1,"d":"1.00"},{"v":15,"d":"15.00"},{"v":15,"d":"15.00"},0,0,0,{"v":1,"d":"1.00"},{"v":15,"d":"15.00"},{"v":15,"d":"15.00"},{"v":1,"d":"1.00"},{"v":4,"d":"4.00"},0]
[585,"叉口搬手","12×14","把",0,0,0,{"v":3,"d":"3.00"},{"v":8,"d":"8.00"},{"v":24,"d":"24.00"},0,0,0,{"v":3,"d":"3.00"},{"v":8,"d":"8.00"},{"v":24,"d":"24.00"},{"v":3,"d":"3.00"},{"v":9.6,"d":"9.60"},0]
[586,"叉口搬手","10×12","把",0,0,0,{"v":2,"d":"2.00"},{"v":7,"d":"7.00"},{"v":14,"d":"14.00"},0,0,0,{"v":2,"d":"2.00"},{"v":7,"d":"7.00"},{"v":14,"d":"14.00"},{"v":2,"d":"2.00"},{"v":5.6,"d":"5.60"},0]
[587,"叉口搬手","8×10","把",0,0,0,{"v":2,"d":"2.00"},{"v":4,"d":"4.00"},{"v":8,"d":"8.00"},0,0,0,{"v":2,"d":"2.00"},{"v":4,"d":"4.00"},{"v":8,"d":"8.00"},{"v":2,"d":"2.00"},{"v":3.2,"d":"3.20"},0]
[588,"叉口搬手","32×30","把",0,0,0,{"v":1,"d":"1.00"},{"v":28,"d":"28.00"},{"v":28,"d":"28.00"},0,0,0,{"v":1,"d":"1.00"},{"v":28,"d":"28.00"},{"v":28,"d":"28.00"},{"v":1,"d":"1.00"},{"v":8,"d":"8.00"},0]
[589,"叉口搬手","6*7","把",0,0,0,{"v":1,"d":"1.00"},{"v":6,"d":"6.00"},{"v":6,"d":"6.00"},0,0,0,{"v":1,"d":"1.00"},{"v":6,"d":"6.00"},{"v":6,"d":"6.00"},{"v":1,"d":"1.00"},{"v":2.4,"d":"2.40"},0]
[590,"叉口搬手","13*15","把",0,0,0,{"v":1,"d":"1.00"},{"v":9,"d":"9.00"},{"v":9,"d":"9.00"},0,0,0,{"v":1,"d":"1.00"},{"v":9,"d":"9.00"},{"v":9,"d":"9.00"},{"v":1,"d":"1.00"},{"v":3.6,"d":"3.60"},0]
[591,"高压试电笔","10KV","支",0,0,0,{"v":1,"d":"1.00"},{"v":80,"d":"80.00"},{"v":80,"d":"80.00"},0,0,0,{"v":1,"d":"1.00"},{"v":80,"d":"80.00"},{"v":80,"d":"80.00"},{"v":1,"d":"1.00"},{"v":40,"d":"40.00"},0]
[592,"绝缘操作杆","10KV","根",0,0,0,{"v":1,"d":"1.00"},{"v":180,"d":"180.00"},{"v":180,"d":"180.00"},0,0,0,{"v":1,"d":"1.00"},{"v":180,"d":"180.00"},{"v":180,"d":"180.00"},{"v":1,"d":"1.00"},{"v":40,"d":"40.00"},0]
[593,"液压钳",0,"套",0,0,0,{"v":1,"d":"1.00"},{"v":400,"d":"400.00"},{"v":400,"d":"400.00"},0,0,0,{"v":1,"d":"1.00"},{"v":400,"d":"400.00"},{"v":400,"d":"400.00"},{"v":1,"d":"1.00"},{"v":120,"d":"120.00"},0]
[594,"套筒",0,"套",0,0,0,{"v":1,"d":"1.00"},{"v":160,"d":"160.00"},{"v":160,"d":"160.00"},0,0,0,{"v":1,"d":"1.00"},{"v":160,"d":"160.00"},{"v":160,"d":"160.00"},{"v":1,"d":"1.00"},{"v":40,"d":"40.00"},0]
[595,"电工包",0,"个",0,0,0,{"v":2,"d":"2.00"},{"v":15,"d":"15.00"},{"v":30,"d":"30.00"},0,0,0,{"v":2,"d":"2.00"},{"v":15,"d":"15.00"},{"v":30,"d":"30.00"},{"v":2,"d":"2.00"},{"v":8,"d":"8.00"},0]
[596,"美工刀",0,"把",0,0,0,{"v":2,"d":"2.00"},{"v":7,"d":"7.00"},{"v":14,"d":"14.00"},0,0,0,{"v":2,"d":"2.00"},{"v":7,"d":"7.00"},{"v":14,"d":"14.00"},{"v":2,"d":"2.00"},{"v":5.6,"d":"5.60"},0]
[597,"直柄钻花","￠12","根",0,0,0,{"v":10,"d":"10.00"},{"v":13,"d":"13.00"},{"v":130,"d":"130.00"},0,0,0,{"v":10,"d":"10.00"},{"v":13,"d":"13.00"},{"v":130,"d":"130.00"},{"v":10,"d":"10.00"},{"v":40,"d":"40.00"},0]
[598,"防爆漏泄手持机",0,"台",0,0,0,{"v":2,"d":"2.00"},{"v":1500,"d":"1,500.00"},{"v":3000,"d":"3,000.00"},0,0,0,{"v":2,"d":"2.00"},{"v":1500,"d":"1,500.00"},{"v":3000,"d":"3,000.00"},{"v":2,"d":"2.00"},{"v":880,"d":"880.00"},0]
[599,"矿灯",0,"个",0,0,0,{"v":20,"d":"20.00"},{"v":108,"d":"108.00"},{"v":2160,"d":"2,160.00"},0,0,0,{"v":20,"d":"20.00"},{"v":108,"d":"108.00"},{"v":2160,"d":"2,160.00"},{"v":20,"d":"20.00"},{"v":800,"d":"800.00"},0]
[600,"法兰盘（加工件）","Φ891.6Pa","个",0,0,0,{"v":4,"d":"4.00"},{"v":50,"d":"50.00"},{"v":200,"d":"200.00"},0,0,0,{"v":4,"d":"4.00"},{"v":50,"d":"50.00"},{"v":200,"d":"200.00"},{"v":4,"d":"4.00"},{"v":64,"d":"64.00"},0]
[601,"绳卡","Φ18","只",0,0,0,{"v":6,"d":"6.00"},0,{"v":24,"d":"24.00"},0,0,0,{"v":6,"d":"6.00"},0,{"v":24,"d":"24.00"},{"v":6,"d":"6.00"},{"v":9.6,"d":"9.60"},0]
[602,"电缆","3*16","米",0,0,0,{"v":100,"d":"100.00"},0,0,0,0,0,{"v":100,"d":"100.00"},0,0,{"v":100,"d":"100.00"},{"v":32000,"d":"32,000.00"},0]
[603,"皮带滚筒","800#","台",0,0,0,{"v":2,"d":"2.00"},0,0,0,0,0,{"v":2,"d":"2.00"},0,0,{"v":2,"d":"2.00"},{"v":2400,"d":"2,400.00"},0]
[604,"电缆","50#","米",0,0,0,{"v":50,"d":"50.00"},0,0,0,0,0,{"v":50,"d":"50.00"},0,0,{"v":50,"d":"50.00"},{"v":16000,"d":"16,000.00"},0]
[605,"电缆","70#","米",0,0,0,{"v":50,"d":"50.00"},0,0,0,0,0,{"v":50,"d":"50.00"},0,0,{"v":50,"d":"50.00"},{"v":16000,"d":"16,000.00"},0]
[606,"电缆","35#","米",0,0,0,{"v":50,"d":"50.00"},0,0,0,0,0,{"v":50,"d":"50.00"},0,0,{"v":50,"d":"50.00"},{"v":16000,"d":"16,000.00"},0]
[607,"面包车",0,"台",0,0,0,{"v":1,"d":"1.00"},0,0,0,0,0,{"v":1,"d":"1.00"},0,0,{"v":1,"d":"1.00"},0,"报废"]
[608,"大棚钢架",0,"套",0,0,0,{"v":1,"d":"1.00"},0,0,0,0,0,{"v":1,"d":"1.00"},0,0,{"v":1,"d":"1.00"},{"v":8000,"d":"8,000.00"},0]
[609,"主扇风机",0,"台",0,0,0,{"v":2,"d":"2.00"},0,0,0,0,0,{"v":2,"d":"2.00"},0,0,{"v":2,"d":"2.00"},{"v":48000,"d":"48,000.00"},0]
[610,"锅炉",0,"台",0,0,0,{"v":1,"d":"1.00"},0,0,0,0,0,{"v":1,"d":"1.00"},0,0,{"v":1,"d":"1.00"},{"v":1400,"d":"1,400.00"},0]
[611,"局部通风机",0,"台",0,0,0,{"v":3,"d":"3.00"},0,0,0,0,0,{"v":3,"d":"3.00"},0,0,{"v":3,"d":"3.00"},{"v":4560,"d":"4,560.00"},0]
[612,"热合机",0,"台",0,0,0,{"v":1,"d":"1.00"},0,0,0,0,0,{"v":1,"d":"1.00"},0,0,{"v":1,"d":"1.00"},{"v":2000,"d":"2,000.00"},0]
[613,"开关",0,"台",0,0,0,{"v":50,"d":"50.00"},0,0,0,0,0,{"v":50,"d":"50.00"},0,0,{"v":50,"d":"50.00"},{"v":40,"d":"40.00"},0]
[614,"空压机",0,"台",0,0,0,{"v":2,"d":"2.00"},0,0,0,0,0,{"v":2,"d":"2.00"},0,0,{"v":2,"d":"2.00"},{"v":280000,"d":"280,000.00"},0]
[615,"干式变压器","KBG-100/10FY","台",0,0,0,{"v":3,"d":"3.00"},0,0,0,0,0,{"v":3,"d":"3.00"},0,0,{"v":3,"d":"3.00"},{"v":96000,"d":"96,000.00"},0]
[616,"干式变压器","KBG-200/10FY","台",0,0,0,{"v":1,"d":"1.00"},0,0,0,0,0,{"v":1,"d":"1.00"},0,0,{"v":1,"d":"1.00"},{"v":44000,"d":"44,000.00"},0]
[617,"液压钻机","750#","台",0,0,0,{"v":1,"d":"1.00"},0,0,0,0,0,{"v":1,"d":"1.00"},0,0,{"v":1,"d":"1.00"},{"v":38880,"d":"38,880.00"},0]
[618,"刮板机头","40#","台",0,0,0,{"v":1,"d":"1.00"},0,0,0,0,0,{"v":1,"d":"1.00"},0,0,{"v":1,"d":"1.00"},{"v":2000,"d":"2,000.00"},0]
[619,"皮带机头","800#","台",0,0,0,{"v":1,"d":"1.00"},0,0,0,0,0,{"v":1,"d":"1.00"},0,0,{"v":1,"d":"1.00"},{"v":1400,"d":"1,400.00"},0]
[620,"电机",0,"台",0,0,0,{"v":7,"d":"7.00"},0,0,0,0,0,{"v":7,"d":"7.00"},0,0,{"v":7,"d":"7.00"},{"v":12040,"d":"12,040.00"},0]
[621,"液压站",0,"台",0,0,0,{"v":2,"d":"2.00"},0,0,0,0,0,{"v":2,"d":"2.00"},0,0,{"v":2,"d":"2.00"},{"v":4000,"d":"4,000.00"},0]
[622,"套丝机",0,"台",0,0,0,{"v":1,"d":"1.00"},0,0,0,0,0,{"v":1,"d":"1.00"},0,0,{"v":1,"d":"1.00"},{"v":2000,"d":"2,000.00"},0]
[623,"充电架",0,"台",0,0,0,{"v":2,"d":"2.00"},0,0,0,0,0,{"v":2,"d":"2.00"},0,0,{"v":2,"d":"2.00"},{"v":4000,"d":"4,000.00"},0]
[624,"高低压开关柜",0,"套",0,0,0,{"v":1,"d":"1.00"},0,0,0,0,0,{"v":1,"d":"1.00"},0,0,{"v":1,"d":"1.00"},{"v":0.8,"d":"0.80"},0]
[625,"地磅",0,"台",0,0,0,{"v":1,"d":"1.00"},0,0,0,0,0,{"v":1,"d":"1.00"},0,0,{"v":1,"d":"1.00"},{"v":52000,"d":"52,000.00"},0]
[626,"电力变压器","100A","台",0,0,0,{"v":1,"d":"1.00"},0,0,0,0,0,{"v":1,"d":"1.00"},0,0,{"v":1,"d":"1.00"},{"v":10720,"d":"10,720.00"},0]
[627,"电力变压器","KS 11-100/10","台",0,0,0,0,0,0,0,0,0,0,0,0,{"v":2,"d":"2.00"},{"v":21440,"d":"21,440.00"},"盘盈"]
["合       计",{"$nulls":6},{"v":61747.6,"d":"61,747.60"},null,{"v":2236525.02,"d":"2,236,525.02"},0,null,{"v":-47858.65,"d":"-47,858.65"},null,null,{"$f":"SUM(P8:P634)","v":{"v":612037.93,"d":"612,037.93"}},{"$f":"SUM(Q8:Q634)","v":{"v":17233,"d":"17,233.00"}},{"$f":"SUM(R8:R634)","v":{"v":908750.196,"d":"908,750.20"}}]
["被评估单位填表人：黄照雄"]
["填表日期：2021年11月6日"]

{"sheet":"房屋建筑物","index":2,"n_rows":40,"n_cols":17,"rows_kept":40,"merged":[[1,0,1,16],[2,0,2,16],[5,0,6,0],[5,4,6,4],[5,5,6,5],[5,6,6,6],[5,9,6,9],[5,10,6,10],[5,11,5,12],[5,13,5,14],[5,15,6,15],[5,16,6,16],[27,0,27,6],[28,15,28,16]]}
["返回","返回索引",null,"被评估单位填表人：:黄照雄         填表日期：2021年11月6日             评估人员：何廷培、吴贤青      "]
["固定资产-房屋建筑物评估明细表"]
["评估基准日：2021年9月30日"]
[{"$nulls":16},"表4-6-1-1"]
["被评估单位：贵州鑫悦煤炭有限公司",{"$nulls":15},"金额单位：人民币元"]
["序号","资产","权证","房屋","来源","结构","建成年月","建筑面","他项","地址","土地证号","审计前账面价值",null,"审计调整",null,"清算价值","备注"]
[null,"编号","编号","名称",{"$nulls":3},"积(m2)","权利",null,null,"原值","净值","原值","净值"]
[1,"104-0001","无","办公楼","自建","砖混","2006-04-01",{"v":708,"d":"708.00"},"无","姜家堰煤矿","无",{"v":764640,"d":"764,640.00"},{"v":369791.75,"d":"369,791.75"},0,0,{"v":187722,"d":"187,722.00"},0]
[2,"104-0002","无","调度指挥中心","自建","砖混","2007-03-01",{"v":189.6,"d":"189.60"},"无","姜家堰煤矿","无",{"v":204770,"d":"204,770.00"},{"v":103385.22,"d":"103,385.22"},0,0,{"v":50274,"d":"50,274.00"},0]
[3,"104-0003","无","洗澡房","自建","砖混","2007-03-01",926.25,"无","姜家堰煤矿","无",{"v":889200,"d":"889,200.00"},{"v":449136.82,"d":"449,136.82"},0,0,{"v":212400,"d":"212,400.00"},0]
[4,"104-0004","无","锅炉房","自建","砖混","2008-05-01",79.12,"无","姜家堰煤矿","无",{"v":66460,"d":"66,460.00"},{"v":35359.84,"d":"35,359.84"},0,0,{"v":16444.4,"d":"16,444.40"},0]
[5,"104-0005","无","风机房","自建","砖混","2005-10-01",{"v":123,"d":"123.00"},"无","姜家堰煤矿","无",{"v":103320,"d":"103,320.00"},{"v":48753.32,"d":"48,753.32"},0,0,{"v":23490,"d":"23,490.00"},0]
[6,"104-0006","无","职工宿舍","自建","砖混","2006-01-01",{"v":393.9,"d":"393.90"},"无","姜家堰煤矿","无",{"v":425410,"d":"425,410.00"},{"v":203211.73,"d":"203,211.73"},0,0,{"v":94086,"d":"94,086.00"},0]
[7,"104-0007","无","磅房","自建","砖混","2005-10-01",{"v":268,"d":"268.00"},"无","姜家堰煤矿","无",{"v":257280,"d":"257,280.00"},{"v":121402.2,"d":"121,402.20"},0,0,{"v":56340,"d":"56,340.00"},0]
[8,"104-0008","无","车库","自建","砖混","2008-11-01",88.74,"无","姜家堰煤矿","无",{"v":74540,"d":"74,540.00"},{"v":40526.01,"d":"40,526.01"},{"v":-74540,"d":"-74,540.00"},{"v":-40526.01,"d":"-40,526.01"},0,"盘亏（无实物，拆除）"]
[9,"104-0009","无","门岗","自建","砖混","2008-11-01",{"v":23.8,"d":"23.80"},"无","姜家堰煤矿","无",{"v":19990,"d":"19,990.00"},{"v":10868.34,"d":"10,868.34"},0,0,{"v":5703.6,"d":"5,703.60"},0]
[10,"104-0010","无","库房","自建","砖混","2006-06-01",{"v":1144.32,"d":"1,144.32"},"无","姜家堰煤矿","无",{"v":1235870,"d":"1,235,870.00"},{"v":602364.26,"d":"602,364.26"},0,0,{"v":240588,"d":"240,588.00"},0]
[11,"104-0011","无","油库","自建","砖混","2006-05-01",28.16,"无","姜家堰煤矿","无",{"v":23650,"d":"23,650.00"},{"v":11481.09,"d":"11,481.09"},0,0,{"v":5382,"d":"5,382.00"},0]
[12,"104-0012","无","配电房","自建","砖混","2009-06-01",{"v":243,"d":"243.00"},"无","姜家堰煤矿","无",{"v":262440,"d":"262,440.00"},{"v":146248.02,"d":"146,248.02"},0,0,{"v":56760,"d":"56,760.00"},0]
[13,"104-0013","无","水泥库房","自建","砖混","2009-07-01",31.82,"无","姜家堰煤矿","无",{"v":26730,"d":"26,730.00"},{"v":14946.7,"d":"14,946.70"},0,0,{"v":6760,"d":"6,760.00"},0]
[14,"104-0014","无","木工房","自建","砖混","2007-03-01",{"v":19.2,"d":"19.20"},"无","姜家堰煤矿","无",{"v":16130,"d":"16,130.00"},{"v":8143.78,"d":"8,143.78"},0,0,{"v":3672,"d":"3,672.00"},0]
[15,"104-0015","无","充电房","自建","砖混","2012-11-01",{"v":40,"d":"40.00"},"无","姜家堰煤矿","无",{"v":33600,"d":"33,600.00"},{"v":21388.44,"d":"21,388.44"},0,0,{"v":9158.4,"d":"9,158.40"},0]
[16,"104-0016","无","检身房","自建","砖混","2012-11-01",{"v":24,"d":"24.00"},"无","姜家堰煤矿","无",{"v":20160,"d":"20,160.00"},{"v":12832.94,"d":"12,832.94"},0,0,{"v":5508,"d":"5,508.00"},0]
[17,"104-0017","无","速凝剂房","自建","砖混","2012-11-01",{"v":26,"d":"26.00"},"无","姜家堰煤矿","无",{"v":21840,"d":"21,840.00"},{"v":13902.52,"d":"13,902.52"},0,0,{"v":5961.6,"d":"5,961.60"},0]
[18,"104-0018","无","机修房","自建","砖混","2005-04-01",{"v":272,"d":"272.00"},"无","姜家堰煤矿","无",{"v":261120,"d":"261,120.00"},{"v":120167.56,"d":"120,167.56"},0,0,{"v":51948,"d":"51,948.00"},0]
[19,"104-0019","无","消防器材库","自建","砖混","2005-07-01",{"v":127.2,"d":"127.20"},"无","姜家堰煤矿","无",{"v":122110,"d":"122,110.00"},{"v":56905.21,"d":"56,905.21"},0,0,{"v":26748,"d":"26,748.00"},0]
[{"$nulls":15},{"$f":"SUM(P8:P26)","v":{"v":1058946,"d":"1,058,946.00"}}]
["账面余额合计",{"$nulls":6},{"v":20904.78,"d":"20,904.78"},{"$nulls":3},{"v":37647462.77,"d":"37,647,462.77"},{"v":16727787.04,"d":"16,727,787.04"},{"v":-17207405.62,"d":"-17,207,405.62"},{"v":-8870309.5,"d":"-8,870,309.50"}]
["被评估单位填表人：黄照雄"]
["填表日期：2021年11月6日"]
[]
[]
[{"$nulls":15},{"v":1563543.6,"d":"1,563,543.60"}]
[{"$nulls":15},{"v":1058946,"d":"1,058,946.00"}]
[{"$nulls":15},0]
[{"$nulls":15},0]
[{"$nulls":15},0]
[{"$nulls":15},0]
[{"$nulls":15},{"v":2622489.6,"d":"2,622,489.60"}]
[{"$nulls":15},0,0]

{"sheet":"构筑物及其他辅助设施","index":3,"n_rows":30,"n_cols":16,"rows_kept":30,"merged":[[1,0,1,15],[2,0,2,15],[5,0,6,0],[5,1,6,1],[5,2,6,2],[5,3,6,3],[5,4,6,4],[5,10,5,11],[5,12,5,13],[5,14,6,14],[5,15,6,15],[27,0,27,6],[28,14,28,15]]}
["返回","返回索引",null,"被评估单位填表人：:黄照雄         填表日期：2021年11月6日             评估人员：何廷培、吴贤青      "]
["固定资产-构筑物及其他辅助设施评估明细表"]
["评估基准日：2021年9月30日"]
[{"$nulls":15},"表4-6-1-2"]
["被评估单位：贵州鑫悦煤炭有限公司",{"$nulls":14},"金额单位：人民币元"]
["序号","资产编号","名称","结构","建成年月","长度","宽度","高度","面积体积","他项","审计前账面价值",null,"审计调整",null,"清算价值","备注"]
[{"$nulls":5},"(m)","(m)","(m)","m2或m3","权利","原值","净值","原值","净值"]
[1,"104-0062","污水池1","砖混","2004-10-01",{"v":6.7,"d":"6.70"},{"v":5.2,"d":"5.20"},{"v":4,"d":"4.00"},"139.36","无",{"v":33450,"d":"33,450.00"},{"v":7823.78,"d":"7,823.78"},0,0,{"v":7959.6,"d":"7,959.60"},0]
[2,"104-0063","污水池2","砖混","2004-10-01",{"v":6.5,"d":"6.50"},{"v":4.4,"d":"4.40"},{"v":4,"d":"4.00"},"26.648","无",{"v":6400,"d":"6,400.00"},{"v":1496.87,"d":"1,496.87"},0,0,{"v":1518,"d":"1,518.00"},0]
[3,"104-0064","围墙（充电房旁边）","砖混","2008-10-01",{"v":50,"d":"50.00"},0.24,{"v":2.2,"d":"2.20"},"26.4","无",{"v":9500,"d":"9,500.00"},{"v":2630.01,"d":"2,630.01"},0,0,{"v":1344,"d":"1,344.00"},0]
[4,"104-0065","围墙（堆煤场边）","砖混","2009-07-01",{"v":60,"d":"60.00"},0.24,{"v":2.2,"d":"2.20"},"31.68","无",{"v":19010,"d":"19,010.00"},{"v":5415.37,"d":"5,415.37"},0,0,{"v":1670.4,"d":"1,670.40"},0]
[5,"104-0066","工业广场及附属工程","水泥地面","2013-10-01",{"v":156,"d":"156.00"},{"v":36,"d":"36.00"},0,"3700","无",{"v":481000,"d":"481,000.00"},{"v":158767.62,"d":"158,767.62"},0,0,{"v":123284,"d":"123,284.00"},0]
[6,"104-0067","污水处理站：挡土墙","毛石混凝土","2008-10-01",{"v":12,"d":"12.00"},{"v":0.8,"d":"0.80"},{"v":3,"d":"3.00"},"28.8","无",{"v":10370,"d":"10,370.00"},{"v":2870.87,"d":"2,870.87"},0,0,{"v":2034,"d":"2,034.00"},0]
[7,"104-0068","污水处理站：泵房","砖混","2008-10-01",{"v":6,"d":"6.00"},{"v":4,"d":"4.00"},0,"24","无",{"v":14400,"d":"14,400.00"},{"v":3986.62,"d":"3,986.62"},0,0,{"v":4312,"d":"4,312.00"},0]
[8,"104-0069","污水处理站：水池","砖混","2008-10-01",{"v":8.5,"d":"8.50"},{"v":6,"d":"6.00"},{"v":3,"d":"3.00"},"268","无",{"v":64320,"d":"64,320.00"},{"v":17806.58,"d":"17,806.58"},0,0,{"v":20880,"d":"20,880.00"},0]
[9,"104-0070","炸药库房及围墙","砖混","2013-12-01","6.3*2","3.1*2",0,"79.36","无",{"v":47620,"d":"47,620.00"},{"v":15802.62,"d":"15,802.62"},0,0,{"v":18954.4,"d":"18,954.40"},0]
[10,"104-0071","矸石山绞车房","砖混","2013-06-01",{"v":6,"d":"6.00"},{"v":4,"d":"4.00"},0,"24","无",{"v":74581.05,"d":"74,581.05"},{"v":24355.92,"d":"24,355.92"},0,0,{"v":6890.4,"d":"6,890.40"},0]
[11,"104-0072","灯草坝开关站","砖混","2012-05-01",{"v":16.6,"d":"16.60"},{"v":10.4,"d":"10.40"},0,"172.64","无",{"v":5000,"d":"5,000.00"},{"v":1571.87,"d":"1,571.87"},0,0,{"v":34236,"d":"34,236.00"},0]
[12,"104-0073","架空双回路高压线","：LGJ_95","2010-03-01","2800*2",0,0,0,"无",{"v":150000,"d":"150,000.00"},{"v":43703.87,"d":"43,703.87"},0,0,{"v":28459.2,"d":"28,459.20"},0]
[13,"201605030001","顶梁","lM","2016-04-30",0,0,0,0,"无",{"v":180273.5,"d":"180,273.50"},{"v":95382.65,"d":"95,382.65"},0,0,{"v":38223.6,"d":"38,223.60"},"顶梁在煤矿井下，无法清理及计算"]
[14,"201604110001","公路和广场","陆强施工","2015-12-31",0,0,0,0,"无",{"v":725400,"d":"725,400.00"},{"v":368595.43,"d":"368,595.43"},0,0,{"v":177364,"d":"177,364.00"},0]
[15,"201605030002","单体液压支柱","DW20","2016-04-30",0,0,0,0,"无",{"v":494769.25,"d":"494,769.25"},{"v":261782.13,"d":"261,782.13"},0,0,{"v":104897.6,"d":"104,897.60"},"单体液压支架在煤矿井下，无法清理及计算"]
[16,"202109030001","泄洪渠挡墙",0,"2021-08-31",{"v":19,"d":"19.00"},{"v":1.5,"d":"1.50"},{"v":5.5,"d":"5.50"},0,"无",{"v":91840.22,"d":"91,840.22"},{"v":91113.15,"d":"91,113.15"},0,0,{"v":30652,"d":"30,652.00"},0]
[17,"104-0069","污水处理站：水池2","砖混","2008-10-01",{"v":8.5,"d":"8.50"},{"v":6,"d":"6.00"},{"v":3,"d":"3.00"},{"v":153,"d":"153.00"},"无",0,0,0,0,{"v":11916,"d":"11,916.00"},0]
[18,"104-0070","炸药库房围墙","砖混","2013-12-01",{"v":120,"d":"120.00"},0.24,{"v":2,"d":"2.00"},{"v":57.6,"d":"57.60"},"无",0,0,0,0,{"v":5135.2,"d":"5,135.20"},0]
[19,"104-0072","灯草坝开关站围墙","砖混","2012-05-01",{"v":78,"d":"78.00"},0.24,{"v":2,"d":"2.00"},37.44,"无",0,0,0,0,{"v":2788,"d":"2,788.00"},0]
[{"$nulls":14},{"$f":"SUM(O8:O26)","v":{"v":622518.4,"d":"622,518.40"}}]
["账面余额合计",{"$nulls":9},{"v":37776100.41,"d":"37,776,100.41"},{"v":8749201.66,"d":"8,749,201.66"},{"v":-9183940.69,"d":"-9,183,940.69"},{"v":-2568043.3,"d":"-2,568,043.30"}]
["被评估单位填表人：黄照雄"]
["填表日期：2021年11月6日"]

{"sheet":"井巷工程","index":4,"n_rows":68,"n_cols":25,"rows_kept":68,"merged":[[0,0,0,24],[2,0,2,24],[4,0,5,0],[4,1,5,1],[4,2,5,2],[4,3,5,3],[4,4,5,4],[4,5,5,5],[4,6,5,6],[4,7,5,7],[4,8,5,8],[4,9,5,9],[4,10,5,10],[4,11,5,11],[4,12,5,12],[4,13,5,13],[4,14,5,14],[4,15,5,15],[4,16,5,16],[4,17,5,17],[4,18,5,18],[4,19,4,20],[4,21,4,22],[4,23,5,23],[4,24,5,24],[55,0,55,1],[56,23,56,24]]}
["固定资产—井巷工程清查评估明细表"]
[{"$nulls":24},"表4-6-4"]
["评估基准日：2021年9月30日"]
["被评估单位：贵州鑫悦煤炭有限公司",{"$nulls":23},"单位：人民币元"]
["序号","资产编号","井巷工程名称","平均涌水量m3/h","岩石硬度系数","支护方式","锚杆长度（M)","锚杆数量（根/M)","轨重(KG/m)","轨距（MM)","轨枕","支护厚度(mm)","掘进断面(m2)","巷道倾角(度)","巷道长度(M)","硐室体积(M3)","废弃巷道长度m","竣工年月","尚可服务年限","审计前账面价值",null,"审计调整",null,"清算价值","备注"]
[{"$nulls":19},"原值","净值","原值","净值"]
[1,"104-0020","开拓巷道:主井-斜巷",0,0,"砌碹",0,0,0,0,0,0,9.95,"26°",{"v":35,"d":"35.00"},0,0,"2007-12-01",0,{"v":355536,"d":"355,536.00"},{"v":355536,"d":"355,536.00"},0,0,0,"已废弃，不再利用"]
[2,"104-0021","开拓巷道:主井-斜巷",0,0,"锚网喷",0,0,0,0,0,0,8.15,"26°",{"v":439,"d":"439.00"},0,0,"2007-06-01",0,{"v":2058168.17,"d":"2,058,168.17"},{"v":2032339.96,"d":"2,032,339.96"},0,0,0,"已废弃，不再利用"]
[3,"104-0022","开拓巷道:副井-平硐",0,0,"砌碹",0,0,0,0,0,0,12.39,"3‰",{"v":40,"d":"40.00"},0,0,"2007-02-01",0,{"v":271127.46,"d":"271,127.46"},{"v":268226.22,"d":"268,226.22"},0,0,0,"已废弃，不再利用"]
[4,"104-0023","开拓巷道:副井-绞车硐室",0,0,"砌碹",0,0,0,0,0,0,43.46,"3‰",{"v":25,"d":"25.00"},0,0,"2007-02-01",0,{"v":605613.28,"d":"605,613.28"},{"v":599132.82,"d":"599,132.82"},0,0,0,"已废弃，不再利用"]
[5,"104-0024","开拓巷道:副井-平巷",0,0,"砌碹",0,0,0,0,0,0,12.39,"3‰",{"v":143,"d":"143.00"},0,0,"2007-05-01",0,{"v":984016.4,"d":"984,016.40"},{"v":973486.78,"d":"973,486.78"},0,0,0,"已废弃，不再利用"]
[6,"104-0025","开拓巷道:副井-行人斜巷",0,0,"砌碹",0,0,0,0,0,0,9.95,"30",{"v":18,"d":"18.00"},0,0,"2007-05-01",0,{"v":107420.79,"d":"107,420.79"},{"v":106271.32,"d":"106,271.32"},0,0,0,"已废弃，不再利用"]
[7,"104-0026","开拓巷道:副井-斜巷",0,0,"锚网喷",0,0,0,0,0,0,8.15,"25",{"v":613,"d":"613.00"},0,0,"2007-04-01",0,{"v":3532756.81,"d":"3,532,756.81"},{"v":3514954.01,"d":"3,514,954.01"},0,0,0,"已废弃，不再利用"]
[8,"104-0027","开拓巷道:风井-引风硐",0,0,"砌碹",0,0,0,0,0,0,12.39,"3‰",{"v":52,"d":"52.00"},0,0,"2007-04-01",0,{"v":369859.93,"d":"369,859.93"},{"v":365902.19,"d":"365,902.19"},0,0,0,"已废弃，不再利用"]
[9,"104-0028","开拓巷道:风井-安全出口",0,0,"砌碹",0,0,0,0,0,0,9.95,"3‰",{"v":20,"d":"20.00"},0,0,"2007-04-01",0,{"v":122007.31,"d":"122,007.31"},{"v":120701.75,"d":"120,701.75"},0,0,0,"已废弃，不再利用"]
[10,"104-0029","开拓巷道:风井-斜巷",0,0,"锚网喷",0,0,0,0,0,0,8.15,"25",{"v":225,"d":"225.00"},0,0,"2007-09-01",0,{"v":1243484.71,"d":"1,243,484.71"},{"v":1240178.61,"d":"1,240,178.61"},0,0,0,"已废弃，不再利用"]
[11,"104-0030","开拓巷道:1430车场-平巷",0,0,"锚网喷",0,0,0,0,0,0,{"v":8.5,"d":"8.50"},"3‰",{"v":65,"d":"65.00"},0,0,"2007-03-01",0,{"v":366730.51,"d":"366,730.51"},{"v":362806.25,"d":"362,806.25"},0,0,0,"已废弃，不再利用"]
[12,"104-0031","开拓巷道:1430联络巷-平巷",0,0,"锚网喷",0,0,0,0,0,0,8.15,"3‰",{"v":103,"d":"103.00"},0,0,"2007-06-01",0,{"v":508848.75,"d":"508,848.75"},{"v":503403.73,"d":"503,403.73"},0,0,0,"已废弃，不再利用"]
[13,"104-0032","开拓巷道:1430底板回风巷-平巷",0,0,"锚网喷",0,0,0,0,0,0,8.15,"5‰",{"v":360,"d":"360.00"},0,0,"2008-03-01",0,{"v":1831781.38,"d":"1,831,781.38"},{"v":1822180.12,"d":"1,822,180.12"},0,0,0,"已废弃，不再利用"]
[14,"104-0033","开拓巷道:1380回风上山-斜巷",0,0,"锚网喷",0,0,0,0,0,0,8.15,"28",{"v":111,"d":"111.00"},0,0,"2009-12-01",0,{"v":685844.66,"d":"685,844.66"},{"v":678505.67,"d":"678,505.67"},0,0,0,"已废弃，不再利用"]
[15,"104-0034","开拓巷道:1380井底车场与联络巷-平巷",0,0,"锚网喷",0,0,0,0,0,0,{"v":8.5,"d":"8.50"},"5‰",{"v":241,"d":"241.00"},0,0,"2009-03-01",0,{"v":1343430.77,"d":"1,343,430.77"},{"v":1339055.18,"d":"1,339,055.18"},0,0,0,"已废弃，不再利用"]
[16,"104-0035","开拓巷道:1380水仓工程-平巷",0,0,0,0,0,0,0,0,0,{"v":8.5,"d":"8.50"},"5‰",{"v":180,"d":"180.00"},0,0,"2015-04-30",0,{"v":1717004.55,"d":"1,717,004.55"},{"v":1711156.7,"d":"1,711,156.70"},0,0,0,"已废弃，不再利用"]
[17,"104-0036","开拓巷道:1380南翼回风巷-平巷",0,0,0,0,0,0,0,0,0,{"v":8.2,"d":"8.20"},"5‰",{"v":293,"d":"293.00"},0,0,"2015-04-30",0,{"v":2215306.22,"d":"2,215,306.22"},{"v":2211601,"d":"2,211,601.00"},0,0,0,"已废弃，不再利用"]
[18,"104-0037","开拓巷道:中间回风上山-斜巷",0,0,0,0,0,0,0,0,0,{"v":8.2,"d":"8.20"},"30",{"v":103,"d":"103.00"},0,0,"2015-04-30",0,{"v":550179.58,"d":"550,179.58"},{"v":544292.3,"d":"544,292.30"},0,0,0,"已废弃，不再利用"]
[19,"104-0038","开拓巷道:1380北翼底板回风巷-平巷",0,0,0,0,0,0,0,0,0,8.15,"5‰",{"v":349,"d":"349.00"},0,0,"2015-04-30",0,{"v":2988997.04,"d":"2,988,997.04"},{"v":2980012.82,"d":"2,980,012.82"},0,0,0,"已废弃，不再利用"]
[20,"104-0039","开拓巷道:1330北回风上山-斜巷",0,0,0,0,0,0,0,0,0,8.15,"25",{"v":131,"d":"131.00"},0,0,"2015-04-30",0,{"v":1236575.79,"d":"1,236,575.79"},{"v":1223343.62,"d":"1,223,343.62"},0,0,0,"已废弃，不再利用"]
[21,"104-0040","开拓巷道:1330南回风上山及联络巷-斜巷",0,0,0,0,0,0,0,0,0,8.15,"25",{"v":173,"d":"173.00"},0,0,"2015-04-30",0,{"v":1633012.88,"d":"1,633,012.88"},{"v":1615538.58,"d":"1,615,538.58"},0,0,0,"已废弃，不再利用"]
[22,"104-0041","开拓巷道:1330井底车场与联络巷-平巷",0,0,0,0,0,0,0,0,0,8.15,"5‰",{"v":152,"d":"152.00"},0,0,"2015-04-30",0,{"v":1434811.19,"d":"1,434,811.19"},{"v":1429457.77,"d":"1,429,457.77"},0,0,0,"已废弃，不再利用"]
[23,"104-0042","开拓巷道:1330绞车房-平巷",0,0,0,0,0,0,0,0,0,12.39,"5‰",{"v":16,"d":"16.00"},0,0,"2015-04-30",0,{"v":206531.46,"d":"206,531.46"},{"v":204321.44,"d":"204,321.44"},0,0,0,"已废弃，不再利用"]
[24,"104-0043","开拓巷道:1330机电硐室-平巷",0,0,0,0,0,0,0,0,0,{"v":7.6,"d":"7.60"},"5‰",{"v":29,"d":"29.00"},0,0,"2015-04-30",0,{"v":272330.07,"d":"272,330.07"},{"v":269415.96,"d":"269,415.96"},0,0,0,"已废弃，不再利用"]
[25,"104-0044","开拓巷道:1330水仓工程-平巷",0,0,0,0,0,0,0,0,0,{"v":8.5,"d":"8.50"},"5‰",{"v":63,"d":"63.00"},0,0,"2015-04-30",0,{"v":600962.22,"d":"600,962.22"},{"v":594531.53,"d":"594,531.53"},0,0,0,"已废弃，不再利用"]
[26,"104-0045","开拓巷道:1330(北)底板回风巷-平巷",0,0,0,0,0,0,0,0,0,8.15,"5‰",{"v":500,"d":"500.00"},0,0,"2015-04-30",0,{"v":4282240.7,"d":"4,282,240.70"},{"v":4266417.93,"d":"4,266,417.93"},0,0,0,"已废弃，不再利用"]
[27,"104-0046","准备巷道:二采区北回风上山-斜巷",0,0,0,0,0,0,0,0,0,8.15,"25",{"v":177,"d":"177.00"},0,0,"2015-04-30",0,{"v":1670797.74,"d":"1,670,797.74"},{"v":1656919.11,"d":"1,656,919.11"},0,0,0,"已废弃，不再利用"]
[28,"104-0047","准备巷道:二采区南回风上山-斜巷",0,0,0,0,0,0,0,0,0,8.15,"34",{"v":95,"d":"95.00"},0,0,"2015-04-30",0,{"v":894324.37,"d":"894,324.37"},{"v":884754.52,"d":"884,754.52"},0,0,0,"已废弃，不再利用"]
[29,"104-0048","准备巷道:0-",0,0,0,0,0,0,0,0,0,8.15,"40",{"v":80,"d":"80.00"},0,0,"2015-04-30",0,{"v":753114.7,"d":"753,114.70"},{"v":745055.88,"d":"745,055.88"},0,0,0,"已废弃，不再利用"]
[30,"104-0049","准备巷道:二采区轨道下山-斜巷",0,0,0,0,0,0,0,0,0,8.15,"25",{"v":156,"d":"156.00"},0,0,"2015-04-30",0,{"v":1472562.34,"d":"1,472,562.34"},{"v":1456804.96,"d":"1,456,804.96"},0,0,0,"已废弃，不再利用"]
[31,"104-0050","开拓巷道:1280井底车场与联络巷-平巷",0,0,0,0,0,0,0,0,0,{"v":8.5,"d":"8.50"},"5‰",{"v":160,"d":"160.00"},0,0,"2015-04-30",0,{"v":1588744.03,"d":"1,588,744.03"},{"v":1581743.43,"d":"1,581,743.43"},0,0,0,"已废弃，不再利用"]
[32,"104-0051","准备巷道:三采区轨道下山-斜巷",0,0,0,0,0,0,0,0,0,8.15,"25",{"v":88,"d":"88.00"},0,0,"2015-04-30",0,{"v":828413.78,"d":"828,413.78"},{"v":819549.21,"d":"819,549.21"},0,0,0,"已废弃，不再利用"]
[33,"104-0052","准备巷道:三采区轨道下山上部车场及绕道-平巷",0,0,0,0,0,0,0,0,0,10.47,"5‰",{"v":90,"d":"90.00"},0,0,"2015-04-30",0,{"v":878067.28,"d":"878,067.28"},{"v":868671.39,"d":"868,671.39"},0,0,0,"已废弃，不再利用"]
[34,"104-0053","准备巷道:三采区皮带下山-斜巷",0,0,0,0,0,0,0,0,0,8.15,"25",{"v":228,"d":"228.00"},0,0,"2015-04-30",0,{"v":2146364.25,"d":"2,146,364.25"},{"v":2123396.75,"d":"2,123,396.75"},0,0,0,"已废弃，不再利用"]
[35,"104-0054","准备巷道:三采区皮带下山上车场-平巷",0,0,0,0,0,0,0,0,0,8.15,"5‰",{"v":65,"d":"65.00"},0,0,"2015-04-30",0,{"v":529642.13,"d":"529,642.13"},{"v":523974.61,"d":"523,974.61"},0,0,0,"已废弃，不再利用"]
[36,"104-0055","准备巷道:回风联络巷-平巷",0,0,0,0,0,0,0,0,0,8.15,"5‰",{"v":21,"d":"21.00"},0,0,"2015-04-30",0,{"v":171121.76,"d":"171,121.76"},{"v":168117.64,"d":"168,117.64"},0,0,0,"已废弃，不再利用"]
[37,"104-0056","开拓巷道:永久避难硐室-平巷",0,0,0,0,0,0,0,0,0,8.15,"5‰",{"v":40,"d":"40.00"},0,0,"2015-04-30",0,{"v":360933.2,"d":"360,933.20"},{"v":357070.98,"d":"357,070.98"},0,0,0,"已废弃，不再利用"]
[38,"104-0057","开拓巷道:1280——1380皮带上山-斜巷",0,0,0,0,0,0,0,0,0,8.15,"25",{"v":210,"d":"210.00"},0,0,"2015-04-30",0,{"v":1982567.1,"d":"1,982,567.10"},{"v":1961352.34,"d":"1,961,352.34"},0,0,0,"已废弃，不再利用"]
[39,"104-0058","开拓巷道:1280水仓工程-平巷",0,0,0,0,0,0,0,0,0,{"v":8.5,"d":"8.50"},"5‰",{"v":107,"d":"107.00"},0,0,"2015-04-30",0,{"v":1062476.24,"d":"1,062,476.24"},{"v":1051107.05,"d":"1,051,107.05"},0,0,0,"已废弃，不再利用"]
[40,"104-0059","开拓巷道:1330采区变电所-平巷",0,0,0,0,0,0,0,0,0,{"v":8.5,"d":"8.50"},"5‰",{"v":40,"d":"40.00"},0,0,"2015-04-30",0,{"v":396113.94,"d":"396,113.94"},{"v":391875.26,"d":"391,875.26"},0,0,0,"已废弃，不再利用"]
[41,"104-0060","准备巷道:三采区绞车房-平巷",0,0,0,0,0,0,0,0,0,10.47,"5‰",{"v":8,"d":"8.00"},0,0,"2015-04-30",0,{"v":78044.94,"d":"78,044.94"},{"v":77209.81,"d":"77,209.81"},0,0,0,"已废弃，不再利用"]
[42,"104-0061","开拓巷道:1280机车充电室-平巷",0,0,0,0,0,0,0,0,0,{"v":8.5,"d":"8.50"},"5‰",{"v":45,"d":"45.00"},0,0,"2015-04-30",0,{"v":446845.96,"d":"446,845.96"},{"v":442064.38,"d":"442,064.38"},0,0,0,"已废弃，不再利用"]
[43,0,"主平硐井口",0,"6～8","砌碹","/","/","18",{"v":600,"d":"600.00"},"木轨枕",{"v":400,"d":"400.00"},{"v":8.8332,"d":"8.83"},"3‰",{"v":32,"d":"32.00"},{"v":282.6624,"d":"282.66"},0,"2007-9-01",0,0,0,0,0,{"v":64224,"d":"64,224.00"},"盘盈（山王煤矿）"]
[44,0,"主平硐",0,"6～8","锚喷",{"v":2,"d":"2.00"},"10","18",{"v":600,"d":"600.00"},"木轨枕",{"v":100,"d":"100.00"},{"v":6.696864,"d":"6.70"},"3‰",{"v":830,"d":"830.00"},{"v":5558.39712,"d":"5,558.40"},0,"2007-9-01",0,0,0,0,0,{"v":1446182.4,"d":"1,446,182.40"},"盘盈（山王煤矿）"]
[45,0,"回风斜井",0,"6～8","锚喷",{"v":2,"d":"2.00"},"11.25","/","/","/",{"v":100,"d":"100.00"},{"v":9.197764,"d":"9.20"},"30",{"v":470,"d":"470.00"},{"v":4322.94908,"d":"4,322.95"},0,"2007-9-01",0,0,0,0,0,{"v":1058131.2,"d":"1,058,131.20"},"盘盈（山王煤矿）"]
[46,0,"副斜井",0,"6～8","锚喷",{"v":2,"d":"2.00"},"10","18",{"v":600,"d":"600.00"},"木轨枕",{"v":100,"d":"100.00"},{"v":6.696864,"d":"6.70"},"25",{"v":68,"d":"68.00"},{"v":455.386752,"d":"455.39"},0,"2007-9-01",0,0,0,0,0,{"v":132403.2,"d":"132,403.20"},"盘盈（山王煤矿）"]
[47,0,"+1176m水平运输大巷",0,"6～8","锚喷",{"v":2,"d":"2.00"},"10","18",{"v":600,"d":"600.00"},"木轨枕",{"v":100,"d":"100.00"},{"v":6.696864,"d":"6.70"},"3‰",{"v":447,"d":"447.00"},{"v":2993.498208,"d":"2,993.50"},0,"2007-9-01",0,0,0,0,0,{"v":778848,"d":"778,848.00"},"盘盈（山王煤矿）"]
[{"$nulls":21},0,0,0]
[{"$nulls":21},0,0,0]
["合        计",{"$nulls":18},{"v":410648032.19,"d":"410,648,032.19"},{"v":394644908.44,"d":"394,644,908.44"},{"v":-315608319.81,"d":"-315,608,319.81"},{"v":-303264396.64,"d":"-303,264,396.64"},{"$f":"SUM(X7:X55)","v":{"v":3479788.8,"d":"3,479,788.80"}}]
["被评估单位填表人：黄照雄"]
["填表日期：2021年11月6日"]
[]
[]
[{"$nulls":23},{"v":14995547.6,"d":"14,995,547.60"},0]
[{"$nulls":23},{"v":3479788.8,"d":"3,479,788.80"},0]
[{"$nulls":23},0,0]
[{"$nulls":23},0,0]
[{"$nulls":23},0,0]
[{"$nulls":23},0,0]
[{"$nulls":23},{"v":18475336.4,"d":"18,475,336.40"},0]
[{"$nulls":23},0,0]

{"sheet":"机器设备","index":5,"n_rows":231,"n_cols":19,"rows_kept":231,"merged":[[1,0,1,18],[2,0,2,18],[5,0,6,0],[5,1,6,1],[5,2,6,2],[5,3,6,3],[5,4,6,4],[5,7,6,7],[5,8,6,8],[5,9,6,9],[5,10,6,10],[5,13,5,14],[5,15,5,16],[5,17,6,17],[5,18,6,18],[218,0,218,4],[219,17,219,18]]}
["返回","返回索引","被评估单位填表人：:黄照雄         填表日期：2021年11月6日             评估人员：何廷培、吴贤青      "]
["固定资产-机器设备评估明细表"]
["评估基准日：2021年9月30日"]
[{"$nulls":18},"表4-6-2-1"]
["被评估单位：贵州鑫悦煤炭有限公司",{"$nulls":17},"金额单位：人民币元"]
["序号","设备编号","设备名称","规格型号","生产厂家","重量","计量","数量","实盘数","购置\n日期","启用\n日期","存放","他项","审计前账面价值",null,"审计调整",null,"清算价值","备注"]
[{"$nulls":5},"(T)","单位",{"$nulls":4},"地点","权利","原值","净值","原值","净值"]
[1,0,"矿用隔爆型真空磁力启动器","QBZ-80-660(380)",0,0,0,0,0,"2010-11-01","2010-11-01","姜家堰煤矿","无",{"v":49800,"d":"49,800.00"},{"v":7504.62,"d":"7,504.62"},0,0,{"v":3689.2,"d":"3,689.20"},"井下"]
[2,0,"矿用隔爆型真空磁力启动器","QBZ-120-660(380)",0,0,0,0,0,"2010-11-01","2010-11-01","姜家堰煤矿","无",{"v":29230,"d":"29,230.00"},{"v":4404.87,"d":"4,404.87"},0,0,{"v":2171.2,"d":"2,171.20"},"井下"]
[3,0,"矿用隔爆型真空磁力启动器","QBZ-120N-660(380)",0,0,0,0,0,"2010-11-01","2010-11-01","姜家堰煤矿","无",{"v":6500,"d":"6,500.00"},979.55,0,0,{"v":312,"d":"312.00"},"井下"]
[4,0,"矿用隔爆型真空磁力启动器","QBZ-80N-660(380)",0,0,0,0,0,"2010-11-01","2010-11-01","姜家堰煤矿","无",{"v":4330,"d":"4,330.00"},652.53,0,0,{"v":210,"d":"210.00"},"井下"]
[5,0,"矿用隔爆型真空磁力启动器","QBZ-2×80-660(380)",0,0,0,0,0,"2010-11-01","2010-11-01","姜家堰煤矿","无",{"v":42220,"d":"42,220.00"},{"v":6362.37,"d":"6,362.37"},0,0,{"v":3137.2,"d":"3,137.20"},"井下"]
[6,0,"矿用隔爆型真空磁力启动器","QBZ-60-660(380)",0,0,0,0,0,"2010-11-01","2010-11-01","姜家堰煤矿","无",{"v":34650,"d":"34,650.00"},{"v":5221.62,"d":"5,221.62"},0,0,{"v":2576,"d":"2,576.00"},"井下"]
[7,0,"矿用隔爆型照明综合保护装置","ZBZ4",0,0,0,0,0,"2010-11-01","2010-11-01","姜家堰煤矿","无",{"v":6500,"d":"6,500.00"},979.55,0,0,{"v":312,"d":"312.00"},"井下"]
[8,0,"矿用隔爆型双风机双电源启动器(智能型）","QBZ-4x80-660(380)",0,0,0,0,0,"2013-04-30","2013-04-30","姜家堰煤矿","无",{"v":2170,"d":"2,170.00"},496.37,0,0,{"v":172.8,"d":"172.80"},"井下"]
[9,0,"矿用隔爆兼真空本质安全型真空电磁启动器","QJZ-200",0,0,0,0,0,"2010-03-01","2010-03-01","姜家堰煤矿","无",{"v":2170,"d":"2,170.00"},280.37,0,0,{"v":108,"d":"108.00"},"井下"]
[10,0,"矿用隔爆型真空馈电开关","KBZ-200",0,0,0,0,0,"2010-11-01","2010-11-01","姜家堰煤矿","无",{"v":19490,"d":"19,490.00"},{"v":2937.12,"d":"2,937.12"},0,0,{"v":942,"d":"942.00"},"井下"]
[11,0,"报废开关","各种型号",0,0,0,0,0,"2009-05-01","2009-05-01","姜家堰煤矿","无",{"v":2380,"d":"2,380.00"},243.37,{"v":-2380,"d":"-2,380.00"},-243.37,0,"盘亏"]
[12,0,"矿用隔爆兼真空软启动器","QJR-400",0,0,0,0,0,"2012-03-01","2012-03-01","姜家堰煤矿","无",{"v":8660,"d":"8,660.00"},{"v":1677.87,"d":"1,677.87"},0,0,{"v":460.8,"d":"460.80"},"井下"]
[13,0,"矿用阻燃电缆","MY-95x3+1",0,0,0,0,0,"2010-06-01","2010-06-01","姜家堰煤矿","无",{"v":60630,"d":"60,630.00"},{"v":8331.87,"d":"8,331.87"},0,0,{"v":7265.6,"d":"7,265.60"},"井下"]
[14,0,"矿用阻燃电缆","MY-95x3+1",0,0,0,0,0,"2010-06-01","2010-06-01","姜家堰煤矿","无",{"v":25980,"d":"25,980.00"},{"v":3570.13,"d":"3,570.13"},0,0,{"v":3116,"d":"3,116.00"},"井下"]
[15,0,"矿用阻燃电缆","MY-70x3+1",0,0,0,0,0,"2011-11-01","2011-11-01","姜家堰煤矿","无",{"v":171010,"d":"171,010.00"},{"v":31334.07,"d":"31,334.07"},0,0,{"v":22697.6,"d":"22,697.60"},"井下"]
[16,0,"矿用阻燃电缆","MY-70x3+1",0,0,0,0,0,"2012-02-01","2012-02-01","姜家堰煤矿","无",{"v":57000,"d":"57,000.00"},{"v":10905.62,"d":"10,905.62"},0,0,{"v":8482.4,"d":"8,482.40"},"井下"]
[17,0,"矿用阻燃电缆","MY-70x3+1",0,0,0,0,0,"2012-12-31","2012-12-31","姜家堰煤矿","无",{"v":29230,"d":"29,230.00"},{"v":6457.01,"d":"6,457.01"},0,0,{"v":4455.6,"d":"4,455.60"},"井下"]
[18,0,"矿用阻燃电缆","MY-70x3+1",0,0,0,0,0,"2012-12-31","2012-12-31","姜家堰煤矿","无",{"v":43850,"d":"43,850.00"},{"v":9686.62,"d":"9,686.62"},0,0,{"v":6674,"d":"6,674.00"},"井下"]
[19,0,"矿用阻燃电缆","MY-70x3+1",0,0,0,0,0,"2010-06-01","2010-06-01","姜家堰煤矿","无",{"v":55540,"d":"55,540.00"},{"v":7632.37,"d":"7,632.37"},0,0,{"v":6657.6,"d":"6,657.60"},"井下"]
[20,0,"矿用阻燃电缆","MY-70x3+1",0,0,0,0,0,"2012-12-31","2012-12-31","姜家堰煤矿","无",{"v":43850,"d":"43,850.00"},{"v":9686.62,"d":"9,686.62"},0,0,{"v":6674,"d":"6,674.00"},"井下"]
[21,0,"矿用阻燃电缆","MY-50x3+1",0,0,0,0,0,"2010-01-01","2010-01-01","姜家堰煤矿","无",{"v":79250,"d":"79,250.00"},{"v":9821.87,"d":"9,821.87"},0,0,{"v":9500,"d":"9,500.00"},"井下"]
[22,0,"矿用阻燃电缆","MY-50x3+1",0,0,0,0,0,"2010-01-01","2010-01-01","姜家堰煤矿","无",{"v":50670,"d":"50,670.00"},{"v":6279.87,"d":"6,279.87"},0,0,{"v":6080,"d":"6,080.00"},"井下"]
[23,0,"矿用阻燃电缆","MY-50x3+1",0,0,0,0,0,"2010-01-01","2010-01-01","姜家堰煤矿","无",{"v":58460,"d":"58,460.00"},{"v":7245.37,"d":"7,245.37"},0,0,{"v":6992,"d":"6,992.00"},"井下"]
[24,0,"矿用阻燃电缆","MY-50x3+1",0,0,0,0,0,"2010-01-01","2010-01-01","姜家堰煤矿","无",{"v":25980,"d":"25,980.00"},{"v":3219.87,"d":"3,219.87"},0,0,{"v":3116,"d":"3,116.00"},"井下"]
[25,0,"矿用阻燃电缆","MY-50x3+1",0,0,0,0,0,"2010-01-01","2010-01-01","姜家堰煤矿","无",{"v":25980,"d":"25,980.00"},{"v":3219.87,"d":"3,219.87"},0,0,{"v":3116,"d":"3,116.00"},"井下"]
[26,0,"矿用阻燃电缆","MY-50x3+1",0,0,0,0,0,"2012-12-31","2012-12-31","姜家堰煤矿","无",{"v":38980,"d":"38,980.00"},{"v":8610.87,"d":"8,610.87"},0,0,{"v":5922,"d":"5,922.00"},"井下"]
[27,0,"矿用阻燃电缆","MY-35x3+1",0,0,0,0,0,"2010-01-01","2010-01-01","姜家堰煤矿","无",{"v":101340,"d":"101,340.00"},{"v":12559.62,"d":"12,559.62"},0,0,{"v":12129.6,"d":"12,129.60"},"井下"]
[28,0,"矿用阻燃电缆","MY-35x3+1",0,0,0,0,0,"2010-01-01","2010-01-01","姜家堰煤矿","无",{"v":57170,"d":"57,170.00"},{"v":7085.37,"d":"7,085.37"},0,0,{"v":6855.2,"d":"6,855.20"},"井下"]
[29,0,"矿用阻燃电缆","MY-35x3+1",0,0,0,0,0,"2010-01-01","2010-01-01","姜家堰煤矿","无",{"v":25980,"d":"25,980.00"},{"v":3219.87,"d":"3,219.87"},0,0,{"v":3116,"d":"3,116.00"},"井下"]
[30,0,"矿用阻燃电缆","MY-25x3+1",0,0,0,0,0,"2010-11-01","2010-11-01","姜家堰煤矿","无",{"v":59550,"d":"59,550.00"},{"v":8986.48,"d":"8,986.48"},0,0,{"v":7316.4,"d":"7,316.40"},"井下"]
[31,0,"矿用阻燃电缆","MY-25x3+1",0,0,0,0,0,"2010-11-01","2010-11-01","姜家堰煤矿","无",{"v":61930,"d":"61,930.00"},{"v":9345.62,"d":"9,345.62"},0,0,{"v":7628.4,"d":"7,628.40"},"井下"]
[32,0,"矿用阻燃电缆","MY-25x3+1",0,0,0,0,0,"2010-11-01","2010-11-01","姜家堰煤矿","无",{"v":35730,"d":"35,730.00"},{"v":5391.87,"d":"5,391.87"},0,0,{"v":4399.2,"d":"4,399.20"},"井下"]
[33,0,"矿用阻燃电缆","MY-25x3+1",0,0,0,0,0,"2010-11-01","2010-11-01","姜家堰煤矿","无",{"v":41680,"d":"41,680.00"},{"v":6289.87,"d":"6,289.87"},0,0,{"v":5116.8,"d":"5,116.80"},"井下"]
[34,0,"矿用阻燃电缆","MY-25x3+1",0,0,0,0,0,"2010-11-01","2010-11-01","姜家堰煤矿","无",{"v":59550,"d":"59,550.00"},{"v":8986.48,"d":"8,986.48"},0,0,{"v":7316.4,"d":"7,316.40"},"井下"]
[35,0,"矿用阻燃电缆","MY-25x3+1",0,0,0,0,0,"2012-12-31","2012-12-31","姜家堰煤矿","无",{"v":23820,"d":"23,820.00"},{"v":5261.87,"d":"5,261.87"},0,0,{"v":3628.4,"d":"3,628.40"},"井下"]
[36,0,"矿用阻燃电缆","MY-25x3+1",0,0,0,0,0,"2012-12-31","2012-12-31","姜家堰煤矿","无",{"v":53590,"d":"53,590.00"},{"v":11838.14,"d":"11,838.14"},0,0,{"v":8159.2,"d":"8,159.20"},"井下"]
[37,0,"矿用阻燃电缆","MY-16x3+1",0,0,0,0,0,"2010-11-01","2010-11-01","姜家堰煤矿","无",{"v":16240,"d":"16,240.00"},{"v":2450.68,"d":"2,450.68"},0,0,{"v":1996.8,"d":"1,996.80"},"井下"]
[38,0,"矿用阻燃电缆","MY-16x3+1",0,0,0,0,0,"2010-11-01","2010-11-01","姜家堰煤矿","无",{"v":43310,"d":"43,310.00"},{"v":6535.81,"d":"6,535.81"},0,0,{"v":5319.6,"d":"5,319.60"},"井下"]
[39,0,"矿用阻燃电缆","MY-4x3+1",0,0,0,0,0,"2010-01-01","2010-01-01","姜家堰煤矿","无",{"v":25980,"d":"25,980.00"},{"v":3219.87,"d":"3,219.87"},0,0,{"v":3116,"d":"3,116.00"},"井下"]
[40,0,"矿用阻燃电缆","MY-2.5x3+1",0,0,0,0,0,"2010-11-01","2010-11-01","姜家堰煤矿","无",{"v":194880,"d":"194,880.00"},{"v":29408.64,"d":"29,408.64"},0,0,{"v":23961.6,"d":"23,961.60"},"井下"]
[41,0,"矿用阻燃电缆","MY-1.5x3+1",0,0,0,0,0,"2010-11-01","2010-11-01","姜家堰煤矿","无",{"v":97440,"d":"97,440.00"},{"v":14704.37,"d":"14,704.37"},0,0,{"v":11980.8,"d":"11,980.80"},"井下"]
[42,0,"矿用高压电缆","MYJVV22-35x3",0,0,0,0,0,"2012-02-01","2012-02-01","姜家堰煤矿","无",{"v":162400,"d":"162,400.00"},{"v":31071.62,"d":"31,071.62"},0,0,{"v":24196,"d":"24,196.00"},"井下"]
[43,0,"矿用移动变压器","KBSGZY-630-10-660",0,0,"台",2,2,"2012-11-01","2012-11-01","姜家堰煤矿","无",{"v":238610,"d":"238,610.00"},{"v":51432.79,"d":"51,432.79"},0,0,{"v":36960.8,"d":"36,960.80"},"井下"]
[44,0,"矿用移动变压器","KBSGZY-200-10-660",0,0,"台",2,2,"2013-05-16","2013-05-16","姜家堰煤矿","无",{"v":104700,"d":"104,700.00"},{"v":24215.92,"d":"24,215.92"},0,0,{"v":16569.6,"d":"16,569.60"},"井下"]
[45,0,"矿用变压器","KS11-100KVA-10-0.69",0,0,0,0,0,"2011-06-01","2011-06-01","姜家堰煤矿","无",{"v":77910,"d":"77,910.00"},{"v":13180.7,"d":"13,180.70"},0,0,{"v":10256,"d":"10,256.00"},"井下"]
[46,0,"矿用变压器","KS11-250KVA-10-0.69",0,0,0,0,0,"2011-06-01","2011-06-01","姜家堰煤矿","无",{"v":116870,"d":"116,870.00"},{"v":19771.87,"d":"19,771.87"},0,0,{"v":15408,"d":"15,408.00"},"井下"]
[47,0,"电力变压器","S11-M-250KVA-10-0.4",0,0,"台",2,2,"2011-04-01","2011-04-01","姜家堰煤矿","无",{"v":29220,"d":"29,220.00"},{"v":1564.12,"d":"1,564.12"},0,0,{"v":3920,"d":"3,920.00"},"地面"]
[48,0,"电力变压器","S11-M-500KVA-10-0.4",0,0,"台",1,1,"2011-04-01","2011-04-01","姜家堰煤矿","无",{"v":98120,"d":"98,120.00"},{"v":16071.28,"d":"16,071.28"},0,0,{"v":13232,"d":"13,232.00"},"地面"]
[49,0,"低压配电柜","GGD1-09",0,0,0,0,0,"2011-09-01","2011-09-01","姜家堰煤矿","无",{"v":334440,"d":"334,440.00"},{"v":59335.87,"d":"59,335.87"},{"v":-334440,"d":"-334,440.00"},{"v":-59335.87,"d":"-59,335.87"},0,"盘亏"]
[50,0,"低压配电柜","GGD1-35",0,0,0,0,0,"2011-09-01","2011-09-01","姜家堰煤矿","无",{"v":111480,"d":"111,480.00"},{"v":19778.62,"d":"19,778.62"},{"v":-111480,"d":"-111,480.00"},{"v":-19778.62,"d":"-19,778.62"},0,"盘亏"]
[51,0,"低压配电柜","GGD1-36",0,0,0,0,0,"2011-09-01","2011-09-01","姜家堰煤矿","无",{"v":167220,"d":"167,220.00"},{"v":29667.87,"d":"29,667.87"},{"v":-167220,"d":"-167,220.00"},{"v":-29667.87,"d":"-29,667.87"},0,"盘亏"]
[52,0,"低压配电柜","GGD1-12",0,0,0,0,0,"2011-09-01","2011-09-01","姜家堰煤矿","无",{"v":55740,"d":"55,740.00"},{"v":9889.37,"d":"9,889.37"},{"v":-55740,"d":"-55,740.00"},{"v":-9889.37,"d":"-9,889.37"},0,"盘亏"]
[53,0,"户外隔离开关","GW9-10-630",0,0,0,0,0,"2014-05-30","2014-05-30","姜家堰煤矿","无",{"v":4330,"d":"4,330.00"},{"v":1142.12,"d":"1,142.12"},{"v":-4330,"d":"-4,330.00"},{"v":-1142.12,"d":"-1,142.12"},0,"盘亏"]
[54,0,"高压进线柜","KYN28A-12(Z)-029",0,0,0,0,0,"2011-06-01","2011-06-01","姜家堰煤矿","无",{"v":111480,"d":"111,480.00"},{"v":18875.87,"d":"18,875.87"},{"v":-111480,"d":"-111,480.00"},{"v":-18875.87,"d":"-18,875.87"},0,"盘亏"]
[55,0,"高压计量柜","KYN28A-12(Z)-062",0,0,0,0,0,"2011-06-01","2011-06-01","姜家堰煤矿","无",{"v":111480,"d":"111,480.00"},{"v":18875.87,"d":"18,875.87"},{"v":-111480,"d":"-111,480.00"},{"v":-18875.87,"d":"-18,875.87"},0,"盘亏"]
[56,0,"高压PT柜","KYN28A-12(Z)-050",0,0,0,0,0,"2011-06-01","2011-06-01","姜家堰煤矿","无",{"v":111480,"d":"111,480.00"},{"v":18875.87,"d":"18,875.87"},{"v":-111480,"d":"-111,480.00"},{"v":-18875.87,"d":"-18,875.87"},0,"盘亏"]
[57,0,"高压出线柜","KYN28A-12(Z)-001",0,0,0,0,0,"2011-06-01","2011-06-01","姜家堰煤矿","无",{"v":390180,"d":"390,180.00"},{"v":66065.37,"d":"66,065.37"},{"v":-390180,"d":"-390,180.00"},{"v":-66065.37,"d":"-66,065.37"},0,"盘亏"]
[58,0,"高压联络柜","KYN28A-12(Z)-007",0,0,0,0,0,"2011-06-01","2011-06-01","姜家堰煤矿","无",{"v":55740,"d":"55,740.00"},{"v":9437.87,"d":"9,437.87"},{"v":-55740,"d":"-55,740.00"},{"v":-9437.87,"d":"-9,437.87"},0,"盘亏"]
[59,0,"高压隔离母联","KYN28A-12(Z)-055",0,0,0,0,0,"2011-06-01","2011-06-01","姜家堰煤矿","无",{"v":54130,"d":"54,130.00"},{"v":9178.62,"d":"9,178.62"},{"v":-54130,"d":"-54,130.00"},{"v":-9178.62,"d":"-9,178.62"},0,"盘亏"]
[60,0,"高压放电圈柜","GR-1-03",0,0,0,0,0,"2011-06-01","2011-06-01","姜家堰煤矿","无",{"v":2320,"d":"2,320.00"},392.87,{"v":-2320,"d":"-2,320.00"},-392.87,0,"盘亏"]
[61,0,"高压电容柜","GR-1-02",0,0,0,0,0,"2011-06-01","2011-06-01","姜家堰煤矿","无",{"v":2320,"d":"2,320.00"},392.87,{"v":-2320,"d":"-2,320.00"},-392.87,0,"盘亏"]
[62,0,"高压电缆","YJV22-10kv",0,0,"米",100,100,"2011-06-01","2011-06-01","姜家堰煤矿","无",{"v":136420,"d":"136,420.00"},{"v":23098.62,"d":"23,098.62"},0,0,{"v":17504,"d":"17,504.00"},"地面"]
[63,0,"低压电缆","YJV22-1kv-50",0,0,0,0,0,"2011-09-01","2011-09-01","姜家堰煤矿","无",{"v":162400,"d":"162,400.00"},{"v":28812.76,"d":"28,812.76"},{"v":-162400,"d":"-162,400.00"},{"v":-28812.76,"d":"-28,812.76"},0,"盘亏"]
[64,0,"低压绝缘线","VV-1KV-70",0,0,0,0,0,"2011-09-01","2011-09-01","姜家堰煤矿","无",{"v":108270,"d":"108,270.00"},{"v":19209.12,"d":"19,209.12"},{"v":-108270,"d":"-108,270.00"},{"v":-19209.12,"d":"-19,209.12"},0,"盘亏"]
[65,0,"高压绝缘线","JKLV-10-70",0,0,0,0,0,"2011-06-01","2011-06-01","姜家堰煤矿","无",{"v":130960,"d":"130,960.00"},{"v":22206.61,"d":"22,206.61"},{"v":-130960,"d":"-130,960.00"},{"v":-22206.61,"d":"-22,206.61"},0,"盘亏"]
[66,0,"高压进线柜","KYN28A-12(Z)-029",0,0,0,0,0,"2011-06-01","2011-06-01","姜家堰煤矿","无",{"v":111480,"d":"111,480.00"},{"v":18875.87,"d":"18,875.87"},{"v":-111480,"d":"-111,480.00"},{"v":-18875.87,"d":"-18,875.87"},0,"盘亏"]
[67,0,"高压出线柜","KYN28A-12(Z)-001",0,0,0,0,0,"2011-06-01","2011-06-01","姜家堰煤矿","无",{"v":111480,"d":"111,480.00"},{"v":18875.87,"d":"18,875.87"},{"v":-111480,"d":"-111,480.00"},{"v":-18875.87,"d":"-18,875.87"},0,"盘亏"]
[68,0,"高压PT柜","KYN28A-12(Z)-050",0,0,0,0,0,"2011-06-01","2011-06-01","姜家堰煤矿","无",{"v":111480,"d":"111,480.00"},{"v":18875.87,"d":"18,875.87"},{"v":-111480,"d":"-111,480.00"},{"v":-18875.87,"d":"-18,875.87"},0,"盘亏"]
[69,0,"电杆（阳灯线）","190x12",0,0,"套",1,1,"2011-03-01","2011-03-01","姜家堰煤矿","无",{"v":129920,"d":"129,920.00"},{"v":20978.12,"d":"20,978.12"},0,0,{"v":10521.6,"d":"10,521.60"},"地面"]
[70,0,"电杆（永灯线）","190x12",0,0,"套",1,1,"2011-03-01","2011-03-01","姜家堰煤矿","无",{"v":84450,"d":"84,450.00"},{"v":13636.12,"d":"13,636.12"},0,0,{"v":6835.2,"d":"6,835.20"},"地面"]
[71,0,"防爆电话","KTH112",0,0,0,0,0,"2012-06-01","2012-06-01","姜家堰煤矿","无",{"v":16240,"d":"16,240.00"},{"v":3278.12,"d":"3,278.12"},0,0,{"v":1715.2,"d":"1,715.20"},"井下"]
[72,0,"带式输送机保护装置","KHP-135",0,0,0,0,0,"2012-11-01","2012-11-01","姜家堰煤矿","无",{"v":2170,"d":"2,170.00"},467.13,0,0,{"v":165.6,"d":"165.60"},"井下"]
[73,0,"防爆声光电铃","KZ127",0,0,0,0,0,"2012-06-01","2012-06-01","姜家堰煤矿","无",{"v":4330,"d":"4,330.00"},874.09,0,0,{"v":316.8,"d":"316.80"},"井下"]
[74,0,"防爆日光灯","KZB127",0,0,0,0,0,"2012-06-01","2012-06-01","姜家堰煤矿","无",{"v":54130,"d":"54,130.00"},{"v":10926.37,"d":"10,926.37"},0,0,{"v":5721.6,"d":"5,721.60"},"井下"]
[75,0,"矿用提升绞车","JTPB-1.6x1.5",0,0,0,0,0,"2009-05-01","2009-05-01","姜家堰煤矿","无",{"v":703740,"d":"703,740.00"},{"v":71979.87,"d":"71,979.87"},0,0,{"v":32790,"d":"32,790.00"},"井下"]
[76,0,"矿用提升绞车","JTK-1.2x1.0",0,0,0,0,0,"2010-10-01","2010-10-01","姜家堰煤矿","无",{"v":324800,"d":"324,800.00"},{"v":48065.12,"d":"48,065.12"},0,0,{"v":23211.6,"d":"23,211.60"},"井下"]
[77,0,"矿用提升绞车","JTPB  -1.2x1.0",0,0,0,0,0,"2014-06-25","2014-06-25","姜家堰煤矿","无",{"v":37890,"d":"37,890.00"},{"v":10096.37,"d":"10,096.37"},0,0,{"v":5980,"d":"5,980.00"},"井下"]
[78,0,"调度绞车","JTK-0.8x0.6",0,0,0,0,0,"2009-12-01","2009-12-01","姜家堰煤矿","无",{"v":60630,"d":"60,630.00"},{"v":7341.37,"d":"7,341.37"},0,0,{"v":4107.6,"d":"4,107.60"},"井下"]
[79,0,"调度绞车","JD-1.6-25KW",0,0,0,0,0,"2010-11-01","2010-11-01","姜家堰煤矿","无",{"v":112600,"d":"112,600.00"},{"v":16968.24,"d":"16,968.24"},0,0,{"v":8353.6,"d":"8,353.60"},"井下"]
[80,0,"调度绞车","JD1-11.4KW",0,0,0,0,0,"2013-12-24","2013-12-24","姜家堰煤矿","无",{"v":18410,"d":"18,410.00"},{"v":4608.12,"d":"4,608.12"},0,0,{"v":2432,"d":"2,432.00"},"井下"]
[81,0,"回柱绞车","JH-8",0,0,0,0,0,"2011-06-01","2011-06-01","姜家堰煤矿","无",{"v":30310,"d":"30,310.00"},{"v":5139.62,"d":"5,139.62"},0,0,{"v":3012,"d":"3,012.00"},"井下"]
[82,0,"硅整流充电机","GWZCA",0,0,0,0,0,"2010-06-01","2010-06-01","姜家堰煤矿","无",{"v":4110,"d":"4,110.00"},564.17,0,0,{"v":198,"d":"198.00"},"井下"]
[83,0,"矿用隔爆型可控硅充电机","ZBC-90-72",0,0,0,0,0,"2010-11-01","2010-11-01","姜家堰煤矿","无",{"v":25980,"d":"25,980.00"},{"v":3915.12,"d":"3,915.12"},0,0,{"v":1932,"d":"1,932.00"},"井下"]
[84,0,"矿用隔爆型可控硅充电机","ZBC-90-135",0,0,0,0,0,"2010-11-01","2010-11-01","姜家堰煤矿","无",{"v":51970,"d":"51,970.00"},{"v":7831.62,"d":"7,831.62"},0,0,{"v":3854.8,"d":"3,854.80"},"井下"]
[85,0,"防爆特殊型蓄电池机车","CTY5-6G90",0,0,0,0,0,"2013-12-24","2013-12-24","姜家堰煤矿","无",{"v":124510,"d":"124,510.00"},{"v":31165.12,"d":"31,165.12"},0,0,{"v":16464,"d":"16,464.00"},"井下"]
[86,0,"防爆特殊型蓄电池机车","CTY5-6G90",0,0,0,0,0,"2013-12-24","2013-12-24","姜家堰煤矿","无",{"v":124510,"d":"124,510.00"},{"v":31165.12,"d":"31,165.12"},0,0,{"v":16464,"d":"16,464.00"},"井下"]
[87,0,"防爆特殊型蓄电池机车","XK2.5-6-48           CTY-2.5 -6G   48",0,0,0,0,0,"2008-04-01","2008-04-01","姜家堰煤矿","无",{"v":121260,"d":"121,260.00"},{"v":8158.87,"d":"8,158.87"},0,0,{"v":5868,"d":"5,868.00"},"井下"]
[88,0,"矿用大倾角胶带机","DTL80-15-200、550",0,0,0,0,0,"2012-06-01","2012-06-01","姜家堰煤矿","无",{"v":1461610,"d":"1,461,610.00"},{"v":295281.37,"d":"295,281.37"},0,0,{"v":149465.6,"d":"149,465.60"},"井下"]
[89,0,"矿用大倾角胶带机","DTL80-15-40x2、200",0,0,0,0,0,"2012-06-01","2012-06-01","姜家堰煤矿","无",{"v":541340,"d":"541,340.00"},{"v":109271.87,"d":"109,271.87"},0,0,{"v":55360,"d":"55,360.00"},"井下"]
[90,0,"地面配煤皮带机","DTL80-15-22、50",0,0,0,0,0,"2012-05-01","2012-05-01","姜家堰煤矿","无",{"v":270670,"d":"270,670.00"},{"v":53911.62,"d":"53,911.62"},0,0,{"v":27738.8,"d":"27,738.80"},"井下"]
[91,0,"运输巷皮带机","DTL80-15-40x2           700",0,0,0,0,0,"2012-05-01","2012-05-01","姜家堰煤矿","无",{"v":433070,"d":"433,070.00"},{"v":86258.27,"d":"86,258.27"},0,0,{"v":42904,"d":"42,904.00"},"井下"]
[92,0,"矿用斜井人车","XRC6-6-10",0,0,0,0,0,"2009-05-01","2009-05-01","姜家堰煤矿","无",{"v":59550,"d":"59,550.00"},{"v":6090.87,"d":"6,090.87"},0,0,{"v":2880,"d":"2,880.00"},"井下"]
[93,0,"煤矿地面用防爆抽出式对旋轴流通风机","FBCDZ-No15-55KWx2",0,0,0,0,0,"2009-05-01","2009-05-01","姜家堰煤矿","无",{"v":238190,"d":"238,190.00"},{"v":24362.6,"d":"24,362.60"},0,0,{"v":11382,"d":"11,382.00"},"井下"]
[94,0,"矿用隔爆压入式对旋轴流局部通风机","PBDNo5.6-2x11",0,0,0,0,0,"2010-11-01","2010-11-01","姜家堰煤矿","无",{"v":45040,"d":"45,040.00"},{"v":6787.37,"d":"6,787.37"},0,0,{"v":3293.6,"d":"3,293.60"},"井下"]
[95,0,"矿用隔爆压入式对旋轴流局部通风机","FBLNo5.-5.5+11",0,0,0,0,0,"2011-12-01","2011-12-01","姜家堰煤矿","无",{"v":48720,"d":"48,720.00"},{"v":9046.92,"d":"9,046.92"},0,0,{"v":4935.2,"d":"4,935.20"},"井下"]
[96,0,"矿用隔爆型轴流局部通风机","YBT42-2",0,0,0,0,0,"2010-11-01","2010-11-01","姜家堰煤矿","无",{"v":4550,"d":"4,550.00"},685.62,0,0,{"v":216,"d":"216.00"},"井下"]
[97,0,"焊机","400",0,0,"台",1,1,"2010-06-01","2010-06-01","姜家堰煤矿","无",{"v":8660,"d":"8,660.00"},{"v":1188.87,"d":"1,188.87"},{"v":-8660,"d":"-8,660.00"},{"v":-1188.87,"d":"-1,188.87"},{"v":432,"d":"432.00"},"地面"]
[98,0,"砂轮机","不详",0,0,0,0,0,"2010-11-01","2010-11-01","姜家堰煤矿","无",{"v":430,"d":"430.00"},64.87,{"v":-430,"d":"-430.00"},-64.87,0,"盘亏"]
[99,0,"螺杆空压机","BLT-150A-8   20",0,0,"台",1,1,"2013-04-30","2013-04-30","姜家堰煤矿","无",{"v":173230,"d":"173,230.00"},{"v":39627.12,"d":"39,627.12"},0,0,{"v":22791.6,"d":"22,791.60"},"属于空压机部分"]
[100,0,"螺杆空压机","LG-20-8G",0,0,"台",1,1,"2012-06-01","2012-06-01","姜家堰煤矿","无",{"v":119090,"d":"119,090.00"},{"v":24038.87,"d":"24,038.87"},0,0,{"v":12864,"d":"12,864.00"},"属于空压机部分"]
[101,0,"螺杆空压机","LGJ-13-7",0,0,"台",1,1,"2012-06-01","2012-06-01","姜家堰煤矿","无",{"v":82280,"d":"82,280.00"},{"v":16608.62,"d":"16,608.62"},0,0,{"v":8883.2,"d":"8,883.20"},"属于空压机部分"]
[102,0,"储气罐","5立方",0,0,"台",1,1,"2012-09-01","2012-09-01","姜家堰煤矿","无",{"v":5410,"d":"5,410.00"},{"v":1135.87,"d":"1,135.87"},0,0,{"v":404.8,"d":"404.80"},"属于空压机部分"]
[103,0,"储气罐","0.6立方",0,0,"台",1,1,"2009-06-01","2009-06-01","姜家堰煤矿","无",{"v":7470,"d":"7,470.00"},{"v":784.1,"d":"784.10"},0,0,{"v":366,"d":"366.00"},"属于空压机部分"]
[104,0,"乳化泵","BRW80-20",0,0,"台",1,1,"2012-12-31","2012-12-31","姜家堰煤矿","无",{"v":30310,"d":"30,310.00"},{"v":6692.37,"d":"6,692.37"},0,0,{"v":2355.2,"d":"2,355.20"},"地面"]
[105,0,"矿用隔爆型耙斗装岩机","P30",0,0,0,0,0,"2013-12-23","2013-12-23","姜家堰煤矿","无",{"v":57380,"d":"57,380.00"},{"v":14362.37,"d":"14,362.37"},0,0,{"v":7584,"d":"7,584.00"},"井下"]
[106,0,"矿用隔爆型耙斗装岩机","P30",0,0,0,0,0,"2013-12-23","2013-12-23","姜家堰煤矿","无",{"v":57380,"d":"57,380.00"},{"v":14362.37,"d":"14,362.37"},0,0,{"v":7584,"d":"7,584.00"},"井下"]
[107,0,"煤矿用液压坑道钻机","ZDY-750",0,0,0,0,0,"2013-04-01","2013-04-01","姜家堰煤矿","无",{"v":238190,"d":"238,190.00"},{"v":54487.09,"d":"54,487.09"},0,0,{"v":29913.6,"d":"29,913.60"},"井下"]
[108,0,"矿用履带式扒渣机","ZWL-60",0,0,0,0,0,"2012-11-01","2012-11-01","姜家堰煤矿","无",{"v":270670,"d":"270,670.00"},{"v":58276.37,"d":"58,276.37"},0,0,{"v":34002.4,"d":"34,002.40"},"井下"]
[109,0,"无缝钢管（压风管）","100mm",0,0,0,0,0,"2010-06-01","2010-06-01","姜家堰煤矿","无",{"v":75790,"d":"75,790.00"},{"v":10415.12,"d":"10,415.12"},0,0,{"v":5376.8,"d":"5,376.80"},"井下"]
[110,0,"特种变压器","S9-400",0,0,0,0,0,"2009-06-01","2009-06-01","姜家堰煤矿","无",{"v":12170,"d":"12,170.00"},{"v":1270.38,"d":"1,270.38"},0,0,{"v":1254.4,"d":"1,254.40"},"井下"]
[111,0,"柴油发电机","300KW",0,0,0,0,0,"2007-06-01","2007-06-01","姜家堰煤矿","无",{"v":110430,"d":"110,430.00"},{"v":5521.5,"d":"5,521.50"},0,0,{"v":5214,"d":"5,214.00"},"井下"]
[112,0,"多级耐腐蚀离心泵","125D-25x8",0,0,"台",7,7,"2014-01-31","2014-01-31","姜家堰煤矿","无",{"v":38980,"d":"38,980.00"},{"v":9969.62,"d":"9,969.62"},0,0,{"v":4216,"d":"4,216.00"},"地面"]
[113,0,"多级耐腐蚀离心泵","MD155-67x3",0,0,0,0,0,"2013-08-15","2013-08-15","姜家堰煤矿","无",{"v":28580,"d":"28,580.00"},{"v":6848.76,"d":"6,848.76"},0,0,{"v":2844,"d":"2,844.00"},"井下"]
[114,0,"送水泵2台",0,0,0,0,0,0,"2014-11-30","2014-11-30","姜家堰煤矿","无",{"v":6500,"d":"6,500.00"},{"v":1819.37,"d":"1,819.37"},0,0,{"v":851.2,"d":"851.20"},"井下"]
[115,0,"水泵及配件","100-65-315A",0,0,0,0,0,"2014-11-30","2014-11-30","姜家堰煤矿","无",{"v":8660,"d":"8,660.00"},{"v":2424.12,"d":"2,424.12"},0,0,{"v":1124.8,"d":"1,124.80"},"井下"]
[116,0,"水泵","180-50-315A",0,0,0,0,0,"2013-12-29","2013-12-29","姜家堰煤矿","无",{"v":9960,"d":"9,960.00"},{"v":2493.66,"d":"2,493.66"},0,0,{"v":1016.8,"d":"1,016.80"},"井下"]
[117,0,"不锈钢水泵","80D12-25x9",0,0,0,0,0,"2014-11-30","2014-11-30","姜家堰煤矿","无",{"v":12990,"d":"12,990.00"},{"v":3636.12,"d":"3,636.12"},{"v":-12990,"d":"-12,990.00"},{"v":-3636.12,"d":"-3,636.12"},0,"盘亏"]
[118,0,"多级耐腐蚀离心泵","80D12-25x9",0,0,0,0,0,"2014-11-30","2014-11-30","姜家堰煤矿","无",{"v":38980,"d":"38,980.00"},{"v":10911.12,"d":"10,911.12"},0,0,{"v":5076.8,"d":"5,076.80"},"井下"]
[119,0,"矿用PE排水管","159mm（内125mm)",0,0,0,0,0,"2011-06-01","2011-06-01","姜家堰煤矿","无",{"v":77950,"d":"77,950.00"},{"v":13234.36,"d":"13,234.36"},0,0,{"v":7728,"d":"7,728.00"},"井下"]
[120,0,"矿用PE排水管","159mm（内125mm)",0,0,0,0,0,"2011-06-01","2011-06-01","姜家堰煤矿","无",{"v":144210,"d":"144,210.00"},{"v":24483.87,"d":"24,483.87"},0,0,{"v":14292,"d":"14,292.00"},"井下"]
[121,0,"矿用PE排水管","159mm（内125mm)",0,0,0,0,0,"2011-06-01","2011-06-01","姜家堰煤矿","无",{"v":59760,"d":"59,760.00"},{"v":10146,"d":"10,146.00"},0,0,{"v":5928,"d":"5,928.00"},"井下"]
[122,0,"矿用PE排水管","159mm（内125mm)",0,0,0,0,0,"2011-06-01","2011-06-01","姜家堰煤矿","无",{"v":25980,"d":"25,980.00"},{"v":4410.87,"d":"4,410.87"},0,0,{"v":2580,"d":"2,580.00"},"井下"]
[123,0,"矿用PE排水管","108mm（内100mm)",0,0,0,0,0,"2011-06-01","2011-06-01","姜家堰煤矿","无",{"v":32160,"d":"32,160.00"},{"v":5460.12,"d":"5,460.12"},0,0,{"v":3192,"d":"3,192.00"},"井下"]
[124,0,"无缝钢管（压风管）","108mm",0,0,0,0,0,"2010-06-01","2010-06-01","姜家堰煤矿","无",{"v":59550,"d":"59,550.00"},{"v":8183.37,"d":"8,183.37"},0,0,{"v":4224,"d":"4,224.00"},"井下"]
[125,0,"无缝钢管（压风管）","50mm",0,0,0,0,0,"2010-06-01","2010-06-01","姜家堰煤矿","无",{"v":140750,"d":"140,750.00"},{"v":19342.12,"d":"19,342.12"},0,0,{"v":9988,"d":"9,988.00"},"井下"]
[126,0,"矿用潜水泵","QY15-26-2.2",0,0,0,0,0,"2014-11-30","2014-11-30","姜家堰煤矿","无",{"v":8230,"d":"8,230.00"},{"v":2303.62,"d":"2,303.62"},0,0,{"v":1079.2,"d":"1,079.20"},"井下"]
[127,0,"潜水泵",0,0,0,0,0,0,"2013-12-29","2013-12-29","姜家堰煤矿","无",{"v":4110,"d":"4,110.00"},{"v":1029.1,"d":"1,029.10"},0,0,{"v":421.6,"d":"421.60"},"井下"]
[128,0,"潜水泵",0,0,0,0,0,0,"2013-12-29","2013-12-29","姜家堰煤矿","无",{"v":4110,"d":"4,110.00"},{"v":1029.1,"d":"1,029.10"},0,0,{"v":421.6,"d":"421.60"},"井下"]
[129,0,"潜水泵2台",0,0,0,0,0,0,"2014-11-30","2014-11-30","姜家堰煤矿","无",{"v":8230,"d":"8,230.00"},{"v":2303.62,"d":"2,303.62"},0,0,{"v":1079.2,"d":"1,079.20"},"井下"]
[130,0,"潜水泵2台",0,0,0,0,0,0,"2014-11-30","2014-11-30","姜家堰煤矿","无",{"v":4110,"d":"4,110.00"},{"v":1150.37,"d":"1,150.37"},0,0,{"v":532,"d":"532.00"},"井下"]
[131,0,"潜污泵",0,0,0,0,0,0,"2014-01-31","2014-01-31","姜家堰煤矿","无",{"v":4110,"d":"4,110.00"},{"v":1051.12,"d":"1,051.12"},0,0,{"v":434,"d":"434.00"},"井下"]
[132,0,"潜污泵",0,0,0,0,0,0,"2014-01-31","2014-01-31","姜家堰煤矿","无",{"v":4110,"d":"4,110.00"},{"v":1051.12,"d":"1,051.12"},0,0,{"v":434,"d":"434.00"},"井下"]
[133,0,"潜污泵2台",0,0,0,0,0,0,"2014-11-30","2014-11-30","姜家堰煤矿","无",{"v":8230,"d":"8,230.00"},{"v":2303.62,"d":"2,303.62"},0,0,{"v":1079.2,"d":"1,079.20"},"井下"]
[134,0,"工控主机","PC-600",0,0,"台",1,1,"2010-06-01","2010-06-01","姜家堰煤矿","无",{"v":17320,"d":"17,320.00"},{"v":2377.62,"d":"2,377.62"},0,0,{"v":1258.4,"d":"1,258.40"},"监控室部分"]
[135,0,"一体打印机","ML 2161",0,0,"台",1,1,"2009-11-01","2009-11-01","姜家堰煤矿","无",{"v":920,"d":"920.00"},110.49,0,0,{"v":42,"d":"42.00"},"监控室部分"]
[136,0,"ups备用电源","不详",0,0,"台",1,1,"2009-05-01","2009-05-01","姜家堰煤矿","无",{"v":5630,"d":"5,630.00"},575.87,0,0,{"v":282,"d":"282.00"},"监控室部分"]
[137,0,"井上避雷器","不详",0,0,"台",1,1,"2009-04-01","2009-04-01","姜家堰煤矿","无",{"v":970,"d":"970.00"},96.62,0,0,{"v":48,"d":"48.00"},"监控室部分"]
[138,0,"甲烷传感器","KJ101-45B",0,0,0,0,0,"2009-12-01","2009-12-01","姜家堰煤矿","无",{"v":35730,"d":"35,730.00"},{"v":4326.37,"d":"4,326.37"},0,0,{"v":2427.6,"d":"2,427.60"},"井下"]
[139,0,"设备开停","KJT8",0,0,0,0,0,"2009-06-01","2009-06-01","姜家堰煤矿","无",{"v":25980,"d":"25,980.00"},{"v":2726.87,"d":"2,726.87"},0,0,{"v":1344,"d":"1,344.00"},"井下"]
[140,0,"风速传感器","KGF2",0,0,0,0,0,"2010-05-01","2010-05-01","姜家堰煤矿","无",{"v":9740,"d":"9,740.00"},{"v":1310.62,"d":"1,310.62"},0,0,{"v":474,"d":"474.00"},"井下"]
[141,0,"温度传感器","KGW10",0,0,0,0,0,"2010-09-01","2010-09-01","姜家堰煤矿","无",{"v":8120,"d":"8,120.00"},{"v":1180.12,"d":"1,180.12"},0,0,{"v":396,"d":"396.00"},"井下"]
[142,0,"一氧化碳传感器","GTH500",0,0,0,0,0,"2010-09-01","2010-09-01","姜家堰煤矿","无",{"v":15160,"d":"15,160.00"},{"v":2203.37,"d":"2,203.37"},0,0,{"v":1122.4,"d":"1,122.40"},"井下"]
[143,0,"一氧化碳传感器","GTH500",0,0,0,0,0,"2014-04-01","2014-04-01","姜家堰煤矿","无",{"v":15160,"d":"15,160.00"},{"v":3958.39,"d":"3,958.39"},0,0,{"v":2132,"d":"2,132.00"},"井下"]
[144,0,"水位传感器",0,0,0,0,0,0,"2014-04-01","2014-04-01","姜家堰煤矿","无",{"v":1620,"d":"1,620.00"},{"v":423,"d":"423.00"},0,0,{"v":173.6,"d":"173.60"},"井下"]
[145,0,"压差传感器","KGY5",0,0,0,0,0,"2010-09-01","2010-09-01","姜家堰煤矿","无",{"v":2710,"d":"2,710.00"},393.87,0,0,{"v":132,"d":"132.00"},"井下"]
[146,0,"风门闭锁","KGE8",0,0,0,0,0,"2010-05-01","2010-05-01","姜家堰煤矿","无",{"v":6930,"d":"6,930.00"},932.62,0,0,{"v":336,"d":"336.00"},"井下"]
[147,0,"矿用继电箱","KJ101N-GD",0,0,0,0,0,"2010-11-01","2010-11-01","姜家堰煤矿","无",{"v":4330,"d":"4,330.00"},652.53,0,0,{"v":210,"d":"210.00"},"井下"]
[148,0,"光干涉甲烷测定器","GQJ-1B",0,0,0,0,0,"2010-06-01","2010-06-01","姜家堰煤矿","无",{"v":5200,"d":"5,200.00"},713.87,0,0,{"v":252,"d":"252.00"},"井下"]
[149,0,"矿用馈电闭锁","KGT19",0,0,0,0,0,"2010-11-01","2010-11-01","姜家堰煤矿","无",{"v":1730,"d":"1,730.00"},260.62,0,0,{"v":84,"d":"84.00"},"井下"]
[150,0,"液位传感器","GUY5",0,0,0,0,0,"2010-09-01","2010-09-01","姜家堰煤矿","无",{"v":15590,"d":"15,590.00"},{"v":2265.87,"d":"2,265.87"},0,0,{"v":1159.2,"d":"1,159.20"},"井下"]
[151,0,"甲烷检测报警器","JCB-4",0,0,0,0,0,"2010-06-01","2010-06-01","姜家堰煤矿","无",{"v":24360,"d":"24,360.00"},{"v":3344.12,"d":"3,344.12"},0,0,{"v":1733.6,"d":"1,733.60"},"井下"]
[152,0,"光干涉甲烷测定器校正仪","JTX-2",0,0,0,0,0,"2010-06-01","2010-06-01","姜家堰煤矿","无",{"v":1620,"d":"1,620.00"},222.37,0,0,{"v":78,"d":"78.00"},"井下"]
[153,0,"甲烷传感器校验仪","BQCX11",0,0,0,0,0,"2010-09-01","2010-09-01","姜家堰煤矿","无",{"v":1300,"d":"1,300.00"},188.87,0,0,{"v":60,"d":"60.00"},"井下"]
[154,0,"监控电缆","MHYVR1x4x7-0.43",0,0,0,0,0,"2010-06-01","2010-06-01","姜家堰煤矿","无",{"v":77950,"d":"77,950.00"},{"v":10712,"d":"10,712.00"},0,0,{"v":9332.8,"d":"9,332.80"},"井下"]
[155,0,"矿用隔爆兼不间断电源","KDW28-18",0,0,0,0,0,"2010-03-01","2010-03-01","姜家堰煤矿","无",{"v":9310,"d":"9,310.00"},{"v":1202.62,"d":"1,202.62"},0,0,{"v":450,"d":"450.00"},"井下"]
[156,0,"电源避雷器","ZGB148A-40",0,0,"个",1,1,"2010-09-01","2010-09-01","姜家堰煤矿","无",{"v":2170,"d":"2,170.00"},315.37,0,0,{"v":108,"d":"108.00"},"监控室部分"]
[157,0,"信号避雷器","ZGXL-1J-24",0,0,"个",1,1,"2010-12-01","2010-12-01","姜家堰煤矿","无",{"v":2270,"d":"2,270.00"},348.12,0,0,{"v":108,"d":"108.00"},"监控室部分"]
[158,0,"电视墙","不 详",0,0,"台",1,1,"2010-09-01","2010-09-01","姜家堰煤矿","无",{"v":21650,"d":"21,650.00"},{"v":3146.62,"d":"3,146.62"},0,0,{"v":1646.8,"d":"1,646.80"},"监控室部分"]
[159,0,"大屏显示器","不 详",0,0,"台",1,1,"2010-05-01","2010-05-01","姜家堰煤矿","无",{"v":4110,"d":"4,110.00"},557.35,0,0,{"v":204,"d":"204.00"},"监控室部分"]
[160,0,"视频分配器","WA-202-16",0,0,"台",1,1,"2010-11-01","2010-11-01","姜家堰煤矿","无",{"v":1620,"d":"1,620.00"},244.12,0,0,{"v":84,"d":"84.00"},"监控室部分"]
[161,0,"视频矩阵切换器","16路",0,0,"台",1,1,"2010-11-01","2010-11-01","姜家堰煤矿","无",{"v":5410,"d":"5,410.00"},815.28,0,0,{"v":270,"d":"270.00"},"监控室部分"]
[162,0,"矿用防爆摄像仪","KBA113C",0,0,0,0,0,"2011-06-01","2011-06-01","姜家堰煤矿","无",{"v":60630,"d":"60,630.00"},{"v":10280.87,"d":"10,280.87"},0,0,{"v":3006,"d":"3,006.00"},"井下"]
[163,0,"红外夜视枪","GSA-803",0,0,0,0,0,"2011-06-01","2011-06-01","姜家堰煤矿","无",{"v":3460,"d":"3,460.00"},586.62,0,0,{"v":174,"d":"174.00"},"井下"]
[164,0,"矿灯","ＫＬ５ＬＭ（Ｂ）",0,0,0,0,0,"2011-05-01","2011-05-01","姜家堰煤矿","无",{"v":81200,"d":"81,200.00"},{"v":13548.66,"d":"13,548.66"},{"v":-81200,"d":"-81,200.00"},{"v":-13548.66,"d":"-13,548.66"},0,"盘亏"]
[165,0,"潜水泵","ＱＹ１００－１０８-３　４５ＫＷ",0,0,"台",6,6,"2014-11-30","2014-11-30","姜家堰煤矿","无",{"v":4110,"d":"4,110.00"},{"v":1150.37,"d":"1,150.37"},0,0,{"v":592.8,"d":"592.80"},"地面"]
[166,0,"发电机","IFW-300",0,0,"台",1,1,"2008-06-01","2008-06-01","姜家堰煤矿","无",{"v":68210,"d":"68,210.00"},{"v":4927.91,"d":"4,927.91"},0,0,{"v":3378,"d":"3,378.00"},"地面"]
[167,0,"皮带秤","ＴＤ２１０５",0,0,"台",1,1,"2012-12-31","2012-12-31","姜家堰煤矿","无",{"v":3250,"d":"3,250.00"},717.24,0,0,{"v":257.6,"d":"257.60"},"地面"]
[168,0,"振动筛","自制",0,0,"台",1,1,"2013-07-05","2013-07-05","姜家堰煤矿","无",{"v":30310,"d":"30,310.00"},{"v":7179.01,"d":"7,179.01"},0,0,{"v":3993.6,"d":"3,993.60"},"地面"]
[169,0,"喷浆机","ＰＺ－６Ｂ",0,0,0,0,0,"2013-12-27","2013-12-27","姜家堰煤矿","无",{"v":7360,"d":"7,360.00"},{"v":1842.75,"d":"1,842.75"},0,0,{"v":756.4,"d":"756.40"},"井下"]
[170,0,"锚杆机","MQT",0,0,0,0,0,"2013-12-24","2013-12-24","姜家堰煤矿","无",{"v":11370,"d":"11,370.00"},{"v":2845.87,"d":"2,845.87"},0,0,{"v":1504,"d":"1,504.00"},"井下"]
[171,0,"电源、消防设备","成套",0,0,0,0,0,"2014-03-31","2014-03-31","姜家堰煤矿","无",0,0,0,0,{"v":8407.2,"d":"8,407.20"},"井下"]
[172,0,"电源系统","成套",0,0,0,0,0,"2014-05-30","2014-05-30","姜家堰煤矿","无",0,0,0,0,{"v":4467.2,"d":"4,467.20"},"井下"]
[173,0,"阻燃风筒","Φ600mm",0,0,0,0,0,"2012-12-31","2012-12-31","姜家堰煤矿","无",{"v":7380,"d":"7,380.00"},{"v":1630.3,"d":"1,630.30"},0,0,{"v":561.2,"d":"561.20"},"井下"]
[174,0,"阻燃风筒","Φ600mm",0,0,0,0,0,"2012-12-31","2012-12-31","姜家堰煤矿","无",{"v":6710,"d":"6,710.00"},{"v":1482.28,"d":"1,482.28"},0,0,{"v":515.2,"d":"515.20"},"井下"]
[175,0,"阻燃风筒","Φ600mm",0,0,0,0,0,"2012-12-31","2012-12-31","姜家堰煤矿","无",{"v":3360,"d":"3,360.00"},742.21,0,0,{"v":257.6,"d":"257.60"},"井下"]
[176,0,"阻燃风筒","Φ600mm",0,0,0,0,0,"2012-12-31","2012-12-31","姜家堰煤矿","无",{"v":2680,"d":"2,680.00"},592.07,0,0,{"v":202.4,"d":"202.40"},"井下"]
[177,0,"装载机","50",0,0,"台",1,1,"2010-11-01","2010-11-01","姜家堰煤矿","无",{"v":284430,"d":"284,430.00"},{"v":42862.12,"d":"42,862.12"},{"v":-284430,"d":"-284,430.00"},{"v":-42862.12,"d":"-42,862.12"},{"v":21592.4,"d":"21,592.40"},"地面"]
[178,0,"信息综合监控系统","软件",0,0,"套",1,0,"2013-12-31","2013-12-31","姜家堰煤矿","无",{"v":419600,"d":"419,600.00"},{"v":106223.87,"d":"106,223.87"},{"v":-419600,"d":"-419,600.00"},{"v":-106223.87,"d":"-106,223.87"},0,"盘亏"]
[179,0,"轨道工程","4354",0,0,0,0,0,"2010-11-01","2010-11-01","姜家堰煤矿","无",{"v":1106990,"d":"1,106,990.00"},{"v":167052.34,"d":"167,052.34"},0,0,{"v":79092.4,"d":"79,092.40"},"井下"]
[180,0,"电滚WD","15-1.6-500*800",0,0,0,0,0,"2015-06-30","2015-06-30","姜家堰煤矿","无",{"v":15726.5,"d":"15,726.50"},{"v":4698.94,"d":"4,698.94"},0,0,{"v":2707.2,"d":"2,707.20"},"井下"]
[181,0,"回注绞车",0,0,0,0,0,0,"2016-05-31","2016-05-31","姜家堰煤矿","无",{"v":8119.66,"d":"8,119.66"},{"v":4005.73,"d":"4,005.73"},0,0,{"v":1410,"d":"1,410.00"},"井下"]
[182,0,"多级泵",0,0,0,0,0,0,"2016-06-17","2016-06-17","姜家堰煤矿","无",{"v":28205.12,"d":"28,205.12"},{"v":14016.66,"d":"14,016.66"},0,0,{"v":4925.6,"d":"4,925.60"},"井下"]
[183,0,"氧气传感器",0,0,0,0,0,0,"2016-06-30","2016-06-30","姜家堰煤矿","无",{"v":4188.03,"d":"4,188.03"},{"v":2081.22,"d":"2,081.22"},0,0,{"v":733.2,"d":"733.20"},"井下"]
[184,0,"防爆充电式电锤","GBH36V",0,0,0,0,0,"2016-06-30","2016-06-30","姜家堰煤矿","无",{"v":5299.15,"d":"5,299.15"},{"v":2633.53,"d":"2,633.53"},{"v":-5299.15,"d":"-5,299.15"},{"v":-2633.53,"d":"-2,633.53"},0,"盘亏"]
[185,0,"矿用本安型读卡分站主板","KJ378-F",0,0,0,0,0,"2016-06-30","2016-06-30","姜家堰煤矿","无",{"v":19487.18,"d":"19,487.18"},{"v":9684.24,"d":"9,684.24"},0,0,{"v":3982,"d":"3,982.00"},"井下"]
[186,0,"多级泵",0,0,0,0,0,0,"2016-07-31","2016-07-31","姜家堰煤矿","无",{"v":4713.68,"d":"4,713.68"},{"v":2399.95,"d":"2,399.95"},0,0,{"v":844.8,"d":"844.80"},"井下"]
[187,0,"多参数测定器","CZC型/隔爆器",0,0,0,0,0,"2016-08-23","2016-08-23","姜家堰煤矿","无",{"v":5606.84,"d":"5,606.84"},{"v":2874.85,"d":"2,874.85"},0,0,{"v":998.4,"d":"998.40"},"井下"]
[188,0,"氧气传感器","GYH25",0,0,0,0,0,"2016-12-15","2016-12-15","姜家堰煤矿","无",{"v":7179.49,"d":"7,179.49"},{"v":3907.44,"d":"3,907.44"},0,0,{"v":1313.2,"d":"1,313.20"},"井下"]
[189,0,"张紧绞车减速箱","DSJ80/40",0,0,0,0,0,"2016-12-24","2016-12-24","姜家堰煤矿","无",{"v":9401.71,"d":"9,401.71"},{"v":5116.93,"d":"5,116.93"},0,0,{"v":1705.2,"d":"1,705.20"},"井下"]
[190,0,"潜水泵","7.5Km/80米",0,0,0,0,0,"2017-01-31","2017-01-31","姜家堰煤矿","无",{"v":19871.79,"d":"19,871.79"},{"v":11061.88,"d":"11,061.88"},0,0,{"v":4104,"d":"4,104.00"},"井下"]
[191,0,"监控传输接口","KJ101",0,0,0,0,0,"2017-01-31","2017-01-31","姜家堰煤矿","无",{"v":5213.68,"d":"5,213.68"},{"v":2902.28,"d":"2,902.28"},0,0,{"v":1080,"d":"1,080.00"},"井下"]
[192,0,"人员定位传输接口","KJ378-J",0,0,0,0,0,"2017-01-31","2017-01-31","姜家堰煤矿","无",{"v":4230.77,"d":"4,230.77"},{"v":2355.22,"d":"2,355.22"},0,0,{"v":885.6,"d":"885.60"},"井下"]
[193,0,"矿用隔爆真空交流软启动器","QJR-250/1140(660)",0,0,0,0,0,"2017-05-22","2017-05-22","姜家堰煤矿","无",{"v":25641.03,"d":"25,641.03"},{"v":14966.55,"d":"14,966.55"},0,0,{"v":6100.8,"d":"6,100.80"},"井下"]
[194,0,"QY型中型潜水泵","QY型中型潜水泵",0,0,0,0,0,"2017-07-07","2017-07-07","姜家堰煤矿","无",{"v":40512.81,"d":"40,512.81"},{"v":24286.15,"d":"24,286.15"},0,0,{"v":8514,"d":"8,514.00"},"井下"]
[195,0,"矿用隔爆型馈电开关","KBZ-200/1140",0,0,0,0,0,"2017-07-31","2017-07-31","姜家堰煤矿","无",{"v":8034.19,"d":"8,034.19"},{"v":4854.06,"d":"4,854.06"},0,0,{"v":1694,"d":"1,694.00"},"井下"]
[196,0,"矿用隔爆型馈电开关","KBZ-400/1140",0,0,0,0,0,"2017-07-31","2017-07-31","姜家堰煤矿","无",{"v":8034.19,"d":"8,034.19"},{"v":4854.06,"d":"4,854.06"},0,0,{"v":1694,"d":"1,694.00"},"井下"]
[197,0,"矿用隔爆型馈电开关","KBZ-400/1140",0,0,0,0,0,"2017-07-31","2017-07-31","姜家堰煤矿","无",{"v":8034.19,"d":"8,034.19"},{"v":4854.06,"d":"4,854.06"},0,0,{"v":1694,"d":"1,694.00"},"井下"]
[198,0,"多级泵","155DF-67*3",0,0,0,0,0,"2017-09-22","2017-09-22","姜家堰煤矿","无",{"v":14615.38,"d":"14,615.38"},{"v":9061.53,"d":"9,061.53"},0,0,{"v":3136,"d":"3,136.00"},"井下"]
[199,0,"多级泵","125DF25*8",0,0,0,0,0,"2017-09-22","2017-09-22","姜家堰煤矿","无",{"v":28621.79,"d":"28,621.79"},{"v":17745.47,"d":"17,745.47"},0,0,{"v":6137.6,"d":"6,137.60"},"井下"]
[200,0,"多级泵","125DF25*8",0,0,0,0,0,"2017-09-22","2017-09-22","姜家堰煤矿","无",{"v":25213.68,"d":"25,213.68"},{"v":15632.4,"d":"15,632.40"},0,0,{"v":5398.4,"d":"5,398.40"},"井下"]
[201,0,"离心式多级泵","125DF-25*8",0,0,0,0,0,"2017-09-22","2017-09-22","姜家堰煤矿","无",{"v":28621.79,"d":"28,621.79"},{"v":17745.47,"d":"17,745.47"},0,0,{"v":6137.6,"d":"6,137.60"},"井下"]
[202,0,"馈电开关",0,0,0,0,0,0,"2017-11-30","2017-11-30","姜家堰煤矿","无",{"v":8034.19,"d":"8,034.19"},{"v":5108.48,"d":"5,108.48"},0,0,{"v":1724.8,"d":"1,724.80"},"井下"]
[203,0,"馈电开关",0,0,0,0,0,0,"2017-11-30","2017-11-30","姜家堰煤矿","无",{"v":7863.25,"d":"7,863.25"},{"v":4999.75,"d":"4,999.75"},0,0,{"v":1680,"d":"1,680.00"},"井下"]
[204,0,"工业监测视频摄像头",0,0,0,0,0,0,"2017-12-31","2017-12-31","姜家堰煤矿","无",{"v":8141.03,"d":"8,141.03"},{"v":5240.78,"d":"5,240.78"},0,0,{"v":1747.2,"d":"1,747.20"},"井下"]
[205,0,"矿用隔爆型兼本安型监控分站",0,0,0,0,0,0,"2017-12-31","2017-12-31","姜家堰煤矿","无",{"v":11111.11,"d":"11,111.11"},{"v":7152.91,"d":"7,152.91"},0,0,{"v":2671.2,"d":"2,671.20"},"井下"]
[206,0,"固定矿车","1？",0,0,0,0,0,"2010-06-01","2010-06-01","姜家堰煤矿","无",{"v":128842.11,"d":"128,842.11"},{"v":18137.3,"d":"18,137.30"},0,0,{"v":9152,"d":"9,152.00"},"井下"]
[207,0,"矿用隔爆型真空馈电开关","KBZ9-400",0,0,0,0,0,"2010-11-01","2010-11-01","姜家堰煤矿","无",{"v":10826.15,"d":"10,826.15"},{"v":1631.43,"d":"1,631.43"},0,0,{"v":522,"d":"522.00"},"井下"]
[208,0,"矿用隔爆型真空馈电开关","KBZ9-400",0,0,0,0,0,"2010-11-01","2010-11-01","姜家堰煤矿","无",{"v":59543.85,"d":"59,543.85"},{"v":8972.92,"d":"8,972.92"},0,0,{"v":2880,"d":"2,880.00"},"井下"]
[209,0,"测程仪",0,0,0,"台",0,1,0,0,"姜家堰煤矿","无",0,0,0,0,{"v":168,"d":"168.00"},"盘盈"]
[210,0,"刮板机","SGB620/40T-25M",0,0,"台",1,1,"2016-03-31","2016-03-31","姜家堰煤矿","无",0,0,{"v":36752.14,"d":"36,752.14"},{"v":12748.46,"d":"12,748.46"},{"v":48259.6,"d":"48,259.60"},"地面"]
[211,0,"皮带机",0,0,0,"台",1,1,"2016-03-31","2016-03-31","姜家堰煤矿","无",0,0,{"v":116239.32,"d":"116,239.32"},{"v":40320.52,"d":"40,320.52"},{"v":27579.6,"d":"27,579.60"},"地面"]
["账面余额合计",{"$nulls":6},0,{"$nulls":5},{"v":65766528.03,"d":"65,766,528.03"},{"v":13068683.1,"d":"13,068,683.10"},{"v":-31377405.06,"d":"-31,377,405.06"},{"v":-5163489.54000001,"d":"-5,163,489.54"},{"$f":"SUM(R8:R218)","v":{"v":1336900.4,"d":"1,336,900.40"}}]
["被评估单位填表人：黄照雄"]
["填表日期：2021年11月6日"]
[]
[{"$nulls":17},{"v":1638413.2,"d":"1,638,413.20"},0]
[{"$nulls":17},{"v":1336900.4,"d":"1,336,900.40"},0]
[{"$nulls":17},{"v":394718,"d":"394,718.00"},0]
[{"$nulls":17},{"v":127122,"d":"127,122.00"},0]
[{"$nulls":17},{"v":277129.2,"d":"277,129.20"},0]
[{"$nulls":17},0,0]
[{"$nulls":17},0,0]
[{"$nulls":17},{"v":3774282.8,"d":"3,774,282.80"},0]
[{"$nulls":17},0,0]

{"sheet":"电子设备","index":6,"n_rows":127,"n_cols":17,"rows_kept":127,"merged":[[1,0,1,16],[2,0,2,16],[5,0,6,0],[5,1,6,1],[5,2,6,2],[5,3,6,3],[5,4,6,4],[5,6,6,6],[5,7,6,7],[5,8,6,8],[5,9,6,9],[5,10,6,10],[5,11,5,12],[5,13,5,14],[5,15,6,15],[5,16,6,16],[112,0,112,4],[113,15,113,16]]}
["返回","返回索引","被评估单位填表人：:黄照雄         填表日期：2021年11月6日             评估人员：何廷培、吴贤青      "]
["固定资产-电子设备及其他评估明细表"]
["评估基准日：2021年9月30日"]
[{"$nulls":16},"表4-6-2-3"]
["被评估单位：贵州鑫悦煤炭有限公司",{"$nulls":15},"金额单位：人民币元"]
["序号","设备编号","设备名称","规格型号","生产厂家","计量","数量","实盘数","购置\n日期","启用\n日期","存放地点","审计前账面价值",null,"审计调整",null,"清算价值","备注"]
[{"$nulls":5},"单位",{"$nulls":5},"原值","净值","原值","净值"]
[1,0,"点钞机","小型","科密","个",1,0,"2012-06-01","2012-06-01","姜家堰煤矿",{"v":350,"d":"350.00"},{"v":17.5,"d":"17.50"},{"v":-350,"d":"-350.00"},{"v":-17.5,"d":"-17.50"},0,"盘亏"]
[2,0,"电脑","兼容机","贵阳","套",18,18,"2012-06-01","2012-06-01","姜家堰煤矿",{"v":50400,"d":"50,400.00"},{"v":2520,"d":"2,520.00"},0,0,{"v":2880,"d":"2,880.00"},0]
[3,0,"打印机","HP1136","惠普","台",1,0,"2010-06-01","2010-06-01","姜家堰煤矿",{"v":1000,"d":"1,000.00"},{"v":50,"d":"50.00"},{"v":-1000,"d":"-1,000.00"},{"v":-50,"d":"-50.00"},0,"盘亏"]
[4,0,"办公桌椅","木质","贵阳","套",1,1,"2009-06-01","2009-06-01","姜家堰煤矿",{"v":600,"d":"600.00"},{"v":30,"d":"30.00"},0,0,{"v":48,"d":"48.00"},0]
[5,0,"长铁皮柜","铁质","贵阳","个",1,1,"2009-06-01","2009-06-01","姜家堰煤矿",{"v":500,"d":"500.00"},{"v":25,"d":"25.00"},0,0,{"v":48,"d":"48.00"},0]
[6,0,"床、衣柜","木质","贵阳","套",1,1,"2009-06-01","2009-06-01","姜家堰煤矿",{"v":1200,"d":"1,200.00"},{"v":60,"d":"60.00"},0,0,{"v":108,"d":"108.00"},0]
[7,0,"饮水机","1.5M 简易","贵阳","个",1,1,"2009-06-01","2009-06-01","姜家堰煤矿",{"v":80,"d":"80.00"},{"v":4,"d":"4.00"},0,0,{"v":16,"d":"16.00"},0]
[8,0,"打印机","EPSON L351","爱普生","台",1,0,"2010-06-01","2010-06-01","姜家堰煤矿",{"v":950,"d":"950.00"},{"v":47.5,"d":"47.50"},{"v":-950,"d":"-950.00"},{"v":-47.5,"d":"-47.50"},0,"盘亏"]
[9,0,"长铁皮柜","铁质","贵阳","个",1,1,"2009-06-01","2009-06-01","姜家堰煤矿",{"v":500,"d":"500.00"},{"v":25,"d":"25.00"},0,0,{"v":48,"d":"48.00"},0]
[10,0,"饮水机","1.5M 简易","贵阳","个",1,1,"2009-06-01","2009-06-01","姜家堰煤矿",{"v":80,"d":"80.00"},{"v":4,"d":"4.00"},0,0,{"v":16,"d":"16.00"},0]
[11,0,"床、衣柜","木质","贵阳","套",1,1,"2009-06-01","2009-06-01","姜家堰煤矿",{"v":1200,"d":"1,200.00"},{"v":60,"d":"60.00"},0,0,{"v":108,"d":"108.00"},0]
[12,0,"打印机","HPM1005","惠普","台",1,1,"2012-01-01","2012-01-01","姜家堰煤矿",{"v":1500,"d":"1,500.00"},{"v":75,"d":"75.00"},0,0,{"v":160,"d":"160.00"},0]
[13,0,"饮水机","1.5M 简易","贵阳","个",1,1,"2009-06-01","2009-06-01","姜家堰煤矿",{"v":80,"d":"80.00"},{"v":4,"d":"4.00"},0,0,{"v":16,"d":"16.00"},0]
[14,0,"床、衣柜、床头柜","木质","贵阳","套",1,1,"2009-06-01","2009-06-01","姜家堰煤矿",{"v":1600,"d":"1,600.00"},{"v":80,"d":"80.00"},0,0,{"v":144,"d":"144.00"},0]
[15,0,"铁皮柜","铁质","贵阳","个",1,1,"2009-06-01","2009-06-01","姜家堰煤矿",{"v":150,"d":"150.00"},{"v":7.5,"d":"7.50"},0,0,{"v":12,"d":"12.00"},0]
[16,0,"书柜","木质","贵阳","个",1,1,"2009-06-01","2009-06-01","姜家堰煤矿",{"v":800,"d":"800.00"},{"v":40,"d":"40.00"},0,0,{"v":72,"d":"72.00"},0]
[17,0,"办公桌椅","木质","贵阳","套",1,1,"2009-06-01","2009-06-01","姜家堰煤矿",{"v":600,"d":"600.00"},{"v":30,"d":"30.00"},0,0,{"v":48,"d":"48.00"},0]
[18,0,"床、衣柜","木质","贵阳","套",1,1,"2009-06-01","2009-06-01","姜家堰煤矿",{"v":1200,"d":"1,200.00"},{"v":60,"d":"60.00"},0,0,{"v":108,"d":"108.00"},0]
[19,0,"打印机","HPM1005","惠普","台",1,1,"2012-01-01","2012-01-01","姜家堰煤矿",{"v":1500,"d":"1,500.00"},{"v":75,"d":"75.00"},0,0,{"v":160,"d":"160.00"},0]
[20,0,"打印机","SCX-4521HS","三星","台",1,1,"2010-06-01","2010-06-01","姜家堰煤矿",{"v":1200,"d":"1,200.00"},{"v":60,"d":"60.00"},0,0,{"v":80,"d":"80.00"},0]
[21,0,"打印机","HPM1005","惠普","台",1,0,"2012-01-01","2012-01-01","姜家堰煤矿",{"v":1500,"d":"1,500.00"},{"v":75,"d":"75.00"},{"v":-1500,"d":"-1,500.00"},{"v":-75,"d":"-75.00"},0,"盘亏"]
[22,0,"铁皮柜","铁质","贵阳","个",2,2,"2009-06-01","2009-06-01","姜家堰煤矿",{"v":300,"d":"300.00"},{"v":15,"d":"15.00"},0,0,{"v":24,"d":"24.00"},0]
[23,0,"办公桌椅","木质","贵阳","套",1,1,"2009-06-01","2009-06-01","姜家堰煤矿",{"v":600,"d":"600.00"},{"v":30,"d":"30.00"},0,0,{"v":48,"d":"48.00"},0]
[24,0,"床、衣柜","木质","贵阳","套",1,1,"2009-06-01","2009-06-01","姜家堰煤矿",{"v":1200,"d":"1,200.00"},{"v":60,"d":"60.00"},0,0,{"v":108,"d":"108.00"},0]
[25,0,"打印机","三星SCX-4521HS","三星","台",1,1,"2010-06-01","2010-06-01","姜家堰煤矿",{"v":1500,"d":"1,500.00"},{"v":75,"d":"75.00"},0,0,{"v":80,"d":"80.00"},0]
[26,0,"铁皮柜","铁质","贵阳","个",3,3,"2009-06-01","2009-06-01","姜家堰煤矿",{"v":450,"d":"450.00"},{"v":22.5,"d":"22.50"},0,0,{"v":36,"d":"36.00"},0]
[27,0,"办公桌椅","木质","贵阳","套",1,1,"2009-06-01","2009-06-01","姜家堰煤矿",{"v":600,"d":"600.00"},{"v":30,"d":"30.00"},0,0,{"v":48,"d":"48.00"},0]
[28,0,"沙发两座","皮质","贵阳","套",1,1,"2009-06-01","2009-06-01","姜家堰煤矿",{"v":1800,"d":"1,800.00"},{"v":90,"d":"90.00"},0,0,{"v":156,"d":"156.00"},0]
[29,0,"沙发一座","皮质","贵阳","套",1,1,"2009-06-01","2009-06-01","姜家堰煤矿",{"v":1200,"d":"1,200.00"},{"v":60,"d":"60.00"},0,0,{"v":108,"d":"108.00"},0]
[30,0,"床、衣柜","木质","贵阳","套",1,1,"2009-06-01","2009-06-01","姜家堰煤矿",{"v":1200,"d":"1,200.00"},{"v":60,"d":"60.00"},0,0,{"v":108,"d":"108.00"},0]
[31,0,"床、衣柜","木质","贵阳","套",1,1,"2009-06-01","2009-06-01","姜家堰煤矿",{"v":1200,"d":"1,200.00"},{"v":60,"d":"60.00"},0,0,{"v":108,"d":"108.00"},0]
[32,0,"办公桌椅","木质","贵阳","套",1,1,"2009-06-01","2009-06-01","姜家堰煤矿",{"v":600,"d":"600.00"},{"v":30,"d":"30.00"},0,0,{"v":48,"d":"48.00"},0]
[33,0,"饮水机","1.5M 简易","贵阳","个",1,1,"2009-06-01","2009-06-01","姜家堰煤矿",{"v":80,"d":"80.00"},{"v":4,"d":"4.00"},0,0,{"v":16,"d":"16.00"},0]
[34,0,"床、衣柜","木质","贵阳","套",1,1,"2009-06-01","2009-06-01","姜家堰煤矿",{"v":1200,"d":"1,200.00"},{"v":60,"d":"60.00"},0,0,{"v":108,"d":"108.00"},0]
[35,0,"办公桌椅","木质","贵阳","套",1,1,"2009-06-01","2009-06-01","姜家堰煤矿",{"v":600,"d":"600.00"},{"v":30,"d":"30.00"},0,0,{"v":48,"d":"48.00"},0]
[36,0,"床、办公桌","木质","贵阳","套",1,1,"2009-06-01","2009-06-01","姜家堰煤矿",{"v":1000,"d":"1,000.00"},{"v":50,"d":"50.00"},0,0,{"v":96,"d":"96.00"},0]
[37,0,"打印机","佳能IP1188","佳能","个",1,1,"2010-06-01","2010-06-01","姜家堰煤矿",{"v":200,"d":"200.00"},{"v":10,"d":"10.00"},0,0,{"v":80,"d":"80.00"},0]
[38,0,"办公桌椅、沙发","木质","贵阳","套",1,1,"2009-06-01","2009-06-01","姜家堰煤矿",{"v":1200,"d":"1,200.00"},{"v":60,"d":"60.00"},0,0,{"v":108,"d":"108.00"},0]
[39,0,"办公柜","木质","贵阳","个",1,1,"2009-06-01","2009-06-01","姜家堰煤矿",{"v":800,"d":"800.00"},{"v":40,"d":"40.00"},0,0,{"v":72,"d":"72.00"},0]
[40,0,"饮水机","1.5M 简易","贵阳","个",1,1,"2009-06-01","2009-06-01","姜家堰煤矿",{"v":80,"d":"80.00"},{"v":4,"d":"4.00"},0,0,{"v":16,"d":"16.00"},0]
[41,0,"床、衣柜","木质","贵阳","套",1,1,"2009-06-01","2009-06-01","姜家堰煤矿",{"v":1200,"d":"1,200.00"},{"v":60,"d":"60.00"},0,0,{"v":108,"d":"108.00"},0]
[42,0,"打印机","三星SCX-3200","三星","台",1,1,"2010-06-01","2010-06-01","姜家堰煤矿",{"v":1500,"d":"1,500.00"},{"v":75,"d":"75.00"},0,0,{"v":80,"d":"80.00"},0]
[43,0,"饮水机","1.5M 简易","贵阳","个",1,1,"2009-06-01","2009-06-01","姜家堰煤矿",{"v":80,"d":"80.00"},{"v":4,"d":"4.00"},0,0,{"v":16,"d":"16.00"},0]
[44,0,"办公桌椅","木质","贵阳","套",1,1,"2009-06-01","2009-06-01","姜家堰煤矿",{"v":600,"d":"600.00"},{"v":30,"d":"30.00"},0,0,{"v":48,"d":"48.00"},0]
[45,0,"铁皮柜","铁质","贵阳","个",5,0,"2009-06-01","2009-06-01","姜家堰煤矿",{"v":750,"d":"750.00"},{"v":37.5,"d":"37.50"},{"v":-750,"d":"-750.00"},{"v":-37.5,"d":"-37.50"},0,"盘亏"]
[46,0,"大会议桌","木质","贵阳","张",1,0,"2009-06-01","2009-06-01","姜家堰煤矿",{"v":2000,"d":"2,000.00"},{"v":100,"d":"100.00"},{"v":-2000,"d":"-2,000.00"},{"v":-100,"d":"-100.00"},0,"盘亏"]
[47,0,"会议椅","木质","贵阳","张",9,9,"2009-06-01","2009-06-01","姜家堰煤矿",{"v":1350,"d":"1,350.00"},{"v":67.5,"d":"67.50"},0,0,{"v":108.8,"d":"108.80"},0]
[48,0,"大会议桌","木质","贵阳","张",1,0,"2009-06-01","2009-06-01","姜家堰煤矿",{"v":2000,"d":"2,000.00"},{"v":100,"d":"100.00"},{"v":-2000,"d":"-2,000.00"},{"v":-100,"d":"-100.00"},0,"盘亏"]
[49,0,"会议椅","木质","贵阳","张",23,23,"2009-06-01","2009-06-01","姜家堰煤矿",{"v":3450,"d":"3,450.00"},{"v":172.5,"d":"172.50"},0,0,{"v":272,"d":"272.00"},0]
[50,0,"沙发","皮质","贵阳","张",6,6,"2009-06-01","2009-06-01","姜家堰煤矿",{"v":7200,"d":"7,200.00"},{"v":360,"d":"360.00"},0,0,{"v":636,"d":"636.00"},0]
[51,0,"饮水机","1.5M 简易","贵阳","个",1,1,"2009-06-01","2009-06-01","姜家堰煤矿",{"v":80,"d":"80.00"},{"v":4,"d":"4.00"},0,0,{"v":16,"d":"16.00"},0]
[52,0,"铁皮柜","铁质","贵阳","个",1,0,"2009-06-01","2009-06-01","姜家堰煤矿",{"v":150,"d":"150.00"},{"v":7.5,"d":"7.50"},{"v":-150,"d":"-150.00"},{"v":-7.5,"d":"-7.50"},0,"盘亏"]
[53,0,"保险柜","小型","宝塔","个",1,1,"2009-06-01","2009-06-01","姜家堰煤矿",{"v":800,"d":"800.00"},{"v":40,"d":"40.00"},0,0,{"v":72,"d":"72.00"},0]
[54,0,"办公桌椅","木质","贵阳","套",1,1,"2009-06-01","2009-06-01","姜家堰煤矿",{"v":600,"d":"600.00"},{"v":30,"d":"30.00"},0,0,{"v":48,"d":"48.00"},0]
[55,0,"验钞机","融星RX700","融星","台",1,1,"2010-06-01","2010-06-01","姜家堰煤矿",{"v":450,"d":"450.00"},{"v":22.5,"d":"22.50"},0,0,{"v":64,"d":"64.00"},0]
[56,0,"碎纸机","科密3638","科密","台",1,1,"2010-06-01","2010-06-01","姜家堰煤矿",{"v":500,"d":"500.00"},{"v":25,"d":"25.00"},0,0,{"v":64,"d":"64.00"},0]
[57,0,"打印机","三星SCX-4321HS","三星","台",1,1,"2010-06-01","2010-06-01","姜家堰煤矿",{"v":1500,"d":"1,500.00"},{"v":75,"d":"75.00"},0,0,{"v":80,"d":"80.00"},0]
[58,0,"铁皮柜","铁质","贵阳","个",1,1,"2009-06-01","2009-06-01","姜家堰煤矿",{"v":150,"d":"150.00"},{"v":7.5,"d":"7.50"},0,0,{"v":12,"d":"12.00"},0]
[59,0,"打印机","佳能C5800","佳能","台",1,1,"2012-01-01","2012-01-01","姜家堰煤矿",{"v":5880,"d":"5,880.00"},{"v":294,"d":"294.00"},0,0,{"v":160,"d":"160.00"},0]
[60,0,"电脑刻绘机","精工","尚刻","台",1,1,"2012-01-01","2012-01-01","姜家堰煤矿",{"v":1400,"d":"1,400.00"},{"v":70,"d":"70.00"},0,0,{"v":160,"d":"160.00"},0]
[61,0,"铁皮柜","铁质","贵阳","台",11,11,"2009-06-01","2009-06-01","姜家堰煤矿",{"v":1650,"d":"1,650.00"},{"v":82.5,"d":"82.50"},0,0,{"v":120,"d":"120.00"},0]
[62,0,"保鲜柜","1.5m","贵阳","台",1,1,"2009-06-01","2009-06-01","姜家堰煤矿",{"v":800,"d":"800.00"},{"v":40,"d":"40.00"},0,0,{"v":72,"d":"72.00"},0]
[63,0,"消毒碗柜","1.5m","贵阳","台",1,1,"2009-06-01","2009-06-01","姜家堰煤矿",{"v":800,"d":"800.00"},{"v":40,"d":"40.00"},0,0,0,"已坏"]
[64,0,"冰柜","280L",0,"台",1,1,"2013-03-31","2013-03-31","姜家堰煤矿",{"v":3280,"d":"3,280.00"},{"v":164,"d":"164.00"},0,0,{"v":312,"d":"312.00"},0]
[65,0,"蒸汽柜","1.5m","贵阳","台",1,1,"2009-06-01","2009-06-01","姜家堰煤矿",{"v":800,"d":"800.00"},{"v":40,"d":"40.00"},0,0,{"v":72,"d":"72.00"},0]
[66,0,"保温柜","1.5m","贵阳","台",1,1,"2009-06-01","2009-06-01","姜家堰煤矿",{"v":800,"d":"800.00"},{"v":40,"d":"40.00"},0,0,{"v":72,"d":"72.00"},0]
[67,0,"打印机","HP1005","惠普","台",1,1,"2012-01-01","2012-01-01","姜家堰煤矿",{"v":1500,"d":"1,500.00"},{"v":75,"d":"75.00"},0,0,{"v":160,"d":"160.00"},0]
[68,0,"饮水机","1.5M 简易","贵阳","台",1,1,"2009-06-01","2009-06-01","姜家堰煤矿",{"v":80,"d":"80.00"},{"v":4,"d":"4.00"},0,0,{"v":16,"d":"16.00"},0]
[69,0,"办公桌椅","木质","贵阳","套",1,1,"2009-06-01","2009-06-01","姜家堰煤矿",{"v":600,"d":"600.00"},{"v":30,"d":"30.00"},0,0,{"v":48,"d":"48.00"},0]
[70,0,"大会议桌","木质","贵阳","张",1,1,"2009-06-01","2009-06-01","姜家堰煤矿",{"v":2000,"d":"2,000.00"},{"v":100,"d":"100.00"},0,0,{"v":180,"d":"180.00"},0]
[71,0,"会议椅","木质","贵阳","张",10,10,"2009-06-01","2009-06-01","姜家堰煤矿",{"v":1500,"d":"1,500.00"},{"v":75,"d":"75.00"},0,0,{"v":122.4,"d":"122.40"},0]
[72,0,"组合办公卡座","4个一组","贵阳","张",2,2,"2009-06-01","2009-06-01","姜家堰煤矿",{"v":4800,"d":"4,800.00"},{"v":240,"d":"240.00"},0,0,{"v":420,"d":"420.00"},0]
[73,0,"办公桌椅","木质","贵阳","套",1,1,"2009-06-01","2009-06-01","姜家堰煤矿",{"v":600,"d":"600.00"},{"v":30,"d":"30.00"},0,0,{"v":48,"d":"48.00"},0]
[74,0,"电话交换机","SW2000HK","爱乐","台",1,1,{"v":41274,"d":"41,274.00"},{"v":41274,"d":"41,274.00"},"姜家堰煤矿",{"v":3100,"d":"3,100.00"},{"v":155,"d":"155.00"},0,0,{"v":384,"d":"384.00"},0]
[75,0,"电话交换机","HJD-80A","爱乐","台",1,0,"2012-12-31","2012-12-31","姜家堰煤矿",{"v":3000,"d":"3,000.00"},{"v":150,"d":"150.00"},{"v":-3000,"d":"-3,000.00"},{"v":-150,"d":"-150.00"},0,"盘亏"]
[76,0,"信号避雷器",0,0,0,0,0,"2016-05-31","2016-05-31","姜家堰煤矿",{"v":5128.21,"d":"5,128.21"},256.41,0,0,{"v":1616.8,"d":"1,616.80"},"井下"]
[77,0,"人员定位分站",0,0,0,0,0,"2016-05-31","2016-05-31","姜家堰煤矿",{"v":8205.13,"d":"8,205.13"},410.26,0,0,0,"井下"]
[78,0,"盘元（圆钢）","1.9吨",0,0,0,0,"2016-05-31","2016-05-31","姜家堰煤矿",{"v":6414.53,"d":"6,414.53"},320.73,{"v":-6414.53,"d":"-6,414.53"},-320.73,0,"盘亏"]
[79,0,"抽油烟机排风机",0,0,"套",1,1,"2016-05-31","2016-05-31","姜家堰煤矿",{"v":4000,"d":"4,000.00"},{"v":200,"d":"200.00"},0,0,{"v":544,"d":"544.00"},0]
[80,0,"电脑","组装机",0,"台",1,0,"2016-05-09","2016-05-09","姜家堰煤矿",{"v":5900,"d":"5,900.00"},{"v":295,"d":"295.00"},{"v":-5900,"d":"-5,900.00"},{"v":-295,"d":"-295.00"},0,"盘亏"]
[81,0,"皮带秤",0,0,"台",1,1,"2016-06-30","2016-06-30","姜家堰煤矿",{"v":15800,"d":"15,800.00"},{"v":790,"d":"790.00"},0,0,0,"已坏"]
[82,0,"井下防爆摄像机",0,0,0,0,0,"2016-07-31","2016-07-31","姜家堰煤矿",{"v":4957.26,"d":"4,957.26"},247.86,0,0,{"v":672,"d":"672.00"},"井下"]
[83,0,"风速传感器",0,0,0,0,0,"2016-05-31","2016-05-31","姜家堰煤矿",{"v":4700.86,"d":"4,700.86"},235.04,0,0,{"v":640,"d":"640.00"},"井下"]
[84,0,"得实打印机","AR550","得实","台",1,0,"2016-07-01","2016-07-01","姜家堰煤矿",{"v":1238.42,"d":"1,238.42"},61.92,{"v":-1238.42,"d":"-1,238.42"},-61.92,0,"盘亏"]
[85,0,"电脑","I3/4170  21.5",0,"台",1,0,"2016-12-31","2016-12-31","姜家堰煤矿",{"v":3247.86,"d":"3,247.86"},316.66,{"v":-3247.86,"d":"-3,247.86"},-316.66,0,"盘亏"]
[86,0,"洗衣机","XPB115","水珍珠","台",0,1,{"v":42499,"d":"42,499.00"},{"v":42499,"d":"42,499.00"},"姜家堰煤矿",0,0,0,0,{"v":288,"d":"288.00"},"盘盈"]
[87,0,"冰箱","BCD-166TMPP","海尔","台",0,1,{"v":43379,"d":"43,379.00"},{"v":43379,"d":"43,379.00"},"姜家堰煤矿",0,0,0,0,{"v":1360.8,"d":"1,360.80"},"盘盈"]
[88,0,"烤火炉",0,"思诺洁","台",0,1,{"v":42239,"d":"42,239.00"},{"v":42239,"d":"42,239.00"},"姜家堰煤矿",0,0,0,0,{"v":80,"d":"80.00"},"盘盈"]
[89,0,"海佳洗衣机","XPB115","海佳","台",0,1,{"v":42551,"d":"42,551.00"},{"v":42551,"d":"42,551.00"},"姜家堰煤矿",0,0,0,0,{"v":288,"d":"288.00"},"盘盈"]
[90,0,"联想打印机","M7605D","联想","台",0,1,{"v":42239,"d":"42,239.00"},{"v":42239,"d":"42,239.00"},"姜家堰煤矿",0,0,0,0,{"v":280,"d":"280.00"},"盘盈"]
[91,0,"TCL电视","52寸","TCL","台",0,1,{"v":42239,"d":"42,239.00"},{"v":42239,"d":"42,239.00"},"姜家堰煤矿",0,0,0,0,{"v":280,"d":"280.00"},"盘盈"]
[92,0,"康佳电视","T2ITK827","康佳","台",0,1,{"v":41468,"d":"41,468.00"},{"v":41468,"d":"41,468.00"},"姜家堰煤矿",0,0,0,0,{"v":160,"d":"160.00"},"盘盈"]
[93,0,"监控设备",0,0,"套",0,1,{"v":41364,"d":"41,364.00"},{"v":41364,"d":"41,364.00"},"姜家堰煤矿",0,0,0,0,{"v":80,"d":"80.00"},"盘盈"]
[94,0,"电视机","SAN-2021P","SHANNI","台",0,7,{"v":41364,"d":"41,364.00"},{"v":41364,"d":"41,364.00"},"姜家堰煤矿",0,0,0,0,{"v":1120,"d":"1,120.00"},"盘盈"]
[95,0,"货物架","定制",0,"个",0,2,"2009-06-01","2009-06-01","姜家堰煤矿",0,0,0,0,{"v":80,"d":"80.00"},"盘盈"]
[96,0,"椅子","定制",0,"个",0,5,{"v":40330,"d":"40,330.00"},{"v":40330,"d":"40,330.00"},"姜家堰煤矿",0,0,0,0,{"v":122.4,"d":"122.40"},"盘盈"]
[97,0,"单人沙发","定制",0,"个",0,5,{"v":40330,"d":"40,330.00"},{"v":40330,"d":"40,330.00"},"姜家堰煤矿",0,0,0,0,{"v":1056,"d":"1,056.00"},"盘盈"]
[98,0,"茶几","定制",0,"个",0,5,{"v":40330,"d":"40,330.00"},{"v":40330,"d":"40,330.00"},"姜家堰煤矿",0,0,0,0,{"v":80,"d":"80.00"},"盘盈"]
[99,0,"双人椅","定制",0,"个",0,1,{"v":40330,"d":"40,330.00"},{"v":40330,"d":"40,330.00"},"姜家堰煤矿",0,0,0,0,{"v":27.2,"d":"27.20"},"盘盈"]
[100,0,"办公桌","定制",0,"个",0,2,{"v":40330,"d":"40,330.00"},{"v":40330,"d":"40,330.00"},"姜家堰煤矿",0,0,0,0,{"v":48,"d":"48.00"},"盘盈"]
[101,0,"多人沙发","定制",0,"个",0,2,{"v":40330,"d":"40,330.00"},{"v":40330,"d":"40,330.00"},"姜家堰煤矿",0,0,0,0,{"v":420,"d":"420.00"},"盘盈"]
[102,0,"饮水机",0,0,"台",0,4,{"v":40330,"d":"40,330.00"},{"v":40330,"d":"40,330.00"},"姜家堰煤矿",0,0,0,0,{"v":80,"d":"80.00"},"盘盈"]
[103,0,"床","定制",0,"个",0,3,{"v":40330,"d":"40,330.00"},{"v":40330,"d":"40,330.00"},"姜家堰煤矿",0,0,0,0,{"v":80,"d":"80.00"},"盘盈"]
[]
[]
["账面余额合计",{"$nulls":5},1084,1670,{"$nulls":3},{"v":2947679.23,"d":"2,947,679.23"},{"v":463169.84,"d":"463,169.84"},{"v":-1661663.06,"d":"-1,661,663.06"},{"v":-130233.28,"d":"-130,233.28"},{"$f":"SUM(P8:P112)","v":{"v":18862.4,"d":"18,862.40"}}]
["被评估单位填表人：黄照雄"]
["填表日期：2021年11月6日"]
[]
[]
[]
[{"$nulls":15},{"v":792360,"d":"792,360.00"},{"v":792360,"d":"792,360.00"}]
[{"$nulls":15},{"v":18862.4,"d":"18,862.40"},{"v":18862.4,"d":"18,862.40"}]
[{"$nulls":15},{"v":28449.6,"d":"28,449.60"},{"v":28449.6,"d":"28,449.60"}]
[{"$nulls":15},{"v":25521.6,"d":"25,521.60"},{"v":25521.6,"d":"25,521.60"}]
[{"$nulls":15},{"v":10804.8,"d":"10,804.80"},{"v":10804.8,"d":"10,804.80"}]
[{"$nulls":15},0,0]
[{"$nulls":15},{"v":75957.6,"d":"75,957.60"},{"v":75957.6,"d":"75,957.60"}]
[{"$nulls":15},{"v":951956,"d":"951,956.00"},{"v":951956,"d":"951,956.00"}]
[{"$nulls":15},0]

{"sheet":"矿业权","index":7,"n_rows":17,"n_cols":15,"rows_kept":17,"merged":[[1,0,1,14],[5,0,6,0],[5,1,6,1],[5,3,6,3],[5,4,6,4],[5,5,6,5],[5,6,6,6],[5,7,6,7],[5,10,6,10],[5,11,6,11],[5,12,6,12],[5,13,6,13],[5,14,6,14],[14,0,14,3],[15,12,15,14]]}
["返回","返回索引","被评估单位填表人：:黄照雄        填表日期：2021年11月6日             评估人员：何廷培、吴贤青      "]
["无形资产—矿业权评估明细表"]
["评估基准日：2021年9月30日"]
[{"$nulls":14},"表4-12-2"]
["被评估单位：贵州鑫悦煤炭有限公司",{"$nulls":13},"金额单位：人民币元"]
["序号","名称、种类","勘察（采矿）","取得方式","取得日期","剩余有效年限","勘察开发阶段","核定生产规模","他项","原始","审计前账面价值","审计调整","评估价值","清算价值","备注"]
[null,null,"许可证编号",{"$nulls":5},"权利","入账价值"]
[1,"贵州鑫悦煤炭有限公司息烽县永靖镇姜家堰煤矿采矿权","C5200002013091120131217","出让","2016-11-16",0,0,"9万吨","广西铁投吉鸿融资性担保有限公司",{"v":130117219.56,"d":"130,117,219.56"},{"v":128895527.76,"d":"128,895,527.76"},{"v":-3925628.69,"d":"-3,925,628.69"},{"v":124969899.07,"d":"124,969,899.07"},{"v":49987959.628,"d":"49,987,959.63"},0]
[]
[]
[]
[]
[]
[]
["合    计",{"$nulls":8},{"v":678594337.66,"d":"678,594,337.66"},{"v":576106426.8,"d":"576,106,426.80"},{"v":-183305433.38,"d":"-183,305,433.38"},{"v":404560699.07,"d":"404,560,699.07"},{"v":161824279.628,"d":"161,824,279.63"}]
["被评估单位填表人：黄照雄",{"$nulls":11},"评估人员：何廷培、吴贤青"]
["填表日期：2021年11月6日"]

{"sheet":"长期待摊费用","index":8,"n_rows":20,"n_cols":12,"rows_kept":20,"merged":[[1,0,1,11],[2,0,2,11],[5,0,6,0],[5,1,6,1],[5,2,6,2],[5,7,6,7],[5,8,6,8],[5,9,6,9],[5,10,6,10],[5,11,6,11],[17,0,17,1],[18,9,18,11]]}
["返回","返回索引","被评估单位填表人：:黄照雄        填表日期：2021年11月6日             评估人员：何廷培、吴贤青      "]
["长期待摊费用评估明细表"]
["评估基准日：2021年9月30日"]
[{"$nulls":11},"表4-15"]
["被评估单位：贵州鑫悦煤炭有限公司",{"$nulls":10},"金额单位：人民币元"]
["序号","费用名称或内容","形成日期","原始","预计摊","已摊销","尚存受","审计前账面价值","审计调整","账面价值","清算价值 ","备注"]
[{"$nulls":3},"发生额","销月数","月数","益月数"]
[1,"租赁费","2013-01-30",{"v":1075462.16,"d":"1,075,462"},360,104,256,{"v":767760.18,"d":"767,760"},{"v":-2987.09,"d":"-2,987"},{"v":764773.09,"d":"764,773"},{"v":305909.236,"d":"305,909.24"},0]
{"$rows_empty":9}
["合    计",{"$nulls":6},{"v":1522551.08,"d":"1,522,551.08"},{"v":796912.59,"d":"796,912.59"},{"v":2319463.67,"d":"2,319,463.67"},{"v":927785.468,"d":"927,785.47"}]
["被评估单位填表人：黄照雄",{"$nulls":8},"评估人员：何廷培、吴贤青"]
["填表日期：2021年11月6日"]

{"sheet":"Sheet1","index":9,"n_rows":0,"n_cols":0,"rows_kept":0}